{"text_format":"3","workbook":"xls","n_sheets":5,"sheets":["Sheet5","Sheet1","sheet2","sheet3","sheet4"],"not_rendered":{"external_links":1,"defined_names":2},"read":"whole","date_system":"1900","formulas":"cached_only"}

{"sheet":"Sheet5","index":0,"n_rows":86,"n_cols":5,"rows_kept":86,"flags":["formulas_cached_only"]}
[]
[]
[{"$nulls":3},"数据"]
["物料号","名称","规格","求和项:入库数量","最小值项:采购单价"]
["RP00000003YG","3YG 油缸","(空白)",12,3590]
["RP00000004YG","4YG 油缸","(空白)",300,1640]
["RP00000005YG","5YG 油缸","(空白)",62,7500]
["RP0000004YGE","4YGE 油缸","(空白)",100,1640]
["RP0000005YGE","5YGE 油缸","(空白)",25,7500]
["RP000000B3YG","3YGB 油缸","(空白)",3,3590]
["RP000001LY06","1LY06 拉移千斤顶","(空白)",2,8550]
["RP00000HTY01","HTY01 推移油缸","2700mm",27,41900]
["RP00000HTY02","HTY02 推移油缸","2700mm",16,41900]
["RP00008PZY02","8PZY0402 立缸","(空白)",38,3060]
["RP00008PZY03","8PZY0403 水平缸","(空白)",20,2200]
["RP00012PZY03","12PZY0303 水平缸","(空白)",22,2323]
["RP000A8PZY02","8PZY0402A 立缸","(空白)",8,3300]
["RP000A8PZY03","8PZY0403A 水平缸","(空白)",24,2200]
["RP000B8PZY02","8PZY0402B立缸","(空白)",4,3200]
["RP000D8PZY02","8PZY0402D立缸","(空白)",28,3060]
["RP000QTYG300","QTYG100300  调整油缸","(空白)",4,1350]
["RP0012PZY03E","12PZY0303E 水平缸","(空白)",18,2323]
["RP006ZZD0101","6ZZD0101 拉移千斤顶","(空白)",2,3463.2]
["RP00AFDHTG01","FDHTG01A 浮动护套缸","(空白)",45,3108]
["RP00B12PZY02","12PZY0302B 立缸","(空白)",20,3700]
["RP00C12PZY02","12PZY0302C 立缸","(空白)",26,3700]
["RP00FDHTG01E","FDHTG01AE 浮动护套缸","(空白)",38,3108]
["RP00SSYG2701","SSYG2702 伸缩套筒缸","(空白)",25,28240]
["RP00SSYG350A","SSYG3500A 伸缩套筒缸","(空白)",2,49000]
["RP00YG018050","YG018050  插块油缸","(空白)",8,800]
["RP00YG018090","YG018090  插块油缸","(空白)",5,1100]
["RP00YG01809D","YG018090DN  插块油缸","(空白)",2,1100]
["RP00YGA18090","YG018090A  插块油缸","(空白)",5,1100]
["RP00YGA1809D","YG018090AD 插块油缸","(空白)",1,1100]
["RP00YGB18090","YG018090B  插块油缸","(空白)",1,1100]
["RP00YGB1809D","YG018090DB  插块油缸","(空白)",3,800]
["RP010M160102","10M160102A    拉移千斤顶","(空白)",2,9950]
["RP0B12PZY02D","12PZY0302CD 立缸","(空白)",16,3700]
["RP0B12PZY03E","12PZY0302CE 立缸","(空白)",33,3700]
["RP0JWG125250","YG01125250D 油缸","(空白)",1,4000]
["RP0JWG12885B","YG01280850B  机尾油缸组件","(空白)",4,26650]
["RP0JWG200500","YG01200500  机尾油缸","(空白)",2,30000]
["RP0JWG20050A","YG01200500A  机尾油缸","(空白)",2,18500]
["RP0JWG210280","YG02100280 机尾油缸组件","(空白)",12,1200]
["RP0JWG25085D","YG01250850DN 油缸250/850","(空白)",6,24800]
["RP0JWG250A50","YG01250500A  机尾油缸","(空白)",4,17400]
["RP0JWG250B50","YG01250500B  机尾油缸","(空白)",6,32000]
["RP0JWG520200","JWG200/520 机尾油缸","(空白)",6,7315]
["RP0SSYG2701E","SSYG2702E 伸缩套筒缸","(空白)",10,28240]
["RP0YG0214036","YG02140360A 紧链千斤顶","(空白)",7,2940]
["RP0YG0214060","YG02140600A 紧链千斤顶","(空白)",6,3770]
["RP0YG0250800","YG0250800 油缸","(空白)",42,1950]
["RP0YG0600390","YG06100390油缸","(空白)",1,2500]
["RP0YG1250850","YG01250850 油缸250/850","(空白)",4,24800]
["RP0YG125085D","YG01250850D 机尾油缸","(空白)",2,46000]
["RP0YG2140360","YG02140360  油缸","(空白)",6,2865]
["RP0YG2631500","YG02631500 油缸","(空白)",4,3960]
["RP0YGS018430","YGS0180430 推板油缸","(空白)",68,2200]
["RP0YJ0163650","YG0163650   油缸","(空白)",138,2300]
["RP0YJ1100280","YG01100280D 油缸","(空白)",2,1200]
["RP0YJ1160330","YG01160330 油缸","(空白)",10,4160]
["RP135S010707","135S010707  千斤顶","(空白)",71,931]
["RP135S01070A","135S010707A  千斤顶","(空白)",39,931]
["RP135S01070E","135S010707E  千斤顶","(空白)",10,931]
["RP135S01070H","135S010707H  千斤顶","(空白)",1,2600]
["RP135S01070K","135S010707K  千斤顶","行程1000",2,4460]
["RP182S150501","182S00/01150501 油缸","(空白)",10,500]
["RP182S15050B","182S00/01150501B 油缸","(空白)",3,800]
["RP182S15050C","182S00/01150501C 油缸","(空白)",2,500]
["RP5012PZYSS1","自移机尾液控装置","(空白)",5,11690]
["RP70JWYG2550","JWYG250/500 机尾伸缩油缸","(空白)",1,7800]
["RPA0000HTY01","HTY01 推移油缸(进口密封)","2700mm",2,43000]
["RPA00A8PZY03","8PZY0403A 水平缸(进口密封)","(空白)",2,3000]
["RPA00D8PZY02","8PZY0402D立缸(进口密封)","(空白)",4,4200]
["RPA0FDHTG01E","FDHTG01AE 浮动护套缸(进口密封)","(空白)",2,3908]
["RPAYJ1160330","YG01160330A 油缸","(空白)",10,4160]
["RPDYJ1160330","YG01160330D 油缸","(空白)",1,4160]
["RPDYJ116033A","YG01160330DA 油缸","(空白)",1,4160]
["RPF000000080","YG0250110 提勾油缸","YG0250110",4,500]
["RPF000000081","YG031801600 推移油缸","YG031801600",4,9500]
["RPF000000085","调偏油缸","JYSG01",8,1080]
["RPF000000086","调平缸","JYPG01",4,3400]
["RPF000000087","油缸","JYZTG01",2,3200]
["RPF000000088","机尾油缸","JYWG01",2,37600]
["(空白)","(空白)","(空白)",1480]
["总计",null,null,2960,500]

{"sheet":"Sheet1","index":1,"n_rows":403,"n_cols":43,"rows_kept":403,"flags":["formulas_cached_only"]}
["财务","物料号","名称","规格","图号/国标","接收单号","登记数量","单位","入库数量","计划单价","计划金额","实际单价","实际金额","税额","运杂费","运杂费税","模具费","模具税","发票号","结算方式","入库人","通检数量","检验人","退回数量","让步数量","需求日期","到货日期","检验日期","入库日期","库房号","区","采购订单号","供应商代码","审核日期","审核人","发票日期","打印","验收说明","车皮号","登记人","采购单价","净重","工艺重量"]
["Y","RP00000003YG","3YG 油缸",null,"3YG","GO-0473473",4,"件",4,3205,{"v":12820,"d":"12820.00"},3176.99,12707.96,1652.04,{"v":0,"d":"0.00"},0,0,0,"00599487-94","支票","徐健(1740)",4,"徐健(1740)",0,0,"2017-10-10","2019-03-08T08:45:28","2019-03-08T15:19:37","2019-03-08T15:19:37","配套件（RP）","68","PO-0356569","山西煤机银利达机械制造有限公司","2019-07-10T08:50:35","康静(0943)","2019-07-08T11:33:08","Y",null,null,"张红武(0478)",3590,165,0]
["Y","RP00000003YG","3YG 油缸",null,"3YG","GO-0454464",3,"件",3,3205,{"v":9615,"d":"9615.00"},3094.83,9284.48,1485.52,{"v":0,"d":"0.00"},0,0,0,"08183335-36","电汇","赵祜源(0913)",3,"赵祜源(0913)",0,0,"2015-11-21","2018-08-10T08:16:06","2018-08-10T15:50:01","2018-08-10T15:50:01","配套件（RP）","68","PO-0342366","山西新百川重工机械有限公司","2018-12-17T11:07:30","康静(0943)","2018-11-29T10:14:12","Y",null,null,"张红武(0478)",3590,165,0]
["Y","RP00000003YG","3YG 油缸",null,"3YG","GO-0476651",2,"件",2,3205,{"v":6410,"d":"6410.00"},{"v":3176.9911,"d":"3176.99"},6353.98,826.02,{"v":0,"d":"0.00"},0,0,0,"08710010-14","电汇","徐健(1740)",2,"徐健(1740)",0,0,"2017-10-10","2019-04-11T08:46:25","2019-04-12T11:15:57","2019-04-12T11:15:57","配套件（RP）","68","PO-0359302","山西新百川重工机械有限公司","2019-06-29T15:43:22","康静(0943)","2019-06-16T08:40:15","Y",null,null,"张红武(0478)",3590,165,0]
["Y","RP00000003YG","3YG 油缸",null,"3YG","GO-0480915",2,"件",2,3205,{"v":6410,"d":"6410.00"},{"v":3176.9911,"d":"3176.99"},6353.98,826.02,{"v":0,"d":"0.00"},0,0,0,"08710010-14","电汇","徐健(1740)",2,"徐健(1740)",0,0,"2017-10-10","2019-05-30T09:01:12","2019-05-31T14:10:10","2019-05-31T14:10:10","配套件（RP）","68","PO-0363531","山西新百川重工机械有限公司","2019-06-29T15:43:22","康静(0943)","2019-06-16T08:40:07","Y",null,null,"张红武(0478)",3590,165,0]
["Y","RP00000003YG","3YG 油缸",null,"3YG","GO-0482107",1,"件",1,3205,{"v":3205,"d":"3205.00"},{"v":3176.9911,"d":"3176.99"},3176.99,413.01,{"v":0,"d":"0.00"},0,0,0,"08710010-14","电汇","徐健(1740)",1,"徐健(1740)",0,0,"2017-10-10","2019-06-12T10:11:58","2019-06-12T15:45:08","2019-06-12T15:45:08","配套件（RP）","68","PO-0362720","山西新百川重工机械有限公司","2019-06-29T15:43:22","康静(0943)","2019-06-16T08:40:12","Y",null,null,"张红武(0478)",3590,165,0]
["Y","RP00000004YG","4YG 油缸",null,"4YG","GO-0455011",8,"件",8,1453,{"v":11624,"d":"11624.00"},1413.79,11310.35,1809.65,{"v":0,"d":"0.00"},0,0,0,"07241517-28","支票","赵祜源(0913)",8,"赵祜源(0913)",0,0,"2017-03-18","2018-08-16T14:31:15","2018-08-16T15:30:56","2018-08-16T15:30:56","配套件（RP）","68","PO-0340300","山西煤机银利达机械制造有限公司","2019-01-17T08:36:55","康静(0943)","2019-01-14T09:43:42","Y",null,null,"张红武(0478)",1640,165,0]
["Y","RP00000004YG","4YG 油缸",null,"4YG","GO-0455740",8,"件",8,1453,{"v":11624,"d":"11624.00"},{"v":1413.7931,"d":"1413.79"},11310.34,1809.66,{"v":0,"d":"0.00"},0,0,0,"07241517-28","支票","赵祜源(0913)",8,"赵祜源(0913)",0,0,"2017-03-18","2018-08-23T17:14:53","2018-08-25T17:14:12","2018-08-25T17:14:12","配套件（RP）","68","PO-0340300","山西煤机银利达机械制造有限公司","2019-01-17T08:36:55","康静(0943)","2019-01-14T09:42:53","Y",null,null,"张红武(0478)",1640,165,0]
["Y","RP00000004YG","4YG 油缸",null,"4YG","GO-0456404",6,"件",6,1453,{"v":8718,"d":"8718.00"},{"v":1413.7931,"d":"1413.79"},8482.76,1357.24,{"v":0,"d":"0.00"},0,0,0,"07241517-28","支票","赵祜源(0913)",6,"赵祜源(0913)",0,0,"2017-03-18","2018-08-30T17:53:35","2018-09-02T09:30:58","2018-09-02T09:30:58","配套件（RP）","68","PO-0342037","山西煤机银利达机械制造有限公司","2019-01-17T08:36:55","康静(0943)","2019-01-14T09:43:07","Y",null,null,"张红武(0478)",1640,165,0]
["Y","RP00000004YG","4YG 油缸",null,"4YG","GO-0456405",2,"件",2,1453,{"v":2906,"d":"2906.00"},{"v":1413.7931,"d":"1413.79"},2827.59,452.41,{"v":0,"d":"0.00"},0,0,0,"07241517-28","支票","赵祜源(0913)",2,"赵祜源(0913)",0,0,"2017-03-18","2018-08-30T17:53:35","2018-09-02T09:30:59","2018-09-02T09:30:59","配套件（RP）","68","PO-0340300","山西煤机银利达机械制造有限公司","2019-01-17T08:36:55","康静(0943)","2019-01-14T09:43:11","Y",null,null,"张红武(0478)",1640,165,0]
["Y","RP00000004YG","4YG 油缸",null,"4YG","GO-0458357",8,"件",8,1453,{"v":11624,"d":"11624.00"},{"v":1413.7931,"d":"1413.79"},11310.34,1809.66,{"v":0,"d":"0.00"},0,0,0,"07241517-28","支票","徐健(1740)",8,"徐健(1740)",0,0,"2017-03-18","2018-09-19T09:17:19","2018-09-20T08:35:51","2018-09-20T08:35:51","配套件（RP）","68","PO-0342037","山西煤机银利达机械制造有限公司","2019-01-17T08:36:55","康静(0943)","2019-01-14T09:43:00","Y",null,null,"张红武(0478)",1640,165,0]
["Y","RP00000004YG","4YG 油缸",null,"4YG","GO-0459448",6,"件",6,1453,{"v":8718,"d":"8718.00"},{"v":1413.7931,"d":"1413.79"},8482.76,1357.24,{"v":0,"d":"0.00"},0,0,0,"07241517-28","支票","徐健(1740)",6,"徐健(1740)",0,0,"2017-03-18","2018-09-30T08:48:32","2018-09-30T18:00:42","2018-09-30T18:00:42","配套件（RP）","68","PO-0342037","山西煤机银利达机械制造有限公司","2019-01-17T08:36:55","康静(0943)","2019-01-14T09:43:02","Y",null,null,"张红武(0478)",1640,165,0]
["Y","RP00000004YG","4YG 油缸",null,"4YG","GO-0459447",2,"件",2,1453,{"v":2906,"d":"2906.00"},{"v":1413.7931,"d":"1413.79"},2827.59,452.41,{"v":0,"d":"0.00"},0,0,0,"07241517-28","支票","徐健(1740)",2,"徐健(1740)",0,0,"2018-06-06","2018-09-30T08:48:32","2018-09-30T18:00:40","2018-09-30T18:00:40","配套件（RP）","68","PO-0344764","山西煤机银利达机械制造有限公司","2019-01-17T08:36:55","康静(0943)","2019-01-14T09:43:21","Y",null,null,"张红武(0478)",1640,165,0]
["Y","RP00000004YG","4YG 油缸",null,"4YG","GO-0460414",8,"件",8,1453,{"v":11624,"d":"11624.00"},{"v":1413.7931,"d":"1413.79"},11310.34,1809.66,{"v":0,"d":"0.00"},0,0,0,"07241517-28","支票","徐健(1740)",8,"徐健(1740)",0,0,"2018-06-06","2018-10-15T08:54:52","2018-10-15T17:51:12","2018-10-15T17:51:12","配套件（RP）","68","PO-0344764","山西煤机银利达机械制造有限公司","2019-01-17T08:36:55","康静(0943)","2019-01-14T09:43:14","Y",null,null,"张红武(0478)",1640,165,0]
["Y","RP00000004YG","4YG 油缸",null,"4YG","GO-0462809",4,"件",4,1453,{"v":5812,"d":"5812.00"},{"v":1413.7931,"d":"1413.79"},5655.17,904.83,{"v":0,"d":"0.00"},0,0,0,"07241517-28","支票","徐健(1740)",4,"徐健(1740)",0,0,"2018-06-06","2018-11-07T14:30:16","2018-11-16T15:24:11","2018-11-16T15:24:11","配套件（RP）","68","PO-0344764","山西煤机银利达机械制造有限公司","2019-01-17T08:36:55","康静(0943)","2019-01-14T09:43:24","Y",null,null,"张红武(0478)",1640,165,0]
["Y","RP00000004YG","4YG 油缸",null,"4YG","GO-0464217",7,"件",7,1453,{"v":10171,"d":"10171.00"},{"v":1413.7931,"d":"1413.79"},9896.55,1583.45,{"v":0,"d":"0.00"},0,0,0,"07241545-49","支票","徐健(1740)",7,"徐健(1740)",0,0,"2018-06-06","2018-11-20T08:56:10","2018-11-20T16:46:58","2018-11-20T16:46:58","配套件（RP）","68","PO-0344764","山西煤机银利达机械制造有限公司","2019-03-11T17:25:52","康静(0943)","2019-03-07T08:38:21","Y",null,null,"张红武(0478)",1640,165,0]
["Y","RP00000004YG","4YG 油缸",null,"4YG","GO-0467014",8,"件",8,1453,{"v":11624,"d":"11624.00"},1413.79,11310.35,1809.65,{"v":0,"d":"0.00"},0,0,0,"07241545-49","支票","徐健(1740)",8,"徐健(1740)",0,0,"2018-06-06","2018-12-18T09:13:30","2018-12-21T10:48:03","2018-12-21T10:48:03","配套件（RP）","68","PO-0344764","山西煤机银利达机械制造有限公司","2019-03-11T17:25:52","康静(0943)","2019-03-07T08:49:37","Y",null,null,"张红武(0478)",1640,165,0]
["Y","RP00000004YG","4YG 油缸",null,"4YG","GO-0468712",8,"件",8,1453,{"v":11624,"d":"11624.00"},{"v":1413.7931,"d":"1413.79"},11310.34,1809.66,{"v":0,"d":"0.00"},0,0,0,"07241577","支票","徐健(1740)",8,"徐健(1740)",0,0,"2018-09-14","2019-01-07T09:23:19","2019-01-09T15:43:32","2019-01-09T15:43:32","配套件（RP）","68","PO-0350154","山西煤机银利达机械制造有限公司","2019-04-22T14:53:01","康静(0943)","2019-04-01T11:44:23","Y",null,null,"张红武(0478)",1640,165,0]
["Y","RP00000004YG","4YG 油缸",null,"4YG","GO-0468711",1,"件",1,1453,{"v":1453,"d":"1453.00"},{"v":1413.7931,"d":"1413.79"},1413.79,226.21,{"v":0,"d":"0.00"},0,0,0,"07241577","支票","徐健(1740)",1,"徐健(1740)",0,0,"2018-06-06","2019-01-07T09:23:19","2019-01-09T15:43:33","2019-01-09T15:43:33","配套件（RP）","68","PO-0344764","山西煤机银利达机械制造有限公司","2019-04-22T14:53:01","康静(0943)","2019-04-01T11:44:38","Y",null,null,"张红武(0478)",1640,165,0]
["Y","RP00000004YG","4YG 油缸",null,"4YG","GO-0471780",8,"件",8,1453,{"v":11624,"d":"11624.00"},1413.79,11310.35,1809.65,{"v":0,"d":"0.00"},0,0,0,"07241577","支票","徐健(1740)",8,"徐健(1740)",0,0,"2018-09-14","2019-02-15T08:48:18","2019-02-22T15:45:27","2019-02-22T15:45:27","配套件（RP）","68","PO-0350154","山西煤机银利达机械制造有限公司","2019-04-22T14:53:01","康静(0943)","2019-04-01T11:44:54","Y",null,null,"张红武(0478)",1640,165,0]
["Y","RP00000004YG","4YG 油缸",null,"4YG","GO-0473475",2,"件",2,1453,{"v":2906,"d":"2906.00"},1451.33,2902.66,377.34,{"v":0,"d":"0.00"},0,0,0,"00599487-94","支票","徐健(1740)",2,"徐健(1740)",0,0,"2018-09-14","2019-03-08T08:45:29","2019-03-08T15:20:02","2019-03-08T15:20:02","配套件（RP）","68","PO-0350154","山西煤机银利达机械制造有限公司","2019-07-10T08:50:35","康静(0943)","2019-07-08T11:36:27","Y",null,null,"张红武(0478)",1640,165,0]
["Y","RP00000004YG","4YG 油缸",null,"4YG","GO-0473474",6,"件",6,1453,{"v":8718,"d":"8718.00"},{"v":1451.3274,"d":"1451.33"},8707.96,1132.04,{"v":0,"d":"0.00"},0,0,0,"00599487-94","支票","徐健(1740)",6,"徐健(1740)",0,0,"2019-01-17","2019-03-08T08:45:29","2019-03-08T15:20:06","2019-03-08T15:20:06","配套件（RP）","68","PO-0356570","山西煤机银利达机械制造有限公司","2019-07-10T08:50:35","康静(0943)","2019-07-08T11:34:50","Y",null,null,"张红武(0478)",1640,165,0]
["Y","RP00000004YG","4YG 油缸",null,"4YG","GO-0476063",8,"件",8,1453,{"v":11624,"d":"11624.00"},{"v":1451.3274,"d":"1451.33"},11610.62,1509.38,{"v":0,"d":"0.00"},0,0,0,"00599487-94","支票","徐健(1740)",8,"徐健(1740)",0,0,"2019-01-17","2019-04-04T09:23:08","2019-04-09T15:43:15","2019-04-09T15:43:15","配套件（RP）","68","PO-0356570","山西煤机银利达机械制造有限公司","2019-07-10T08:50:35","康静(0943)","2019-07-08T11:34:57","Y",null,null,"张红武(0478)",1640,165,0]
["Y","RP00000004YG","4YG 油缸",null,"4YG","GO-0478523",8,"件",8,1453,{"v":11624,"d":"11624.00"},{"v":1451.3274,"d":"1451.33"},11610.62,1509.38,{"v":0,"d":"0.00"},0,0,0,"00599487-94","支票","徐健(1740)",8,"徐健(1740)",0,0,"2019-01-17","2019-04-30T08:35:16","2019-04-30T17:25:32","2019-04-30T17:25:32","配套件（RP）","68","PO-0356570","山西煤机银利达机械制造有限公司","2019-07-10T08:50:35","康静(0943)","2019-07-08T11:33:46","Y",null,null,"张红武(0478)",1640,165,0]
["Y","RP00000004YG","4YG 油缸",null,"4YG","GO-0480017",8,"件",8,1453,{"v":11624,"d":"11624.00"},{"v":1451.3274,"d":"1451.33"},11610.62,1509.38,{"v":0,"d":"0.00"},0,0,0,"00599511-13","支票","徐健(1740)",8,"徐健(1740)",0,0,"2019-01-17","2019-05-20T08:58:40","2019-05-22T11:45:31","2019-05-22T11:45:31","配套件（RP）","68","PO-0356570","山西煤机银利达机械制造有限公司","2019-08-21T14:03:06","康静(0943)","2019-08-07T10:25:50","Y",null,null,"张红武(0478)",1640,165,0]
["Y","RP00000004YG","4YG 油缸",null,"4YG","GO-0480940",4,"件",4,1453,{"v":5812,"d":"5812.00"},{"v":1451.3274,"d":"1451.33"},5805.31,754.69,{"v":0,"d":"0.00"},0,0,0,"00599511-13","支票","徐健(1740)",4,"徐健(1740)",0,0,"2019-04-28","2019-05-30T11:17:17","2019-05-31T14:11:24","2019-05-31T14:11:24","配套件（RP）","68","PO-0362812","山西煤机银利达机械制造有限公司","2019-08-21T14:03:06","康静(0943)","2019-08-07T10:25:47","Y",null,null,"张红武(0478)",1640,165,0]
["N","RP00000004YG","4YG 油缸",null,"4YG","GO-0483508",16,"件",16,1453,{"v":23248,"d":"23248.00"},{"v":0,"d":"0.00"},{"v":0,"d":"0.00"},0,{"v":0,"d":"0.00"},0,0,0,null,"支票","徐健(1740)",16,"徐健(1740)",0,0,"2017-10-10","2019-06-28T09:19:20","2019-06-28T14:34:11","2019-06-28T14:34:11","配套件（RP）","68","PO-0365769","山西煤机银利达机械制造有限公司",null,"",null,"N",null,null,"张红武(0478)",1640,165,0]
["N","RP00000004YG","4YG 油缸",null,"4YG","GO-0484931",6,"件",6,1453,{"v":8718,"d":"8718.00"},{"v":0,"d":"0.00"},{"v":0,"d":"0.00"},0,{"v":0,"d":"0.00"},0,0,0,null,"支票","徐健(1740)",6,"徐健(1740)",0,0,"2017-10-10","2019-07-12T10:40:19","2019-07-12T14:28:38","2019-07-12T14:28:38","配套件（RP）","68","PO-0365769","山西煤机银利达机械制造有限公司",null,"",null,"N",null,null,"张红武(0478)",1640,165,0]
["Y","RP00000004YG","4YG 油缸",null,"4YG","GO-0454465",8,"件",8,1453,{"v":11624,"d":"11624.00"},{"v":1413.7931,"d":"1413.79"},11310.34,1809.66,{"v":0,"d":"0.00"},0,0,0,"08183339-41","电汇","赵祜源(0913)",8,"赵祜源(0913)",0,0,"2017-03-18","2018-08-10T08:16:06","2018-08-10T15:50:05","2018-08-10T15:50:05","配套件（RP）","68","PO-0341419","山西新百川重工机械有限公司","2018-12-17T11:08:21","康静(0943)","2018-11-29T10:39:45","Y",null,null,"张红武(0478)",1640,165,0]
["Y","RP00000004YG","4YG 油缸",null,"4YG","GO-0456751",30,"件",30,1453,{"v":43590,"d":"43590.00"},{"v":1413.7931,"d":"1413.79"},42413.79,6786.21,{"v":0,"d":"0.00"},0,0,0,"08183339-41","电汇","赵祜源(0913)",30,"赵祜源(0913)",0,0,"2018-06-06","2018-09-03T15:11:30","2018-09-03T15:54:43","2018-09-03T15:54:43","配套件（RP）","68","PO-0344401","山西新百川重工机械有限公司","2018-12-17T11:08:21","康静(0943)","2018-11-29T10:39:47","Y",null,null,"张红武(0478)",1640,165,0]
["Y","RP00000004YG","4YG 油缸",null,"4YG","GO-0458648",10,"件",10,1453,{"v":14530,"d":"14530.00"},{"v":1413.7931,"d":"1413.79"},14137.93,2262.07,{"v":0,"d":"0.00"},0,0,0,"08183339-41","支票","徐健(1740)",10,"徐健(1740)",0,0,"2018-06-13","2018-09-21T07:53:40","2018-09-21T15:20:21","2018-09-21T15:20:21","配套件（RP）","68","PO-0346314","山西新百川重工机械有限公司","2018-12-17T11:08:21","康静(0943)","2018-11-29T10:39:41","Y",null,null,"张红武(0478)",1640,165,0]
["Y","RP00000004YG","4YG 油缸",null,"4YG","GO-0460130",20,"件",20,1453,{"v":29060,"d":"29060.00"},{"v":1413.7931,"d":"1413.79"},28275.86,4524.14,{"v":0,"d":"0.00"},0,0,0,"08183339-41","电汇","徐健(1740)",20,"徐健(1740)",0,0,"2018-06-13","2018-10-12T08:18:30","2018-10-15T17:51:26","2018-10-15T17:51:26","配套件（RP）","68","PO-0347806","山西新百川重工机械有限公司","2018-12-17T11:08:21","康静(0943)","2018-11-29T10:39:49","Y",null,null,"张红武(0478)",1640,165,0]
["Y","RP00000004YG","4YG 油缸",null,"4YG","GO-0466013",16,"件",16,1453,{"v":23248,"d":"23248.00"},{"v":1413.7931,"d":"1413.79"},22620.69,3619.31,{"v":0,"d":"0.00"},0,0,0,"08735226-31","电汇","徐健(1740)",16,"徐健(1740)",0,0,"2018-09-14","2018-12-07T11:07:29","2018-12-11T17:38:44","2018-12-11T17:38:44","配套件（RP）","68","PO-0350224","山西新百川重工机械有限公司","2019-01-18T13:40:33","康静(0943)","2019-01-08T15:08:59","Y",null,null,"张红武(0478)",1640,165,0]
["Y","RP00000004YG","4YG 油缸",null,"4YG","GO-0467312",16,"件",16,1453,{"v":23248,"d":"23248.00"},{"v":1413.7931,"d":"1413.79"},22620.69,3619.31,{"v":0,"d":"0.00"},0,0,0,"08735226-31","电汇","徐健(1740)",16,"徐健(1740)",0,0,"2018-09-14","2018-12-21T08:45:22","2018-12-21T16:02:21","2018-12-21T16:02:21","配套件（RP）","68","PO-0350224","山西新百川重工机械有限公司","2019-01-18T13:40:33","康静(0943)","2019-01-08T15:09:03","Y",null,null,"张红武(0478)",1640,165,0]
["Y","RP00000004YG","4YG 油缸",null,"4YG","GO-0471378",2,"件",2,1453,{"v":2906,"d":"2906.00"},1413.79,2827.58,452.42,{"v":0,"d":"0.00"},0,0,0,"08709990-91","电汇","徐健(1740)",2,"徐健(1740)",0,0,"2018-12-05","2019-01-30T13:50:02","2019-01-31T17:30:30","2019-01-31T17:30:30","配套件（RP）","68","PO-0354673","山西新百川重工机械有限公司","2019-04-22T14:54:23","康静(0943)","2019-04-01T11:37:35","Y",null,null,"张红武(0478)",1640,165,0]
["Y","RP00000004YG","4YG 油缸",null,"4YG","GO-0473478",2,"件",2,1453,{"v":2906,"d":"2906.00"},{"v":1413.7931,"d":"1413.79"},2827.59,452.41,{"v":0,"d":"0.00"},0,0,0,"08709990-91","电汇","徐健(1740)",2,"徐健(1740)",0,0,"2018-12-05","2019-03-08T08:46:14","2019-03-08T15:19:53","2019-03-08T15:19:53","配套件（RP）","68","PO-0354673","山西新百川重工机械有限公司","2019-04-22T14:54:23","康静(0943)","2019-04-01T11:37:24","Y",null,null,"张红武(0478)",1640,165,0]
["Y","RP00000004YG","4YG 油缸",null,"4YG","GO-0475582",6,"件",6,1453,{"v":8718,"d":"8718.00"},{"v":1451.3274,"d":"1451.33"},8707.96,1132.04,{"v":0,"d":"0.00"},0,0,0,"08710010-14","电汇","徐健(1740)",6,"徐健(1740)",0,0,"2018-12-05","2019-03-29T08:01:29","2019-03-29T17:20:01","2019-03-29T17:20:01","配套件（RP）","68","PO-0355510","山西新百川重工机械有限公司","2019-06-29T15:43:22","康静(0943)","2019-06-16T08:40:29","Y",null,null,"张红武(0478)",1640,165,0]
["Y","RP00000004YG","4YG 油缸",null,"4YG","GO-0482108",8,"件",8,1453,{"v":11624,"d":"11624.00"},1451.33,11610.63,1509.37,{"v":0,"d":"0.00"},0,0,0,"08710010-14","电汇","徐健(1740)",8,"徐健(1740)",0,0,"2019-04-28","2019-06-12T10:11:58","2019-06-12T15:45:11","2019-06-12T15:45:11","配套件（RP）","68","PO-0364603","山西新百川重工机械有限公司","2019-06-29T15:43:22","康静(0943)","2019-06-16T08:42:45","Y",null,null,"张红武(0478)",1640,165,0]
["Y","RP00000004YG","4YG 油缸",null,"4YG","GO-0484387",12,"件",12,1453,{"v":17436,"d":"17436.00"},{"v":1451.3274,"d":"1451.33"},17415.93,2264.07,{"v":0,"d":"0.00"},0,0,0,"02263459-66","电汇","徐健(1740)",12,"徐健(1740)",0,0,"2017-10-10","2019-07-06T13:28:55","2019-07-06T14:31:25","2019-07-06T14:31:25","配套件（RP）","68","PO-0366255","山西新百川重工机械有限公司","2019-08-21T14:01:26","康静(0943)","2019-08-07T10:41:53","Y",null,null,"张红武(0478)",1640,165,0]
["Y","RP00000004YG","4YG 油缸",null,"4YG","GO-0485970",4,"件",4,1453,{"v":5812,"d":"5812.00"},{"v":1451.3274,"d":"1451.33"},5805.31,754.69,{"v":0,"d":"0.00"},0,0,0,"02263459-66","电汇","徐健(1740)",4,"徐健(1740)",0,0,"2017-10-10","2019-07-23T09:38:10","2019-07-29T07:55:33","2019-07-29T07:55:33","配套件（RP）","68","PO-0366255","山西新百川重工机械有限公司","2019-08-21T14:01:26","康静(0943)","2019-08-07T10:41:44","Y",null,null,"张红武(0478)",1640,165,0]
["Y","RP00000004YG","4YG 油缸",null,"4YG","GO-0485971",8,"件",8,1453,{"v":11624,"d":"11624.00"},{"v":1451.3274,"d":"1451.33"},11610.62,1509.38,{"v":0,"d":"0.00"},0,0,0,"02263459-66","电汇","徐健(1740)",8,"徐健(1740)",0,0,"2019-05-22","2019-07-23T09:38:10","2019-07-29T07:55:31","2019-07-29T07:55:31","配套件（RP）","68","PO-0367680","山西新百川重工机械有限公司","2019-08-21T14:01:26","康静(0943)","2019-08-07T10:41:49","Y",null,null,"张红武(0478)",1640,165,0]
["Y","RP00000004YG","4YG 油缸",null,"4YG","GO-0480889",6,"件",6,1453,{"v":8718,"d":"8718.00"},1451.33,8707.97,1132.03,{"v":0,"d":"0.00"},0,0,0,"12706523","电汇","徐健(1740)",6,"徐健(1740)",0,0,"2019-04-28","2019-05-29T16:45:37","2019-05-31T14:11:51","2019-05-31T14:11:51","配套件（RP）","68","PO-0362721","太重集团榆次液压工业（济南）","2019-06-24T17:35:57","康静(0943)","2019-06-16T08:33:35","Y",null,null,"张红武(0478)",1640,165,0]
["Y","RP00000004YG","4YG 油缸",null,"4YG","GO-0480885",10,"件",10,1453,{"v":14530,"d":"14530.00"},{"v":1451.3274,"d":"1451.33"},14513.27,1886.73,{"v":0,"d":"0.00"},0,0,0,"12706523","电汇","徐健(1740)",10,"徐健(1740)",0,0,"2019-04-28","2019-05-29T16:45:37","2019-05-31T14:11:59","2019-05-31T14:11:59","配套件（RP）","68","PO-0361152","太重集团榆次液压工业（济南）","2019-06-24T17:35:57","康静(0943)","2019-06-16T08:33:21","Y",null,null,"张红武(0478)",1640,165,0]
["Y","RP00000005YG","5YG 油缸",null,"5YG","GO-0455012",4,"件",4,6550,{"v":26200,"d":"26200.00"},6465.52,25862.08,4137.92,{"v":0,"d":"0.00"},0,0,0,"07241517-28","支票","赵祜源(0913)",4,"赵祜源(0913)",0,0,"2017-12-25","2018-08-16T14:31:15","2018-08-16T15:30:58","2018-08-16T15:30:58","配套件（RP）","68","PO-0342038","山西煤机银利达机械制造有限公司","2019-01-17T08:36:55","康静(0943)","2019-01-14T09:44:50","Y",null,null,"张红武(0478)",7500,0,0]
["Y","RP00000005YG","5YG 油缸",null,"5YG","GO-0455741",2,"件",2,6550,{"v":13100,"d":"13100.00"},{"v":6465.5172,"d":"6465.52"},12931.03,2068.97,{"v":0,"d":"0.00"},0,0,0,"07241517-28","支票","赵祜源(0913)",2,"赵祜源(0913)",0,0,"2017-12-25","2018-08-23T17:14:54","2018-08-25T17:14:14","2018-08-25T17:14:14","配套件（RP）","68","PO-0342881","山西煤机银利达机械制造有限公司","2019-01-17T08:36:55","康静(0943)","2019-01-14T09:44:30","Y",null,null,"张红武(0478)",7500,0,0]
["Y","RP00000005YG","5YG 油缸",null,"5YG","GO-0459449",4,"件",4,6550,{"v":26200,"d":"26200.00"},6465.52,25862.07,4137.93,{"v":0,"d":"0.00"},0,0,0,"07241517-28","支票","徐健(1740)",4,"徐健(1740)",0,0,"2017-12-25","2018-09-30T08:48:32","2018-09-30T18:00:52","2018-09-30T18:00:52","配套件（RP）","68","PO-0342881","山西煤机银利达机械制造有限公司","2019-01-17T08:36:55","康静(0943)","2019-01-14T09:44:07","Y",null,null,"张红武(0478)",7500,0,0]
["Y","RP00000005YG","5YG 油缸",null,"5YG","GO-0462810",2,"件",2,6550,{"v":13100,"d":"13100.00"},{"v":6465.5172,"d":"6465.52"},12931.03,2068.97,{"v":0,"d":"0.00"},0,0,0,"07241517-28","支票","徐健(1740)",2,"徐健(1740)",0,0,"2018-07-22","2018-11-07T14:30:16","2018-11-16T15:24:42","2018-11-16T15:24:42","配套件（RP）","68","PO-0344392","山西煤机银利达机械制造有限公司","2019-01-17T08:36:55","康静(0943)","2019-01-14T09:44:35","Y",null,null,"张红武(0478)",7500,0,0]
["Y","RP00000005YG","5YG 油缸",null,"5YG","GO-0465030",2,"件",2,6550,{"v":13100,"d":"13100.00"},6465.52,12931.03,2068.97,{"v":0,"d":"0.00"},0,0,0,"07241545-49","支票","徐健(1740)",2,"徐健(1740)",0,0,"2018-07-22","2018-11-28T13:05:04","2018-12-03T14:13:26","2018-12-03T14:13:26","配套件（RP）","68","PO-0344392","山西煤机银利达机械制造有限公司","2019-03-11T17:25:52","康静(0943)","2019-03-07T08:38:41","Y",null,null,"张红武(0478)",7500,0,0]
["Y","RP00000005YG","5YG 油缸",null,"5YG","GO-0474021",2,"件",2,6550,{"v":13100,"d":"13100.00"},{"v":6637.1681,"d":"6637.17"},13274.34,1725.66,{"v":0,"d":"0.00"},0,0,0,"00599487-94","支票","徐健(1740)",2,"徐健(1740)",0,0,"2018-09-17","2019-03-14T08:57:18","2019-03-15T17:14:02","2019-03-15T17:14:02","配套件（RP）","68","PO-0351771","山西煤机银利达机械制造有限公司","2019-07-10T08:50:35","康静(0943)","2019-07-08T11:35:17","Y",null,null,"张红武(0478)",7500,0,0]
["Y","RP00000005YG","5YG 油缸",null,"5YG","GO-0476854",2,"件",2,6550,{"v":13100,"d":"13100.00"},6637.17,13274.33,1725.67,{"v":0,"d":"0.00"},0,0,0,"00599487-94","支票","徐健(1740)",2,"徐健(1740)",0,0,"2018-09-17","2019-04-12T10:54:19","2019-04-12T17:01:24","2019-04-12T17:01:24","配套件（RP）","68","PO-0351771","山西煤机银利达机械制造有限公司","2019-07-10T08:50:35","康静(0943)","2019-07-08T11:35:29","Y",null,null,"张红武(0478)",7500,0,0]
["Y","RP00000005YG","5YG 油缸",null,"5YG","GO-0478899",4,"件",4,6550,{"v":26200,"d":"26200.00"},6637.17,26548.68,3451.32,{"v":0,"d":"0.00"},0,0,0,"00599511-13","电汇","徐健(1740)",4,"徐健(1740)",0,0,"2018-12-25","2019-05-06T09:16:45","2019-05-06T14:23:53","2019-05-06T14:23:53","配套件（RP）","68","PO-0360399","山西煤机银利达机械制造有限公司","2019-08-21T14:03:06","康静(0943)","2019-08-07T10:26:31","Y",null,null,"张红武(0478)",7500,0,0]
["Y","RP00000005YG","5YG 油缸",null,"5YG","GO-0480018",4,"件",4,6550,{"v":26200,"d":"26200.00"},{"v":6637.1681,"d":"6637.17"},26548.67,3451.33,{"v":0,"d":"0.00"},0,0,0,"00599511-13","电汇","徐健(1740)",4,"徐健(1740)",0,0,"2018-12-25","2019-05-20T08:58:40","2019-05-22T11:45:34","2019-05-22T11:45:34","配套件（RP）","68","PO-0360399","山西煤机银利达机械制造有限公司","2019-08-21T14:03:06","康静(0943)","2019-08-07T10:26:15","Y",null,null,"张红武(0478)",7500,0,0]
["Y","RP00000005YG","5YG 油缸",null,"5YG","GO-0454466",4,"件",4,6550,{"v":26200,"d":"26200.00"},{"v":6465.5172,"d":"6465.52"},25862.07,4137.93,{"v":0,"d":"0.00"},0,0,0,"08183339-41","电汇","赵祜源(0913)",4,"赵祜源(0913)",0,0,"2017-12-01","2018-08-10T08:16:06","2018-08-10T15:50:04","2018-08-10T15:50:04","配套件（RP）","68","PO-0338799","山西新百川重工机械有限公司","2018-12-17T11:08:21","康静(0943)","2018-11-29T10:40:05","Y",null,null,"张红武(0478)",7500,0,0]
["Y","RP00000005YG","5YG 油缸",null,"5YG","GO-0456749",2,"件",2,6550,{"v":13100,"d":"13100.00"},{"v":6465.5172,"d":"6465.52"},12931.03,2068.97,{"v":0,"d":"0.00"},0,0,0,"08183339-41","电汇","赵祜源(0913)",2,"赵祜源(0913)",0,0,"2018-07-22","2018-09-03T15:11:29","2018-09-03T15:54:44","2018-09-03T15:54:44","配套件（RP）","68","PO-0344765","山西新百川重工机械有限公司","2018-12-17T11:08:21","康静(0943)","2018-11-29T10:40:03","Y",null,null,"张红武(0478)",7500,0,0]
["Y","RP00000005YG","5YG 油缸",null,"5YG","GO-0460131",8,"件",8,6550,{"v":52400,"d":"52400.00"},6465.52,51724.15,8275.85,{"v":0,"d":"0.00"},0,0,0,"08183339-41","电汇","徐健(1740)",8,"徐健(1740)",0,0,"2018-07-22","2018-10-12T08:18:30","2018-10-15T17:51:40","2018-10-15T17:51:40","配套件（RP）","68","PO-0344765","山西新百川重工机械有限公司","2018-12-17T11:08:21","康静(0943)","2018-11-29T10:40:51","Y",null,null,"张红武(0478)",7500,0,0]
["Y","RP00000005YG","5YG 油缸",null,"5YG","GO-0465034",6,"件",6,6550,{"v":39300,"d":"39300.00"},{"v":6465.5172,"d":"6465.52"},{"v":38793.1,"d":"38793.10"},6206.9,{"v":0,"d":"0.00"},0,0,0,"08735226-31","电汇","徐健(1740)",6,"徐健(1740)",0,0,"2018-09-17","2018-11-28T13:06:42","2018-12-03T14:17:52","2018-12-03T14:17:52","配套件（RP）","68","PO-0351282","山西新百川重工机械有限公司","2019-01-18T13:40:33","康静(0943)","2019-01-08T15:09:20","Y",null,null,"张红武(0478)",7500,0,0]
["Y","RP00000005YG","5YG 油缸",null,"5YG","GO-0467313",2,"件",2,6550,{"v":13100,"d":"13100.00"},6465.52,12931.04,2068.96,{"v":0,"d":"0.00"},0,0,0,"08735226-31","电汇","徐健(1740)",2,"徐健(1740)",0,0,"2018-09-17","2018-12-21T08:45:22","2018-12-21T16:02:27","2018-12-21T16:02:27","配套件（RP）","68","PO-0350925","山西新百川重工机械有限公司","2019-01-18T13:40:33","康静(0943)","2019-01-08T15:09:31","Y",null,null,"张红武(0478)",7500,0,0]
["Y","RP00000005YG","5YG 油缸",null,"5YG","GO-0480916",2,"件",2,6550,{"v":13100,"d":"13100.00"},6637.17,13274.34,1725.66,{"v":0,"d":"0.00"},0,0,0,"08710010-14","电汇","徐健(1740)",2,"徐健(1740)",0,0,"2018-12-25","2019-05-30T09:01:12","2019-05-31T14:09:55","2019-05-31T14:09:55","配套件（RP）","68","PO-0363532","山西新百川重工机械有限公司","2019-06-29T15:43:22","康静(0943)","2019-06-16T08:40:45","Y",null,null,"张红武(0478)",7500,0,0]
["Y","RP00000005YG","5YG 油缸",null,"5YG","GO-0482806",6,"件",6,6550,{"v":39300,"d":"39300.00"},{"v":6637.1681,"d":"6637.17"},39823.01,5176.99,{"v":0,"d":"0.00"},0,0,0,"02263459-66","电汇","徐健(1740)",6,"徐健(1740)",0,0,"2018-12-25","2019-06-20T11:53:05","2019-06-21T11:52:41","2019-06-21T11:52:41","配套件（RP）","68","PO-0365770","山西新百川重工机械有限公司","2019-08-21T14:01:26","康静(0943)","2019-08-07T10:41:20","Y",null,null,"张红武(0478)",7500,0,0]
["Y","RP00000005YG","5YG 油缸",null,"5YG","GO-0485972",2,"件",2,6550,{"v":13100,"d":"13100.00"},{"v":6637.1681,"d":"6637.17"},13274.34,1725.66,{"v":0,"d":"0.00"},0,0,0,"02263459-66","电汇","徐健(1740)",2,"徐健(1740)",0,0,"2018-12-25","2019-07-23T09:38:10","2019-07-29T07:55:41","2019-07-29T07:55:41","配套件（RP）","68","PO-0367681","山西新百川重工机械有限公司","2019-08-21T14:01:26","康静(0943)","2019-08-07T10:41:14","Y",null,null,"张红武(0478)",7500,0,0]
["Y","RP00000005YG","5YG 油缸",null,"5YG","GO-0480884",4,"件",4,6550,{"v":26200,"d":"26200.00"},6637.17,26548.67,3451.34,{"v":0,"d":"0.00"},0,0,0,"12706523","电汇","徐健(1740)",4,"徐健(1740)",0,0,"2018-12-25","2019-05-29T16:45:37","2019-05-31T14:12:15","2019-05-31T14:12:15","配套件（RP）","68","PO-0363593","太重集团榆次液压工业（济南）","2019-06-24T17:35:57","康静(0943)","2019-06-16T08:33:12","Y",null,null,"张红武(0478)",7500,0,0]
["Y","RP0000004YGE","4YGE 油缸",null,"4YGE","GO-0474803",6,"件",6,1410,{"v":8460,"d":"8460.00"},1451.33,8707.96,1132.04,{"v":0,"d":"0.00"},0,0,0,"00599487-94","支票","徐健(1740)",6,"徐健(1740)",0,0,"2018-12-23","2019-03-22T08:39:16","2019-03-22T17:25:40","2019-03-22T17:25:40","配套件（RP）","00","PO-0359473","山西煤机银利达机械制造有限公司","2019-07-10T08:50:35","康静(0943)","2019-07-08T11:36:51","Y",null,null,"张红武(0478)",1640,0,0]
["Y","RP0000004YGE","4YGE 油缸",null,"4YGE","GO-0480941",2,"件",2,1410,{"v":2820,"d":"2820.00"},1451.33,2902.65,377.35,{"v":0,"d":"0.00"},0,0,0,"00599511-13","支票","徐健(1740)",2,"徐健(1740)",0,0,"2018-12-23","2019-05-30T11:17:17","2019-05-31T14:11:38","2019-05-31T14:11:38","配套件（RP）","00","PO-0359816","山西煤机银利达机械制造有限公司","2019-08-21T14:03:06","康静(0943)","2019-08-07T10:26:46","Y",null,null,"张红武(0478)",1640,0,0]
["N","RP0000004YGE","4YGE 油缸",null,"4YGE","GO-0482867",6,"件",6,1410,{"v":8460,"d":"8460.00"},{"v":0,"d":"0.00"},{"v":0,"d":"0.00"},0,{"v":0,"d":"0.00"},0,0,0,null,"支票","徐健(1740)",6,"徐健(1740)",0,0,"2019-04-06","2019-06-21T10:36:58","2019-06-21T11:52:54","2019-06-21T11:52:54","配套件（RP）","00","PO-0364746","山西煤机银利达机械制造有限公司",null,"",null,"N",null,null,"张红武(0478)",1640,0,0]
["N","RP0000004YGE","4YGE 油缸",null,"4YGE","GO-0482866",2,"件",2,1410,{"v":2820,"d":"2820.00"},{"v":0,"d":"0.00"},{"v":0,"d":"0.00"},0,{"v":0,"d":"0.00"},0,0,0,null,"支票","徐健(1740)",2,"徐健(1740)",0,0,"2019-04-06","2019-06-21T10:36:58","2019-06-21T11:52:52","2019-06-21T11:52:52","配套件（RP）","00","PO-0365730","山西煤机银利达机械制造有限公司",null,"",null,"N",null,null,"张红武(0478)",1640,0,0]
["N","RP0000004YGE","4YGE 油缸",null,"4YGE","GO-0484932",8,"件",8,1410,{"v":11280,"d":"11280.00"},{"v":0,"d":"0.00"},{"v":0,"d":"0.00"},0,{"v":0,"d":"0.00"},0,0,0,null,"支票","徐健(1740)",8,"徐健(1740)",0,0,"2019-04-06","2019-07-12T10:40:19","2019-07-12T14:28:54","2019-07-12T14:28:54","配套件（RP）","00","PO-0367048","山西煤机银利达机械制造有限公司",null,"",null,"N",null,null,"张红武(0478)",1640,0,0]
["N","RP0000004YGE","4YGE 油缸",null,"4YGE","GO-0488036",12,"件",12,1410,{"v":16920,"d":"16920.00"},{"v":0,"d":"0.00"},{"v":0,"d":"0.00"},0,{"v":0,"d":"0.00"},0,0,0,null,"支票","徐健(1740)",12,"徐健(1740)",0,0,"2019-04-06","2019-08-14T09:50:22","2019-08-14T17:20:50","2019-08-14T17:20:50","配套件（RP）","00","PO-0367249","山西煤机银利达机械制造有限公司",null,"",null,"N",null,null,"张红武(0478)",1640,0,0]
["N","RP0000004YGE","4YGE 油缸",null,"4YGE","GO-0488035",4,"件",4,1410,{"v":5640,"d":"5640.00"},{"v":0,"d":"0.00"},{"v":0,"d":"0.00"},0,{"v":0,"d":"0.00"},0,0,0,null,"支票","徐健(1740)",4,"徐健(1740)",0,0,"2019-04-06","2019-08-14T09:50:22","2019-08-14T17:20:57","2019-08-14T17:20:57","配套件（RP）","00","PO-0365730","山西煤机银利达机械制造有限公司",null,"",null,"N",null,null,"张红武(0478)",1640,0,0]
["Y","RP0000004YGE","4YGE 油缸",null,"4YGE","GO-0461733",5,"件",5,2100,{"v":10500,"d":"10500.00"},1418.11,7090.53,1134.47,{"v":0,"d":"0.00"},0,0,0,"08183335-36","电汇","徐健(1740)",5,"徐健(1740)",0,0,"2018-10-11","2018-10-26T12:31:38","2018-10-29T09:40:39","2018-10-29T09:40:39","配套件（RP）","00","PO-0346315","山西新百川重工机械有限公司","2018-12-17T11:07:30","康静(0943)","2018-11-29T10:18:02","Y",null,null,"张红武(0478)",1645,0,0]
["Y","RP0000004YGE","4YGE 油缸",null,"4YGE","GO-0462565",1,"件",1,2100,{"v":2100,"d":"2100.00"},{"v":1418.1034,"d":"1418.10"},{"v":1418.1,"d":"1418.10"},226.9,{"v":0,"d":"0.00"},0,0,0,"08183335-36","电汇","徐健(1740)",1,"徐健(1740)",0,0,"2018-10-11","2018-11-05T13:22:23","2018-11-05T15:54:32","2018-11-05T15:54:32","配套件（RP）","00","PO-0346315","山西新百川重工机械有限公司","2018-12-17T11:07:30","康静(0943)","2018-11-29T10:14:32","Y",null,null,"张红武(0478)",1645,0,0]
["Y","RP0000004YGE","4YGE 油缸",null,"4YGE","GO-0463780",4,"件",4,2100,{"v":8400,"d":"8400.00"},1413.79,5655.17,904.83,{"v":0,"d":"0.00"},0,0,0,"08183335-36","电汇","徐健(1740)",4,"徐健(1740)",0,0,"2018-10-11","2018-11-16T08:04:51","2018-11-16T15:14:41","2018-11-16T15:14:41","配套件（RP）","00","PO-0349699","山西新百川重工机械有限公司","2018-12-17T11:07:30","康静(0943)","2018-11-29T10:15:54","Y",null,null,"张红武(0478)",1640,0,0]
["Y","RP0000004YGE","4YGE 油缸",null,"4YGE","GO-0465035",2,"件",2,2100,{"v":4200,"d":"4200.00"},{"v":1418.1034,"d":"1418.10"},2836.21,453.79,{"v":0,"d":"0.00"},0,0,0,"08735226-31","电汇","徐健(1740)",2,"徐健(1740)",0,0,"2018-10-11","2018-11-28T13:06:42","2018-12-03T14:12:24","2018-12-03T14:12:24","配套件（RP）","00","PO-0349699","山西新百川重工机械有限公司","2019-01-18T13:40:33","康静(0943)","2019-01-08T15:07:25","Y","价格维护错",null,"张红武(0478)",1640,0,0]
["Y","RP0000004YGE","4YGE 油缸",null,"4YGE","GO-0465036",6,"件",6,2100,{"v":12600,"d":"12600.00"},{"v":1418.1034,"d":"1418.10"},8508.62,1361.38,{"v":0,"d":"0.00"},0,0,0,"08735226-31","电汇","徐健(1740)",6,"徐健(1740)",0,0,"2018-10-11","2018-11-28T13:06:42","2018-12-03T14:12:22","2018-12-03T14:12:22","配套件（RP）","00","PO-0350155","山西新百川重工机械有限公司","2019-01-18T13:40:33","康静(0943)","2019-01-08T15:07:21","Y","价格维护错",null,"张红武(0478)",1640,0,0]
["Y","RP0000004YGE","4YGE 油缸",null,"4YGE","GO-0466603",8,"件",8,2100,{"v":16800,"d":"16800.00"},{"v":1418.1034,"d":"1418.10"},11344.83,1815.17,{"v":0,"d":"0.00"},0,0,0,"08735226-31","电汇","徐健(1740)",8,"徐健(1740)",0,0,"2018-12-18","2018-12-13T16:58:57","2018-12-21T10:47:12","2018-12-21T10:47:12","配套件（RP）","00","PO-0352424","山西新百川重工机械有限公司","2019-01-18T13:40:33","康静(0943)","2019-01-08T15:07:02","Y","价格维护错",null,"张红武(0478)",1640,0,0]
["Y","RP0000004YGE","4YGE 油缸",null,"4YGE","GO-0470886",10,"件",10,1410,{"v":14100,"d":"14100.00"},1455.75,14557.52,1892.48,{"v":0,"d":"0.00"},0,0,0,"08710010-14","电汇","徐健(1740)",10,"徐健(1740)",0,0,"2018-12-18","2019-01-25T08:28:17","2019-01-25T14:42:55","2019-01-25T14:42:55","配套件（RP）","00","PO-0353658","山西新百川重工机械有限公司","2019-06-29T15:43:22","康静(0943)","2019-06-16T08:41:57","Y",null,null,"张红武(0478)",1645,0,0]
["Y","RP0000004YGE","4YGE 油缸",null,"4YGE","GO-0473009",2,"件",2,1410,{"v":2820,"d":"2820.00"},{"v":1451.3274,"d":"1451.33"},2902.65,377.35,{"v":0,"d":"0.00"},0,0,0,"08710010-14","电汇","徐健(1740)",2,"徐健(1740)",0,0,"2018-12-23","2019-03-04T09:03:12","2019-03-05T09:17:32","2019-03-05T09:17:32","配套件（RP）","00","PO-0356564","山西新百川重工机械有限公司","2019-06-29T15:43:22","康静(0943)","2019-06-16T08:41:45","Y",null,null,"张红武(0478)",1640,0,0]
["Y","RP0000004YGE","4YGE 油缸",null,"4YGE","GO-0482109",8,"件",8,1410,{"v":11280,"d":"11280.00"},{"v":1451.3274,"d":"1451.33"},11610.62,1509.38,{"v":0,"d":"0.00"},0,0,0,"08710010-14","电汇","徐健(1740)",8,"徐健(1740)",0,0,"2018-12-23","2019-06-12T10:11:58","2019-06-12T15:45:12","2019-06-12T15:45:12","配套件（RP）","00","PO-0363973","山西新百川重工机械有限公司","2019-06-29T15:43:22","康静(0943)","2019-06-16T08:41:41","Y",null,null,"张红武(0478)",1640,0,0]
["Y","RP0000004YGE","4YGE 油缸",null,"4YGE","GO-0484166",6,"件",6,1410,{"v":8460,"d":"8460.00"},{"v":1451.3274,"d":"1451.33"},8707.96,1132.04,{"v":0,"d":"0.00"},0,0,0,"02263456-57","电汇","徐健(1740)",6,"徐健(1740)",0,0,"2018-12-23","2019-07-05T10:31:50","2019-07-06T14:31:41","2019-07-06T14:31:41","配套件（RP）","00","PO-0362722","山西新百川重工机械有限公司","2019-08-21T14:05:30","康静(0943)","2019-08-07T10:33:58","Y",null,null,"张红武(0478)",1640,0,0]
["Y","RP0000004YGE","4YGE 油缸",null,"4YGE","GO-0485973",8,"件",8,1410,{"v":11280,"d":"11280.00"},{"v":1451.3274,"d":"1451.33"},11610.62,1509.38,{"v":0,"d":"0.00"},0,0,0,"02263456-57","电汇","徐健(1740)",8,"徐健(1740)",0,0,"2019-05-17","2019-07-23T09:38:10","2019-07-29T07:55:43","2019-07-29T07:55:43","配套件（RP）","00","PO-0367682","山西新百川重工机械有限公司","2019-08-21T14:05:30","康静(0943)","2019-08-07T10:33:55","Y",null,null,"张红武(0478)",1640,0,0]
["Y","RP0000005YGE","5YGE 油缸",null,"5YGE","GO-0474804",2,"件",2,6460,{"v":12920,"d":"12920.00"},6637.17,13274.34,1725.66,{"v":0,"d":"0.00"},0,0,0,"00599487-94","支票","徐健(1740)",2,"徐健(1740)",0,0,"2018-12-23","2019-03-22T08:39:17","2019-03-22T17:25:44","2019-03-22T17:25:44","配套件（RP）","00","PO-0359304","山西煤机银利达机械制造有限公司","2019-07-10T08:50:35","康静(0943)","2019-07-08T11:37:04","Y",null,null,"张红武(0478)",7500,0,0]
["Y","RP0000005YGE","5YGE 油缸",null,"5YGE","GO-0480942",1,"件",1,6460,{"v":6460,"d":"6460.00"},6637.17,6637.17,862.83,{"v":0,"d":"0.00"},0,0,0,"00599511-13","支票","徐健(1740)",1,"徐健(1740)",0,0,"2018-12-23","2019-05-30T11:17:17","2019-05-31T14:11:46","2019-05-31T14:11:46","配套件（RP）","00","PO-0359817","山西煤机银利达机械制造有限公司","2019-08-21T14:03:06","康静(0943)","2019-08-07T10:27:02","Y",null,null,"张红武(0478)",7500,0,0]
["N","RP0000005YGE","5YGE 油缸",null,"5YGE","GO-0483510",2,"件",2,6460,{"v":12920,"d":"12920.00"},{"v":0,"d":"0.00"},{"v":0,"d":"0.00"},0,{"v":0,"d":"0.00"},0,0,0,null,"支票","徐健(1740)",2,"徐健(1740)",0,0,"2018-12-23","2019-06-28T09:19:20","2019-06-28T14:34:27","2019-06-28T14:34:27","配套件（RP）","00","PO-0364747","山西煤机银利达机械制造有限公司",null,"",null,"N",null,null,"张红武(0478)",7500,0,0]
["N","RP0000005YGE","5YGE 油缸",null,"5YGE","GO-0483509",2,"件",2,6460,{"v":12920,"d":"12920.00"},{"v":0,"d":"0.00"},{"v":0,"d":"0.00"},0,{"v":0,"d":"0.00"},0,0,0,null,"支票","徐健(1740)",2,"徐健(1740)",0,0,"2018-12-23","2019-06-28T09:19:20","2019-06-28T14:34:26","2019-06-28T14:34:26","配套件（RP）","00","PO-0365731","山西煤机银利达机械制造有限公司",null,"",null,"N",null,null,"张红武(0478)",7500,0,0]
["N","RP0000005YGE","5YGE 油缸",null,"5YGE","GO-0488037",2,"件",2,6460,{"v":12920,"d":"12920.00"},{"v":0,"d":"0.00"},{"v":0,"d":"0.00"},0,{"v":0,"d":"0.00"},0,0,0,null,"支票","徐健(1740)",2,"徐健(1740)",0,0,"2018-12-23","2019-08-14T09:50:22","2019-08-14T17:19:48","2019-08-14T17:19:48","配套件（RP）","00","PO-0367049","山西煤机银利达机械制造有限公司",null,"",null,"N",null,null,"张红武(0478)",7500,0,0]
["Y","RP0000005YGE","5YGE 油缸",null,"5YGE","GO-0460132",2,"件",2,10000,{"v":20000,"d":"20000.00"},6465.52,12931.04,2068.96,{"v":0,"d":"0.00"},0,0,0,"08183328-32","电汇","徐健(1740)",2,"徐健(1740)",0,0,"2018-10-11","2018-10-12T08:18:31","2018-10-15T17:52:04","2018-10-15T17:52:04","配套件（RP）","00","PO-0346316","山西新百川重工机械有限公司","2018-12-17T11:06:25","康静(0943)","2018-11-29T10:22:01","Y",null,null,"张红武(0478)",7500,0,0]
["Y","RP0000005YGE","5YGE 油缸",null,"5YGE","GO-0463781",2,"件",2,10000,{"v":20000,"d":"20000.00"},{"v":6465.5172,"d":"6465.52"},12931.03,2068.97,{"v":0,"d":"0.00"},0,0,0,"08183328-32","电汇","徐健(1740)",2,"徐健(1740)",0,0,"2018-10-11","2018-11-16T08:04:52","2018-11-16T15:14:48","2018-11-16T15:14:48","配套件（RP）","00","PO-0349700","山西新百川重工机械有限公司","2018-12-17T11:06:25","康静(0943)","2018-11-29T10:21:38","Y",null,null,"张红武(0478)",7500,0,0]
["Y","RP0000005YGE","5YGE 油缸",null,"5YGE","GO-0463782",2,"件",2,10000,{"v":20000,"d":"20000.00"},6465.52,12931.03,2068.97,{"v":0,"d":"0.00"},0,0,0,"08183328-32","电汇","徐健(1740)",2,"徐健(1740)",0,0,"2018-10-11","2018-11-16T08:04:52","2018-11-16T15:14:46","2018-11-16T15:14:46","配套件（RP）","00","PO-0350156","山西新百川重工机械有限公司","2018-12-17T11:06:25","康静(0943)","2018-11-29T10:22:37","Y",null,null,"张红武(0478)",7500,0,0]
["Y","RP0000005YGE","5YGE 油缸",null,"5YGE","GO-0467314",2,"件",2,10000,{"v":20000,"d":"20000.00"},6465.52,12931.03,2068.97,{"v":0,"d":"0.00"},0,0,0,"08735226-31","电汇","徐健(1740)",2,"徐健(1740)",0,0,"2018-10-11","2018-12-21T08:45:22","2018-12-21T16:02:29","2018-12-21T16:02:29","配套件（RP）","00","PO-0352425","山西新百川重工机械有限公司","2019-01-18T13:40:33","康静(0943)","2019-01-08T15:16:19","Y",null,null,"张红武(0478)",7500,0,0]
["Y","RP0000005YGE","5YGE 油缸",null,"5YGE","GO-0473010",2,"件",2,6460,{"v":12920,"d":"12920.00"},6637.17,13274.33,1725.67,{"v":0,"d":"0.00"},0,0,0,"08710010-14","电汇","徐健(1740)",2,"徐健(1740)",0,0,"2018-12-23","2019-03-04T09:03:12","2019-03-05T09:17:46","2019-03-05T09:17:46","配套件（RP）","00","PO-0356565","山西新百川重工机械有限公司","2019-06-29T15:43:22","康静(0943)","2019-06-16T08:45:11","Y",null,null,"张红武(0478)",7500,0,0]
["Y","RP0000005YGE","5YGE 油缸",null,"5YGE","GO-0480917",2,"件",2,6460,{"v":12920,"d":"12920.00"},{"v":6637.1681,"d":"6637.17"},13274.34,1725.66,{"v":0,"d":"0.00"},0,0,0,"08710010-14","电汇","徐健(1740)",2,"徐健(1740)",0,0,"2018-12-23","2019-05-30T09:01:12","2019-05-31T14:10:03","2019-05-31T14:10:03","配套件（RP）","00","PO-0362723","山西新百川重工机械有限公司","2019-06-29T15:43:22","康静(0943)","2019-06-16T08:45:00","Y",null,null,"张红武(0478)",7500,0,0]
["Y","RP0000005YGE","5YGE 油缸",null,"5YGE","GO-0484167",2,"件",2,6460,{"v":12920,"d":"12920.00"},6637.17,13274.33,1725.67,{"v":0,"d":"0.00"},0,0,0,"02263459-66","电汇","徐健(1740)",2,"徐健(1740)",0,0,"2018-12-23","2019-07-05T10:31:50","2019-07-06T14:31:53","2019-07-06T14:31:53","配套件（RP）","00","PO-0363974","山西新百川重工机械有限公司","2019-08-21T14:01:26","康静(0943)","2019-08-07T10:36:27","Y",null,null,"张红武(0478)",7500,0,0]
["Y","RP0000005YGE","5YGE 油缸",null,"5YGE","GO-0485974",2,"件",2,6460,{"v":12920,"d":"12920.00"},{"v":6637.1681,"d":"6637.17"},13274.34,1725.66,{"v":0,"d":"0.00"},0,0,0,"02263459-66","电汇","徐健(1740)",2,"徐健(1740)",0,0,"2018-12-23","2019-07-23T09:38:10","2019-07-29T07:56:01","2019-07-29T07:56:01","配套件（RP）","00","PO-0367683","山西新百川重工机械有限公司","2019-08-21T14:01:26","康静(0943)","2019-08-07T10:36:13","Y",null,null,"张红武(0478)",7500,0,0]
["N","RP000000B3YG","3YGB 油缸",null,"3YGB","GO-0484934",2,"件",2,3205,{"v":6410,"d":"6410.00"},{"v":0,"d":"0.00"},{"v":0,"d":"0.00"},0,{"v":0,"d":"0.00"},0,0,0,null,"支票","徐健(1740)",2,"徐健(1740)",0,0,"2017-10-10","2019-07-12T10:40:19","2019-07-12T14:29:12","2019-07-12T14:29:12","配套件（RP）","00","PO-0363533","山西煤机银利达机械制造有限公司",null,"",null,"N",null,null,"张红武(0478)",3590,0,0]
["N","RP000000B3YG","3YGB 油缸",null,"3YGB","GO-0484933",1,"件",1,3205,{"v":3205,"d":"3205.00"},{"v":0,"d":"0.00"},{"v":0,"d":"0.00"},0,{"v":0,"d":"0.00"},0,0,0,null,"支票","徐健(1740)",1,"徐健(1740)",0,0,"2017-10-10","2019-07-12T10:40:19","2019-07-12T14:29:08","2019-07-12T14:29:08","配套件（RP）","00","PO-0362724","山西煤机银利达机械制造有限公司",null,"",null,"N",null,null,"张红武(0478)",3590,0,0]
["Y","RP000001LY06","1LY06 拉移千斤顶",null,"1LY06","GO-0454467",2,"件",2,7179,{"v":14358,"d":"14358.00"},7370.69,14741.38,2358.62,{"v":0,"d":"0.00"},0,0,0,"08183335-36","电汇","赵祜源(0913)",2,"赵祜源(0913)",0,0,"2018-08-07","2018-08-10T08:16:06","2018-08-10T15:50:03","2018-08-10T15:50:03","配套件（RP）","68","PO-0342891","山西新百川重工机械有限公司","2018-12-17T11:07:30","康静(0943)","2018-11-29T10:14:01","Y",null,null,"张红武(0478)",8550,200.6,0]
["Y","RP00000HTY01","HTY01 推移油缸","2700mm","HTY01","GO-0462306",1,"套.",1,36400,{"v":36400,"d":"36400.00"},36120.69,36120.69,5779.31,{"v":0,"d":"0.00"},0,0,0,"07241517-28","支票","徐健(1740)",1,"徐健(1740)",0,0,"2014-08-26T15:27:17","2018-11-02T08:40:22","2018-11-05T13:53:31","2018-11-05T13:53:31","配套件（RP）","00","PO-0349395","山西煤机银利达机械制造有限公司","2019-01-17T08:36:55","康静(0943)","2019-01-14T09:45:05","Y",null,null,"张红武(0478)",41900,0,0]
["Y","RP00000HTY01","HTY01 推移油缸","2700mm","HTY01","GO-0477499",2,"套.",2,36400,{"v":72800,"d":"72800.00"},37079.65,74159.29,9640.71,{"v":0,"d":"0.00"},0,0,0,"00599487-94","支票","徐健(1740)",2,"徐健(1740)",0,0,"2018-12-07","2019-04-22T09:03:26","2019-04-23T16:47:41","2019-04-23T16:47:41","配套件（RP）","00","PO-0353871","山西煤机银利达机械制造有限公司","2019-07-10T08:50:35","康静(0943)","2019-07-08T11:37:38","Y",null,null,"张红武(0478)",41900,0,0]
["N","RP00000HTY01","HTY01 推移油缸","2700mm","HTY01","GO-0483511",4,"套.",4,36400,{"v":145600,"d":"145600.00"},{"v":0,"d":"0.00"},{"v":0,"d":"0.00"},0,{"v":0,"d":"0.00"},0,0,0,null,"支票","徐健(1740)",4,"徐健(1740)",0,0,"2019-01-22","2019-06-28T09:19:20","2019-06-28T14:34:34","2019-06-28T14:34:34","配套件（RP）","00","PO-0359306","山西煤机银利达机械制造有限公司",null,"",null,"N",null,null,"张红武(0478)",41900,0,0]
["Y","RP00000HTY01","HTY01 推移油缸","2700mm","HTY01","GO-0458649",2,"套.",2,36400,{"v":72800,"d":"72800.00"},36120.69,72241.38,11558.62,{"v":0,"d":"0.00"},0,0,0,"08183339-41","电汇","王亚元(1493)",2,"王亚元(1493)",0,0,"2018-10-06","2018-09-21T07:53:40","2018-09-21T17:28:38","2018-09-21T17:28:38","配套件（RP）","00","PO-0346287","山西新百川重工机械有限公司","2018-12-17T11:08:21","康静(0943)","2018-11-29T10:40:10","Y",null,null,"张红武(0478)",41900,0,0]
["Y","RP00000HTY01","HTY01 推移油缸","2700mm","HTY01","GO-0460133",2,"套.",2,36400,{"v":72800,"d":"72800.00"},36120.69,72241.38,11558.62,{"v":0,"d":"0.00"},0,0,0,"08183328-32","电汇","徐健(1740)",2,"徐健(1740)",0,0,"2018-10-06","2018-10-12T08:18:31","2018-10-16T16:37:31","2018-10-16T16:37:31","配套件（RP）","00","PO-0347807","山西新百川重工机械有限公司","2018-12-17T11:06:25","康静(0943)","2018-11-29T10:20:55","Y",null,null,"张红武(0478)",41900,0,0]
["Y","RP00000HTY01","HTY01 推移油缸","2700mm","HTY01","GO-0465037",2,"套.",2,36400,{"v":72800,"d":"72800.00"},36120.69,72241.38,11558.62,{"v":0,"d":"0.00"},0,0,0,"08735226-31","电汇","徐健(1740)",2,"徐健(1740)",0,0,"2018-10-06","2018-11-28T13:06:42","2018-12-03T14:11:46","2018-12-03T14:11:46","配套件（RP）","00","PO-0350926","山西新百川重工机械有限公司","2019-01-18T13:40:33","康静(0943)","2019-01-08T15:06:29","Y",null,null,"张红武(0478)",41900,0,0]
["Y","RP00000HTY01","HTY01 推移油缸","2700mm","HTY01","GO-0467315",2,"套.",2,36400,{"v":72800,"d":"72800.00"},36120.69,72241.38,11558.62,{"v":0,"d":"0.00"},0,0,0,"08735226-31","电汇","徐健(1740)",2,"徐健(1740)",0,0,"2018-11-23","2018-12-21T08:45:22","2018-12-21T16:02:34","2018-12-21T16:02:34","配套件（RP）","00","PO-0352650","山西新百川重工机械有限公司","2019-01-18T13:40:33","康静(0943)","2019-01-08T15:12:11","Y",null,null,"张红武(0478)",41900,0,0]
["Y","RP00000HTY01","HTY01 推移油缸","2700mm","HTY01","GO-0480918",2,"套.",2,36400,{"v":72800,"d":"72800.00"},37079.65,74159.29,9640.71,{"v":0,"d":"0.00"},0,0,0,"08710003-04","电汇","徐健(1740)",2,"徐健(1740)",0,0,"2019-01-22","2019-05-30T09:01:12","2019-05-31T14:10:21","2019-05-31T14:10:21","配套件（RP）","00","PO-0363534","山西新百川重工机械有限公司","2019-06-29T15:42:44","康静(0943)","2019-06-16T08:36:28","Y",null,null,"张红武(0478)",41900,0,0]
["Y","RP00000HTY01","HTY01 推移油缸","2700mm","HTY01","GO-0485975",5,"套.",5,36400,{"v":182000,"d":"182000.00"},37079.65,185398.23,24101.77,{"v":0,"d":"0.00"},0,0,0,"02263459-66","电汇","徐健(1740)",5,"徐健(1740)",0,0,"2019-01-22","2019-07-23T09:38:10","2019-07-29T07:56:05","2019-07-29T07:56:05","配套件（RP）","00","PO-0368771","山西新百川重工机械有限公司","2019-08-21T14:01:26","康静(0943)","2019-08-07T10:46:16","Y",null,null,"张红武(0478)",41900,0,0]
["N","RP00000HTY01","HTY01 推移油缸","2700mm","HTY01","GO-0487159",1,"套.",1,36400,{"v":36400,"d":"36400.00"},{"v":0,"d":"0.00"},{"v":0,"d":"0.00"},0,{"v":0,"d":"0.00"},0,0,0,null,"电汇","徐健(1740)",1,"徐健(1740)",0,0,"2019-01-22","2019-08-05T16:25:01","2019-08-15T08:38:08","2019-08-15T08:38:08","配套件（RP）","00","PO-0368771","山西新百川重工机械有限公司",null,"",null,"N",null,null,"张红武(0478)",41900,0,0]
["Y","RP00000HTY01","HTY01 推移油缸","2700mm","HTY01","GO-0486847",4,"套.",4,36400,{"v":145600,"d":"145600.00"},37079.65,148318.58,19281.42,{"v":0,"d":"0.00"},0,0,0,"12029437","电汇","徐健(1740)",4,"徐健(1740)",0,0,"2019-01-22","2019-08-01T09:21:20","2019-08-02T08:20:15","2019-08-02T08:20:15","配套件（RP）","00","PO-0368797","太重集团榆次液压工业（济南）","2019-08-21T14:02:06","康静(0943)","2019-08-09T08:29:50","Y",null,null,"张红武(0478)",41900,0,0]
["Y","RP00000HTY02","HTY02 推移油缸","2700mm","HTY02","GO-0455017",2,"套.",2,36368,{"v":72736,"d":"72736.00"},36120.69,72241.38,11558.62,{"v":0,"d":"0.00"},0,0,0,"07241517-28","支票","赵祜源(0913)",2,"赵祜源(0913)",0,0,"2016-08-19","2018-08-16T14:31:50","2018-08-16T15:31:01","2018-08-16T15:31:01","配套件（RP）","00","PO-0341421","山西煤机银利达机械制造有限公司","2019-01-17T08:36:55","康静(0943)","2019-01-14T09:45:22","Y",null,null,"张红武(0478)",41900,0,0]
["Y","RP00000HTY02","HTY02 推移油缸","2700mm","HTY02","GO-0460134",2,"套.",2,36368,{"v":72736,"d":"72736.00"},36120.69,72241.38,11558.62,{"v":0,"d":"0.00"},0,0,0,"08183328-32","电汇","徐健(1740)",2,"徐健(1740)",0,0,"2016-08-19","2018-10-12T08:18:31","2018-10-16T16:37:33","2018-10-16T16:37:33","配套件（RP）","00","PO-0347065","山西新百川重工机械有限公司","2018-12-17T11:06:25","康静(0943)","2018-11-29T10:21:16","Y",null,null,"张红武(0478)",41900,0,0]
["Y","RP00000HTY02","HTY02 推移油缸","2700mm","HTY02","GO-0462566",6,"套.",6,36368,{"v":218208,"d":"218208.00"},{"v":36120.6896,"d":"36120.69"},216724.14,34675.86,{"v":0,"d":"0.00"},0,0,0,"08183328-32","电汇","徐健(1740)",6,"徐健(1740)",0,0,"2018-10-24","2018-11-05T13:22:23","2018-11-05T15:54:34","2018-11-05T15:54:34","配套件（RP）","00","PO-0349100","山西新百川重工机械有限公司","2018-12-17T11:06:25","康静(0943)","2018-11-29T10:24:42","Y",null,null,"张红武(0478)",41900,0,0]
["Y","RP00000HTY02","HTY02 推移油缸","2700mm","HTY02","GO-0473011",2,"套.",2,36368,{"v":72736,"d":"72736.00"},37079.65,74159.29,9640.71,{"v":0,"d":"0.00"},0,0,0,"08710003-04","电汇","徐健(1740)",2,"徐健(1740)",0,0,"2018-11-16","2019-03-04T09:03:12","2019-03-05T09:17:56","2019-03-05T09:17:56","配套件（RP）","00","PO-0357926","山西新百川重工机械有限公司","2019-06-29T15:42:44","康静(0943)","2019-06-16T08:35:19","Y",null,null,"张红武(0478)",41900,0,0]
["Y","RP00000HTY02","HTY02 推移油缸","2700mm","HTY02","GO-0475584",2,"套.",2,36368,{"v":72736,"d":"72736.00"},37079.65,74159.29,9640.71,{"v":0,"d":"0.00"},0,0,0,"08710010-14","电汇","徐健(1740)",2,"徐健(1740)",0,0,"2018-11-16","2019-03-29T08:01:29","2019-03-29T17:20:26","2019-03-29T17:20:26","配套件（RP）","00","PO-0359307","山西新百川重工机械有限公司","2019-06-29T15:43:22","康静(0943)","2019-06-16T08:43:31","Y",null,null,"张红武(0478)",41900,0,0]
["N","RP00000HTY02","HTY02 推移油缸","2700mm","HTY02","GO-0488318",2,"套.",2,36368,{"v":72736,"d":"72736.00"},{"v":0,"d":"0.00"},{"v":0,"d":"0.00"},0,{"v":0,"d":"0.00"},0,0,0,null,"电汇","徐琳(0840)",2,"徐琳(0840)",0,0,"2019-08-12","2019-08-16T08:08:19","2019-08-16T15:53:07","2019-08-16T15:53:07","配套件（RP）","00","PO-0370797","山西新百川重工机械有限公司",null,"",null,"N",null,null,"张红武(0478)",41900,0,0]
["Y","RP00008PZY02","8PZY0402 立缸",null,"8PZY0402","GO-0453959",4,"套.",4,2650,{"v":10600,"d":"10600.00"},2637.93,10551.73,1688.27,{"v":0,"d":"0.00"},0,0,0,"07241517-28","支票","赵祜源(0913)",4,"赵祜源(0913)",0,0,"2016-08-19","2018-08-03T12:42:08","2018-08-03T15:04:06","2018-08-03T15:04:06","配套件（RP）","00","PO-0342367","山西煤机银利达机械制造有限公司","2019-01-17T08:36:55","康静(0943)","2019-01-14T09:45:45","Y",null,null,"张红武(0478)",3060,0,0]
["Y","RP00008PZY02","8PZY0402 立缸",null,"8PZY0402","GO-0454504",4,"套.",4,2650,{"v":10600,"d":"10600.00"},{"v":2637.931,"d":"2637.93"},10551.72,1688.28,{"v":0,"d":"0.00"},0,0,0,"07241517-28","支票","赵祜源(0913)",4,"赵祜源(0913)",0,0,"2016-08-19","2018-08-10T11:40:29","2018-08-10T15:50:03","2018-08-10T15:50:03","配套件（RP）","00","PO-0342367","山西煤机银利达机械制造有限公司","2019-01-17T08:36:55","康静(0943)","2019-01-14T09:45:33","Y",null,null,"张红武(0478)",3060,0,0]
["Y","RP00008PZY02","8PZY0402 立缸",null,"8PZY0402","GO-0455013",4,"套.",4,2650,{"v":10600,"d":"10600.00"},2637.93,10551.72,1688.28,{"v":0,"d":"0.00"},0,0,0,"07241517-28","支票","赵祜源(0913)",4,"赵祜源(0913)",0,0,"2016-08-19","2018-08-16T14:31:15","2018-08-16T15:31:25","2018-08-16T15:31:25","配套件（RP）","00","PO-0342367","山西煤机银利达机械制造有限公司","2019-01-17T08:36:55","康静(0943)","2019-01-14T09:46:09","Y",null,null,"张红武(0478)",3060,0,0]
["Y","RP00008PZY02","8PZY0402 立缸",null,"8PZY0402","GO-0461569",8,"套.",8,2650,{"v":21200,"d":"21200.00"},{"v":2637.931,"d":"2637.93"},21103.45,3376.55,{"v":0,"d":"0.00"},0,0,0,"08183335-36","电汇","纪苏霞(1653)",8,"纪苏霞(1653)",0,0,"2016-08-19","2018-10-25T14:02:11","2018-10-25T16:10:26","2018-10-25T16:10:26","配套件（RP）","00","PO-0349101","山西新百川重工机械有限公司","2018-12-17T11:07:30","康静(0943)","2018-11-29T10:14:57","Y",null,null,"张红武(0478)",3060,0,0]
["Y","RP00008PZY02","8PZY0402 立缸",null,"8PZY0402","GO-0462567",4,"套.",4,2650,{"v":10600,"d":"10600.00"},{"v":2637.931,"d":"2637.93"},10551.72,1688.28,{"v":0,"d":"0.00"},0,0,0,"08183335-36","电汇","徐健(1740)",4,"徐健(1740)",0,0,"2016-08-19","2018-11-05T13:22:23","2018-11-05T15:54:48","2018-11-05T15:54:48","配套件（RP）","00","PO-0349101","山西新百川重工机械有限公司","2018-12-17T11:07:30","康静(0943)","2018-11-29T10:14:53","Y",null,null,"张红武(0478)",3060,0,0]
["Y","RP00008PZY02","8PZY0402 立缸",null,"8PZY0402","GO-0470889",4,"套.",4,2650,{"v":10600,"d":"10600.00"},2637.93,10551.72,1688.28,{"v":0,"d":"0.00"},0,0,0,"08709990-91","电汇","徐健(1740)",4,"徐健(1740)",0,0,"2018-11-16","2019-01-25T08:28:17","2019-01-25T14:43:21","2019-01-25T14:43:21","配套件（RP）","00","PO-0353661","山西新百川重工机械有限公司","2019-04-22T14:54:23","康静(0943)","2019-04-01T11:40:23","Y",null,null,"张红武(0478)",3060,0,0]
["Y","RP00008PZY02","8PZY0402 立缸",null,"8PZY0402","GO-0473012",8,"套.",8,2650,{"v":21200,"d":"21200.00"},2637.93,21103.45,3376.55,{"v":0,"d":"0.00"},0,0,0,"08709990-91","电汇","徐健(1740)",8,"徐健(1740)",0,0,"2018-11-16","2019-03-04T09:03:12","2019-03-05T09:18:06","2019-03-05T09:18:06","配套件（RP）","00","PO-0357927","山西新百川重工机械有限公司","2019-04-22T14:54:23","康静(0943)","2019-04-01T11:40:29","Y",null,null,"张红武(0478)",3060,0,0]
["Y","RP00008PZY02","8PZY0402 立缸",null,"8PZY0402","GO-0484168",2,"套.",2,2650,{"v":5300,"d":"5300.00"},2707.97,5415.93,704.07,{"v":0,"d":"0.00"},0,0,0,"02263459-66","电汇","徐健(1740)",2,"徐健(1740)",0,0,"2019-08-14","2019-07-05T10:31:50","2019-07-06T14:32:02","2019-07-06T14:32:02","配套件（RP）","00","PO-0363975","山西新百川重工机械有限公司","2019-08-21T14:01:26","康静(0943)","2019-08-07T10:39:21","Y",null,null,"张红武(0478)",3060,0,0]
["Y","RP00008PZY03","8PZY0403 水平缸",null,"8PZY0403","GO-0453960",2,"套.",2,1880,{"v":3760,"d":"3760.00"},{"v":1896.5517,"d":"1896.55"},{"v":3793.1,"d":"3793.10"},606.9,{"v":0,"d":"0.00"},0,0,0,"07241517-28","支票","赵祜源(0913)",2,"赵祜源(0913)",0,0,"2016-08-19","2018-08-03T12:42:08","2018-08-03T15:04:08","2018-08-03T15:04:08","配套件（RP）","00","PO-0341422","山西煤机银利达机械制造有限公司","2019-01-17T08:36:55","康静(0943)","2019-01-14T09:46:25","Y",null,null,"张红武(0478)",2200,0,0]
["Y","RP00008PZY03","8PZY0403 水平缸",null,"8PZY0403","GO-0454474",2,"套.",2,1880,{"v":3760,"d":"3760.00"},1896.56,3793.11,606.89,{"v":0,"d":"0.00"},0,0,0,"07241517-28","支票","赵祜源(0913)",2,"赵祜源(0913)",0,0,"2016-08-19","2018-08-10T08:17:00","2018-08-10T15:50:07","2018-08-10T15:50:07","配套件（RP）","00","PO-0341422","山西煤机银利达机械制造有限公司","2019-01-17T08:36:55","康静(0943)","2019-01-14T09:46:37","Y",null,null,"张红武(0478)",2200,0,0]
["Y","RP00008PZY03","8PZY0403 水平缸",null,"8PZY0403","GO-0461397",2,"套.",2,1880,{"v":3760,"d":"3760.00"},{"v":1896.5517,"d":"1896.55"},{"v":3793.1,"d":"3793.10"},606.9,{"v":0,"d":"0.00"},0,0,0,"07241517-28","支票","徐健(1740)",2,"徐健(1740)",0,0,"2016-08-19","2018-10-23T08:15:45","2018-10-29T09:42:01","2018-10-29T09:42:01","配套件（RP）","00","PO-0347066","山西煤机银利达机械制造有限公司","2019-01-17T08:36:55","康静(0943)","2019-01-14T09:46:21","Y",null,null,"张红武(0478)",2200,0,0]
["Y","RP00008PZY03","8PZY0403 水平缸",null,"8PZY0403","GO-0462568",4,"套.",4,1880,{"v":7520,"d":"7520.00"},1896.55,7586.21,1213.79,{"v":0,"d":"0.00"},0,0,0,"08183335-36","电汇","徐健(1740)",4,"徐健(1740)",0,0,"2018-10-24","2018-11-05T13:22:23","2018-11-05T15:54:49","2018-11-05T15:54:49","配套件（RP）","00","PO-0349102","山西新百川重工机械有限公司","2018-12-17T11:07:30","康静(0943)","2018-11-29T10:13:26","Y",null,null,"张红武(0478)",2200,0,0]
["Y","RP00008PZY03","8PZY0403 水平缸",null,"8PZY0403","GO-0466604",2,"套.",2,1880,{"v":3760,"d":"3760.00"},1896.55,{"v":3793.1,"d":"3793.10"},606.9,{"v":0,"d":"0.00"},0,0,0,"08735226-31","电汇","徐健(1740)",2,"徐健(1740)",0,0,"2018-10-24","2018-12-13T16:58:57","2018-12-21T10:47:27","2018-12-21T10:47:27","配套件（RP）","00","PO-0349102","山西新百川重工机械有限公司","2019-01-18T13:40:33","康静(0943)","2019-01-08T15:16:07","Y",null,null,"张红武(0478)",2200,0,0]
["Y","RP00008PZY03","8PZY0403 水平缸",null,"8PZY0403","GO-0470890",2,"套.",2,1880,{"v":3760,"d":"3760.00"},1896.55,{"v":3793.1,"d":"3793.10"},606.9,{"v":0,"d":"0.00"},0,0,0,"08709990-91","电汇","徐健(1740)",2,"徐健(1740)",0,0,"2018-11-16","2019-01-25T08:28:17","2019-01-25T14:43:27","2019-01-25T14:43:27","配套件（RP）","00","PO-0353662","山西新百川重工机械有限公司","2019-04-22T14:54:23","康静(0943)","2019-04-01T11:37:59","Y",null,null,"张红武(0478)",2200,0,0]
["Y","RP00008PZY03","8PZY0403 水平缸",null,"8PZY0403","GO-0473479",4,"套.",4,1880,{"v":7520,"d":"7520.00"},1896.55,7586.21,1213.79,{"v":0,"d":"0.00"},0,0,0,"08709990-91","电汇","徐健(1740)",4,"徐健(1740)",0,0,"2018-11-16","2019-03-08T08:46:14","2019-03-08T15:20:14","2019-03-08T15:20:14","配套件（RP）","00","PO-0357928","山西新百川重工机械有限公司","2019-04-22T14:54:23","康静(0943)","2019-04-01T11:38:07","Y",null,null,"张红武(0478)",2200,0,0]
["Y","RP00008PZY03","8PZY0403 水平缸",null,"8PZY0403","GO-0476652",2,"套.",2,1880,{"v":3760,"d":"3760.00"},1946.91,3893.81,506.19,{"v":0,"d":"0.00"},0,0,0,"08710010-14","电汇","徐健(1740)",2,"徐健(1740)",0,0,"2018-11-16","2019-04-11T08:46:26","2019-04-12T11:16:25","2019-04-12T11:16:25","配套件（RP）","00","PO-0359308","山西新百川重工机械有限公司","2019-06-29T15:43:22","康静(0943)","2019-06-16T08:42:23","Y",null,null,"张红武(0478)",2200,0,0]
["Y","RP00012PZY03","12PZY0303 水平缸",null,"12PZY0303","GO-0466251",2,"套.",2,2000,{"v":4000,"d":"4000.00"},2002.59,4005.17,640.83,{"v":0,"d":"0.00"},0,0,0,"07241545-49","支票","徐健(1740)",2,"徐健(1740)",0,0,"2016-06-11","2018-12-11T08:09:35","2018-12-11T17:38:58","2018-12-11T17:38:58","配套件（RP）","68","PO-0346309","山西煤机银利达机械制造有限公司","2019-03-11T17:25:52","康静(0943)","2019-03-07T08:38:57","Y",null,null,"张红武(0478)",2323,0,0]
["Y","RP00012PZY03","12PZY0303 水平缸",null,"12PZY0303","GO-0471781",1,"套.",1,2000,{"v":2000,"d":"2000.00"},2002.58,2002.58,320.42,{"v":0,"d":"0.00"},0,0,0,"07241577","支票","徐健(1740)",1,"徐健(1740)",0,0,"2016-06-11","2019-02-15T08:48:18","2019-02-22T15:45:39","2019-02-22T15:45:39","配套件（RP）","68","PO-0349115","山西煤机银利达机械制造有限公司","2019-04-22T14:53:01","康静(0943)","2019-04-01T11:45:25","Y",null,null,"张红武(0478)",2323,0,0]
["Y","RP00012PZY03","12PZY0303 水平缸",null,"12PZY0303","GO-0471782",1,"套.",1,2000,{"v":2000,"d":"2000.00"},{"v":2002.5862,"d":"2002.59"},2002.59,320.41,{"v":0,"d":"0.00"},0,0,0,"07241577","支票","徐健(1740)",1,"徐健(1740)",0,0,"2018-08-03","2019-02-15T08:48:18","2019-02-22T15:45:41","2019-02-22T15:45:41","配套件（RP）","68","PO-0351269","山西煤机银利达机械制造有限公司","2019-04-22T14:53:01","康静(0943)","2019-04-01T11:45:16","Y",null,null,"张红武(0478)",2323,0,0]
["N","RP00012PZY03","12PZY0303 水平缸",null,"12PZY0303","GO-0484177",4,"套.",4,2000,{"v":8000,"d":"8000.00"},{"v":0,"d":"0.00"},{"v":0,"d":"0.00"},0,{"v":0,"d":"0.00"},0,0,0,null,"支票","徐健(1740)",4,"徐健(1740)",0,0,"2019-05-21","2019-07-05T10:34:19","2019-07-12T14:29:38","2019-07-12T14:29:38","配套件（RP）","68","PO-0365772","山西煤机银利达机械制造有限公司",null,"",null,"N",null,null,"张红武(0478)",2323,0,0]
["Y","RP00012PZY03","12PZY0303 水平缸",null,"12PZY0303","GO-0465038",2,"套.",2,2000,{"v":4000,"d":"4000.00"},{"v":2002.5862,"d":"2002.59"},4005.17,640.83,{"v":0,"d":"0.00"},0,0,0,"08735226-31","电汇","徐健(1740)",2,"徐健(1740)",0,0,"2017-10-10","2018-11-28T13:06:42","2018-12-03T14:13:47","2018-12-03T14:13:47","配套件（RP）","68","PO-0349702","山西新百川重工机械有限公司","2019-01-18T13:40:33","康静(0943)","2019-01-08T15:14:12","Y",null,null,"张红武(0478)",2323,0,0]
["Y","RP00012PZY03","12PZY0303 水平缸",null,"12PZY0303","GO-0466605",2,"套.",2,2000,{"v":4000,"d":"4000.00"},{"v":2002.5862,"d":"2002.59"},4005.17,640.83,{"v":0,"d":"0.00"},0,0,0,"08735226-31","电汇","徐健(1740)",2,"徐健(1740)",0,0,"2018-08-03","2018-12-13T16:58:57","2018-12-21T10:47:32","2018-12-21T10:47:32","配套件（RP）","68","PO-0351970","山西新百川重工机械有限公司","2019-01-18T13:40:33","康静(0943)","2019-01-08T15:14:06","Y",null,null,"张红武(0478)",2323,0,0]
["Y","RP00012PZY03","12PZY0303 水平缸",null,"12PZY0303","GO-0473013",2,"套.",2,2000,{"v":4000,"d":"4000.00"},2002.59,4005.17,640.83,{"v":0,"d":"0.00"},0,0,0,"08709990-91","电汇","徐健(1740)",2,"徐健(1740)",0,0,"2018-10-25","2019-03-04T09:03:12","2019-03-05T09:18:31","2019-03-05T09:18:31","配套件（RP）","68","PO-0356136","山西新百川重工机械有限公司","2019-04-22T14:54:23","康静(0943)","2019-04-01T11:38:21","Y",null,null,"张红武(0478)",2323,0,0]
["Y","RP00012PZY03","12PZY0303 水平缸",null,"12PZY0303","GO-0473480",2,"套.",2,2000,{"v":4000,"d":"4000.00"},2002.59,4005.17,640.83,{"v":0,"d":"0.00"},0,0,0,"08709990-91","电汇","徐健(1740)",2,"徐健(1740)",0,0,"2018-10-25","2019-03-08T08:46:14","2019-03-08T15:20:25","2019-03-08T15:20:25","配套件（RP）","68","PO-0358173","山西新百川重工机械有限公司","2019-04-22T14:54:23","康静(0943)","2019-04-01T11:38:16","Y",null,null,"张红武(0478)",2323,0,0]
["Y","RP00012PZY03","12PZY0303 水平缸",null,"12PZY0303","GO-0482110",2,"套.",2,2000,{"v":4000,"d":"4000.00"},2055.75,{"v":4111.5,"d":"4111.50"},534.5,{"v":0,"d":"0.00"},0,0,0,"08710010-14","电汇","徐健(1740)",2,"徐健(1740)",0,0,"2019-06-07","2019-06-12T10:11:58","2019-06-12T15:45:20","2019-06-12T15:45:20","配套件（RP）","68","PO-0361154","山西新百川重工机械有限公司","2019-06-29T15:43:22","康静(0943)","2019-06-16T08:42:11","Y",null,null,"张红武(0478)",2323,0,0]
["Y","RP00012PZY03","12PZY0303 水平缸",null,"12PZY0303","GO-0480887",4,"套.",4,2000,{"v":8000,"d":"8000.00"},2055.75,8223.01,1068.99,{"v":0,"d":"0.00"},0,0,0,"12706523","电汇","徐健(1740)",4,"徐健(1740)",0,0,"2019-05-21","2019-05-29T16:45:37","2019-05-31T14:10:26","2019-05-31T14:10:26","配套件（RP）","68","PO-0362709","太重集团榆次液压工业（济南）","2019-06-24T17:35:57","康静(0943)","2019-06-16T08:32:45","Y",null,null,"张红武(0478)",2323,0,0]
["Y","RP000A8PZY02","8PZY0402A 立缸",null,"8PZY0402A","GO-0468713",4,"套.",4,2700,{"v":10800,"d":"10800.00"},2844.83,11379.31,1820.69,{"v":0,"d":"0.00"},0,0,0,"07241577","支票","徐健(1740)",4,"徐健(1740)",0,0,"2018-11-17","2019-01-07T09:23:19","2019-01-09T15:43:35","2019-01-09T15:43:35","配套件（RP）","00","PO-0347067","山西煤机银利达机械制造有限公司","2019-04-22T14:53:01","康静(0943)","2019-04-01T11:45:40","Y",null,null,"张红武(0478)",3300,0,0]
["Y","RP000A8PZY02","8PZY0402A 立缸",null,"8PZY0402A","GO-0476653",4,"套.",4,2700,{"v":10800,"d":"10800.00"},2920.36,11681.42,1518.58,{"v":0,"d":"0.00"},0,0,0,"08710003-04","电汇","徐健(1740)",4,"徐健(1740)",0,0,"2018-11-17","2019-04-11T08:46:26","2019-04-12T11:16:36","2019-04-12T11:16:36","配套件（RP）","00","PO-0359310","山西新百川重工机械有限公司","2019-06-29T15:42:44","康静(0943)","2019-06-16T08:36:49","Y",null,null,"张红武(0478)",3300,0,0]
["Y","RP000A8PZY03","8PZY0403A 水平缸",null,"8PZY0403A","GO-0469702",4,"套.",4,1880,{"v":7520,"d":"7520.00"},1896.55,7586.21,1213.79,{"v":0,"d":"0.00"},0,0,0,"07241577","支票","徐健(1740)",4,"徐健(1740)",0,0,"2018-12-23","2019-01-14T09:06:15","2019-01-15T16:43:08","2019-01-15T16:43:08","配套件（RP）","00","PO-0352899","山西煤机银利达机械制造有限公司","2019-04-22T14:53:01","康静(0943)","2019-04-01T11:45:55","Y",null,null,"张红武(0478)",2200,0,0]
["Y","RP000A8PZY03","8PZY0403A 水平缸",null,"8PZY0403A","GO-0474022",2,"套.",2,1880,{"v":3760,"d":"3760.00"},{"v":1946.9026,"d":"1946.90"},3893.81,506.19,{"v":0,"d":"0.00"},0,0,0,"00599487-94","支票","徐健(1740)",2,"徐健(1740)",0,0,"2018-12-23","2019-03-14T08:57:18","2019-03-15T17:14:25","2019-03-15T17:14:25","配套件（RP）","00","PO-0355511","山西煤机银利达机械制造有限公司","2019-07-10T08:50:35","康静(0943)","2019-07-08T11:37:52","Y",null,null,"张红武(0478)",2200,0,0]
["Y","RP000A8PZY03","8PZY0403A 水平缸",null,"8PZY0403A","GO-0475576",2,"套.",2,1880,{"v":3760,"d":"3760.00"},{"v":1946.9,"d":"1946.90"},{"v":3893.8,"d":"3893.80"},506.2,{"v":0,"d":"0.00"},0,0,0,"00599487-94","支票","徐健(1740)",2,"徐健(1740)",0,0,"2018-12-23","2019-03-29T07:59:48","2019-03-29T17:20:49","2019-03-29T17:20:49","配套件（RP）","00","PO-0355511","山西煤机银利达机械制造有限公司","2019-07-10T08:50:35","康静(0943)","2019-07-08T11:38:05","Y",null,null,"张红武(0478)",2200,0,0]
["Y","RP000A8PZY03","8PZY0403A 水平缸",null,"8PZY0403A","GO-0475585",2,"套.",2,1880,{"v":3760,"d":"3760.00"},{"v":1946.9,"d":"1946.90"},{"v":3893.8,"d":"3893.80"},506.2,{"v":0,"d":"0.00"},0,0,0,"08710003-04","电汇","徐健(1740)",2,"徐健(1740)",0,0,"2019-03-10","2019-03-29T08:01:29","2019-04-01T15:55:07","2019-04-01T15:55:07","配套件（RP）","00","PO-0356137","山西新百川重工机械有限公司","2019-06-29T15:42:44","康静(0943)","2019-06-16T08:37:17","Y",null,null,"张红武(0478)",2200,0,0]
["Y","RP000A8PZY03","8PZY0403A 水平缸",null,"8PZY0403A","GO-0476654",2,"套.",2,1880,{"v":3760,"d":"3760.00"},{"v":1946.9026,"d":"1946.90"},3893.81,506.19,{"v":0,"d":"0.00"},0,0,0,"08710003-04","电汇","徐健(1740)",2,"徐健(1740)",0,0,"2019-03-10","2019-04-11T08:46:26","2019-04-12T11:16:45","2019-04-12T11:16:45","配套件（RP）","00","PO-0359311","山西新百川重工机械有限公司","2019-06-29T15:42:44","康静(0943)","2019-06-16T08:36:58","Y",null,null,"张红武(0478)",2200,0,0]
["Y","RP000A8PZY03","8PZY0403A 水平缸",null,"8PZY0403A","GO-0484170",2,"套.",2,1880,{"v":3760,"d":"3760.00"},{"v":1946.9026,"d":"1946.90"},3893.81,506.19,{"v":0,"d":"0.00"},0,0,0,"02263459-66","电汇","徐健(1740)",2,"徐健(1740)",0,0,"2019-03-31","2019-07-05T10:31:50","2019-07-06T14:32:31","2019-07-06T14:32:31","配套件（RP）","00","PO-0363535","山西新百川重工机械有限公司","2019-08-21T14:01:26","康静(0943)","2019-08-07T10:42:56","Y",null,null,"张红武(0478)",2200,0,0]
["Y","RP000A8PZY03","8PZY0403A 水平缸",null,"8PZY0403A","GO-0484169",2,"套.",2,1880,{"v":3760,"d":"3760.00"},{"v":1946.9026,"d":"1946.90"},3893.81,506.19,{"v":0,"d":"0.00"},0,0,0,"02263459-66","电汇","徐健(1740)",2,"徐健(1740)",0,0,"2019-06-30","2019-07-05T10:31:50","2019-07-06T14:32:35","2019-07-06T14:32:35","配套件（RP）","00","PO-0367052","山西新百川重工机械有限公司","2019-08-21T14:01:26","康静(0943)","2019-08-07T10:42:46","Y",null,null,"张红武(0478)",2200,0,0]
["Y","RP000A8PZY03","8PZY0403A 水平缸",null,"8PZY0403A","GO-0485977",2,"套.",2,1880,{"v":3760,"d":"3760.00"},{"v":1946.9026,"d":"1946.90"},3893.81,506.19,{"v":0,"d":"0.00"},0,0,0,"02263459-66","电汇","徐健(1740)",2,"徐健(1740)",0,0,"2019-06-30","2019-07-23T09:38:11","2019-07-29T07:56:21","2019-07-29T07:56:21","配套件（RP）","00","PO-0365733","山西新百川重工机械有限公司","2019-08-21T14:01:26","康静(0943)","2019-08-07T10:42:51","Y",null,null,"张红武(0478)",2200,0,0]
["Y","RP000A8PZY03","8PZY0403A 水平缸",null,"8PZY0403A","GO-0485976",4,"套.",4,1880,{"v":7520,"d":"7520.00"},{"v":1946.9,"d":"1946.90"},{"v":7787.6,"d":"7787.60"},1012.4,{"v":0,"d":"0.00"},0,0,0,"02263459-66","电汇","徐健(1740)",4,"徐健(1740)",0,0,"2019-03-31","2019-07-23T09:38:11","2019-07-29T07:56:25","2019-07-29T07:56:25","配套件（RP）","00","PO-0364808","山西新百川重工机械有限公司","2019-08-21T14:01:26","康静(0943)","2019-08-07T10:43:22","Y",null,null,"张红武(0478)",2200,0,0]
["N","RP000A8PZY03","8PZY0403A 水平缸",null,"8PZY0403A","GO-0486934",2,"套.",2,1880,{"v":3760,"d":"3760.00"},{"v":0,"d":"0.00"},{"v":0,"d":"0.00"},0,{"v":0,"d":"0.00"},0,0,0,null,"电汇","徐健(1740)",2,"徐健(1740)",0,0,"2019-06-30","2019-08-02T08:55:00","2019-08-15T08:38:08","2019-08-15T08:38:08","配套件（RP）","00","PO-0365733","山西新百川重工机械有限公司",null,"",null,"N",null,null,"张红武(0478)",2200,0,0]
["N","RP000B8PZY02","8PZY0402B立缸",null,"8PZY0402B","GO-0485419",4,"套.",4,2700,{"v":10800,"d":"10800.00"},{"v":0,"d":"0.00"},{"v":0,"d":"0.00"},0,{"v":0,"d":"0.00"},0,0,0,null,"支票","徐健(1740)",4,"徐健(1740)",0,0,"2019-07-14","2019-07-18T17:21:50","2019-07-20T13:42:47","2019-07-20T13:42:47","配套件（RP）","00","PO-0365734","山西煤机银利达机械制造有限公司",null,"",null,"N",null,null,"张红武(0478)",3200,0,0]
["Y","RP000D8PZY02","8PZY0402D立缸",null,"8PZY0402D","GO-0475586",4,"套.",4,2800,{"v":11200,"d":"11200.00"},2831.86,11327.44,1472.56,{"v":0,"d":"0.00"},0,0,0,"08710003-04","电汇","徐健(1740)",4,"徐健(1740)",0,0,"2019-03-31","2019-03-29T08:01:29","2019-03-29T17:21:03","2019-03-29T17:21:03","配套件（RP）","00","PO-0356138","山西新百川重工机械有限公司","2019-06-29T15:42:44","康静(0943)","2019-06-16T08:35:51","Y",null,null,"张红武(0478)",3200,0,0]
["Y","RP000D8PZY02","8PZY0402D立缸",null,"8PZY0402D","GO-0476655",4,"套.",4,2800,{"v":11200,"d":"11200.00"},{"v":2831.8584,"d":"2831.86"},11327.43,1472.57,{"v":0,"d":"0.00"},0,0,0,"08710003-04","电汇","徐健(1740)",4,"徐健(1740)",0,0,"2019-03-31","2019-04-11T08:46:26","2019-04-12T11:16:48","2019-04-12T11:16:48","配套件（RP）","00","PO-0359312","山西新百川重工机械有限公司","2019-06-29T15:42:44","康静(0943)","2019-06-16T08:35:35","Y",null,null,"张红武(0478)",3200,0,0]
["Y","RP000D8PZY02","8PZY0402D立缸",null,"8PZY0402D","GO-0484172",4,"套.",4,2800,{"v":11200,"d":"11200.00"},2831.86,11327.44,1472.56,{"v":0,"d":"0.00"},0,0,0,"02263459-66","电汇","徐健(1740)",4,"徐健(1740)",0,0,"2019-03-31","2019-07-05T10:31:50","2019-07-06T14:32:49","2019-07-06T14:32:49","配套件（RP）","00","PO-0363536","山西新百川重工机械有限公司","2019-08-21T14:01:26","康静(0943)","2019-08-07T10:39:42","Y","价格维护错",null,"张红武(0478)",3060,0,0]
["Y","RP000D8PZY02","8PZY0402D立缸",null,"8PZY0402D","GO-0484171",6,"套.",6,2800,{"v":16800,"d":"16800.00"},{"v":2831.8584,"d":"2831.86"},16991.15,2208.85,{"v":0,"d":"0.00"},0,0,0,"02263459-66","电汇","徐健(1740)",6,"徐健(1740)",0,0,"2019-03-31","2019-07-05T10:31:50","2019-07-06T14:32:45","2019-07-06T14:32:45","配套件（RP）","00","PO-0364749","山西新百川重工机械有限公司","2019-08-21T14:01:26","康静(0943)","2019-08-07T10:37:23","Y",null,null,"张红武(0478)",3200,0,0]
["Y","RP000D8PZY02","8PZY0402D立缸",null,"8PZY0402D","GO-0485980",4,"套.",4,2800,{"v":11200,"d":"11200.00"},{"v":2831.8584,"d":"2831.86"},11327.43,1472.57,{"v":0,"d":"0.00"},0,0,0,"02263459-66","电汇","徐健(1740)",4,"徐健(1740)",0,0,"2019-06-30","2019-07-23T09:38:11","2019-07-29T07:56:33","2019-07-29T07:56:33","配套件（RP）","00","PO-0367053","山西新百川重工机械有限公司","2019-08-21T14:01:26","康静(0943)","2019-08-07T10:37:20","Y",null,null,"张红武(0478)",3200,0,0]
["Y","RP000D8PZY02","8PZY0402D立缸",null,"8PZY0402D","GO-0485979",2,"套.",2,2800,{"v":5600,"d":"5600.00"},{"v":2831.8584,"d":"2831.86"},5663.72,736.28,{"v":0,"d":"0.00"},0,0,0,"02263459-66","电汇","徐健(1740)",2,"徐健(1740)",0,0,"2019-03-31","2019-07-23T09:38:11","2019-07-29T07:56:38","2019-07-29T07:56:38","配套件（RP）","00","PO-0364749","山西新百川重工机械有限公司","2019-08-21T14:01:26","康静(0943)","2019-08-07T10:37:08","Y",null,null,"张红武(0478)",3200,0,0]
["Y","RP000D8PZY02","8PZY0402D立缸",null,"8PZY0402D","GO-0485978",4,"套.",4,2800,{"v":11200,"d":"11200.00"},{"v":2831.8584,"d":"2831.86"},11327.43,1472.57,{"v":0,"d":"0.00"},0,0,0,"02263459-66","电汇","徐健(1740)",4,"徐健(1740)",0,0,"2019-06-30","2019-07-23T09:38:11","2019-07-29T07:56:36","2019-07-29T07:56:36","配套件（RP）","00","PO-0365735","山西新百川重工机械有限公司","2019-08-21T14:01:26","康静(0943)","2019-08-07T10:37:25","Y",null,null,"张红武(0478)",3200,0,0]
["Y","RP000QTYG300","QTYG100300  调整油缸",null,"QTYG100300","GO-0458645",4,"套.",4,1200,{"v":4800,"d":"4800.00"},1163.79,4655.17,744.83,{"v":0,"d":"0.00"},0,0,0,"07241517-28","支票","徐健(1740)",4,"徐健(1740)",0,0,"2018-09-14","2018-09-21T07:53:24","2018-09-26T09:47:54","2018-09-26T09:47:54","配套件（RP）","00","PO-0344404","山西煤机银利达机械制造有限公司","2019-01-17T08:36:55","康静(0943)","2019-01-14T09:47:00","Y",null,null,"张红武(0478)",1350,0,0]
["Y","RP0012PZY03E","12PZY0303E 水平缸",null,"12PZY0303E","GO-0461398",2,"套.",2,2250,{"v":4500,"d":"4500.00"},{"v":2284.4827,"d":"2284.48"},4568.97,731.03,{"v":0,"d":"0.00"},0,0,0,"07241517-28","支票","徐健(1740)",2,"徐健(1740)",0,0,"2018-10-06","2018-10-23T08:15:45","2018-10-29T09:42:06","2018-10-29T09:42:06","配套件（RP）","00","PO-0346289","山西煤机银利达机械制造有限公司","2019-01-17T08:36:55","康静(0943)","2019-01-14T09:47:20","Y",null,null,"张红武(0478)",2650,0,0]
["Y","RP0012PZY03E","12PZY0303E 水平缸",null,"12PZY0303E","GO-0462307",2,"套.",2,2250,{"v":4500,"d":"4500.00"},2284.48,4568.96,731.04,{"v":0,"d":"0.00"},0,0,0,"07241517-28","支票","徐健(1740)",2,"徐健(1740)",0,0,"2018-10-06","2018-11-02T08:40:22","2018-11-05T13:53:10","2018-11-05T13:53:10","配套件（RP）","00","PO-0347808","山西煤机银利达机械制造有限公司","2019-01-17T08:36:55","康静(0943)","2019-01-14T09:47:35","Y",null,null,"张红武(0478)",2650,0,0]
["Y","RP0012PZY03E","12PZY0303E 水平缸",null,"12PZY0303E","GO-0464218",2,"套.",2,2250,{"v":4500,"d":"4500.00"},2002.59,4005.17,640.83,{"v":0,"d":"0.00"},0,0,0,"07241545-49","支票","徐健(1740)",2,"徐健(1740)",0,0,"2018-10-06","2018-11-20T08:56:10","2018-11-20T16:47:08","2018-11-20T16:47:08","配套件（RP）","00","PO-0349703","山西煤机银利达机械制造有限公司","2019-03-11T17:25:52","康静(0943)","2019-03-07T08:39:08","Y",null,null,"张红武(0478)",2323,0,0]
["Y","RP0012PZY03E","12PZY0303E 水平缸",null,"12PZY0303E","GO-0476855",2,"套.",2,2000,{"v":4000,"d":"4000.00"},2055.75,{"v":4111.5,"d":"4111.50"},534.5,{"v":0,"d":"0.00"},0,0,0,"00599487-94","支票","徐健(1740)",2,"徐健(1740)",0,0,"2018-12-23","2019-04-12T10:54:19","2019-04-12T17:01:31","2019-04-12T17:01:31","配套件（RP）","00","PO-0359338","山西煤机银利达机械制造有限公司","2019-07-10T08:50:35","康静(0943)","2019-07-08T11:38:25","Y",null,null,"张红武(0478)",2323,0,0]
["N","RP0012PZY03E","12PZY0303E 水平缸",null,"12PZY0303E","GO-0488038",2,"套.",2,2000,{"v":4000,"d":"4000.00"},{"v":0,"d":"0.00"},{"v":0,"d":"0.00"},0,{"v":0,"d":"0.00"},0,0,0,null,"支票","徐健(1740)",2,"徐健(1740)",0,0,"2019-01-22","2019-08-14T09:50:22","2019-08-14T17:20:26","2019-08-14T17:20:26","配套件（RP）","00","PO-0367685","山西煤机银利达机械制造有限公司",null,"",null,"N",null,null,"张红武(0478)",2323,0,0]
["Y","RP0012PZY03E","12PZY0303E 水平缸",null,"12PZY0303E","GO-0465039",2,"套.",2,2250,{"v":4500,"d":"4500.00"},2284.48,4568.96,731.04,{"v":0,"d":"0.00"},0,0,0,"08735226-31","电汇","徐健(1740)",2,"徐健(1740)",0,0,"2018-10-06","2018-11-28T13:06:42","2018-12-03T14:13:54","2018-12-03T14:13:54","配套件（RP）","00","PO-0350157","山西新百川重工机械有限公司","2019-01-18T13:40:33","康静(0943)","2019-01-08T15:15:03","Y","价格维护错",null,"张红武(0478)",2323,0,0]
["Y","RP0012PZY03E","12PZY0303E 水平缸",null,"12PZY0303E","GO-0465040",2,"套.",2,2250,{"v":4500,"d":"4500.00"},{"v":2284.4827,"d":"2284.48"},4568.97,731.03,{"v":0,"d":"0.00"},0,0,0,"08735226-31","电汇","徐健(1740)",2,"徐健(1740)",0,0,"2018-10-06","2018-11-28T13:06:42","2018-12-03T14:13:58","2018-12-03T14:13:58","配套件（RP）","00","PO-0350930","山西新百川重工机械有限公司","2019-01-18T13:40:33","康静(0943)","2019-01-08T15:14:30","Y",null,null,"张红武(0478)",2650,0,0]
["Y","RP0012PZY03E","12PZY0303E 水平缸",null,"12PZY0303E","GO-0466606",2,"套.",2,2250,{"v":4500,"d":"4500.00"},{"v":2284.4827,"d":"2284.48"},4568.97,731.03,{"v":0,"d":"0.00"},0,0,0,"08735226-31","电汇","徐健(1740)",2,"徐健(1740)",0,0,"2018-11-28","2018-12-13T16:58:57","2018-12-21T10:47:46","2018-12-21T10:47:46","配套件（RP）","00","PO-0352651","山西新百川重工机械有限公司","2019-01-18T13:40:33","康静(0943)","2019-01-08T15:14:24","Y",null,null,"张红武(0478)",2650,0,0]
["Y","RP0012PZY03E","12PZY0303E 水平缸",null,"12PZY0303E","GO-0473014",2,"套.",2,2000,{"v":4000,"d":"4000.00"},2002.59,4005.17,640.83,{"v":0,"d":"0.00"},0,0,0,"08709990-91","电汇","徐健(1740)",2,"徐健(1740)",0,0,"2018-12-07","2019-03-04T09:03:12","2019-03-05T09:18:50","2019-03-05T09:18:50","配套件（RP）","00","PO-0353873","山西新百川重工机械有限公司","2019-04-22T14:54:23","康静(0943)","2019-04-01T11:40:09","Y",null,null,"张红武(0478)",2323,0,0]
["Y","RP006ZZD0101","6ZZD0101 拉移千斤顶",null,"6ZZD0101","GO-0473027",2,"件",2,2530,{"v":5060,"d":"5060.00"},3064.78,6129.56,796.84,{"v":0,"d":"0.00"},0,0,0,"00599487-94","支票","徐健(1740)",2,"徐健(1740)",0,0,"2019-03-18","2019-03-04T09:17:11","2019-03-04T14:41:20","2019-03-04T14:41:20","配套件（RP）","00","PO-0358139","山西煤机银利达机械制造有限公司","2019-07-10T08:50:35","康静(0943)","2019-07-08T11:38:36","Y",null,null,"张红武(0478)",3463.2,0,0]
["Y","RP00AFDHTG01","FDHTG01A 浮动护套缸",null,"FDHTG01A","GO-0467012",2,"套.",2,2660,{"v":5320,"d":"5320.00"},2679.31,5358.62,857.38,{"v":0,"d":"0.00"},0,0,0,"07241545-49","支票","徐健(1740)",2,"徐健(1740)",0,0,"2016-06-11","2018-12-18T09:10:53","2018-12-21T10:47:53","2018-12-21T10:47:53","配套件（RP）","68","PO-0346290","山西煤机银利达机械制造有限公司","2019-03-11T17:25:52","康静(0943)","2019-03-07T08:39:21","Y",null,null,"张红武(0478)",3108,0,0]
["Y","RP00AFDHTG01","FDHTG01A 浮动护套缸",null,"FDHTG01A","GO-0471783",2,"套.",2,2660,{"v":5320,"d":"5320.00"},2679.31,5358.62,857.38,{"v":0,"d":"0.00"},0,0,0,"07241577","支票","徐健(1740)",2,"徐健(1740)",0,0,"2018-08-01","2019-02-15T08:48:18","2019-02-22T15:46:09","2019-02-22T15:46:09","配套件（RP）","68","PO-0356139","山西煤机银利达机械制造有限公司","2019-04-22T14:53:01","康静(0943)","2019-04-01T11:46:08","Y",null,null,"张红武(0478)",3108,0,0]
["Y","RP00AFDHTG01","FDHTG01A 浮动护套缸",null,"FDHTG01A","GO-0477500",2,"套.",2,2660,{"v":5320,"d":"5320.00"},2750.44,5500.88,715.12,{"v":0,"d":"0.00"},0,0,0,"00599487-94","支票","徐健(1740)",2,"徐健(1740)",0,0,"2018-08-01","2019-04-22T09:03:26","2019-04-23T16:47:49","2019-04-23T16:47:49","配套件（RP）","68","PO-0359313","山西煤机银利达机械制造有限公司","2019-07-10T08:50:35","康静(0943)","2019-07-08T11:38:57","Y",null,null,"张红武(0478)",3108,0,0]
["Y","RP00AFDHTG01","FDHTG01A 浮动护套缸",null,"FDHTG01A","GO-0454468",5,"套.",5,2660,{"v":13300,"d":"13300.00"},{"v":2679.3103,"d":"2679.31"},13396.55,2143.45,{"v":0,"d":"0.00"},0,0,0,"08183335-36","电汇","赵祜源(0913)",5,"赵祜源(0913)",0,0,"2016-06-11","2018-08-10T08:16:06","2018-08-10T15:50:07","2018-08-10T15:50:07","配套件（RP）","68","PO-0342371","山西新百川重工机械有限公司","2018-12-17T11:07:30","康静(0943)","2018-11-29T10:12:36","Y",null,null,"张红武(0478)",3108,0,0]
["Y","RP00AFDHTG01","FDHTG01A 浮动护套缸",null,"FDHTG01A","GO-0457281",6,"套.",6,2660,{"v":15960,"d":"15960.00"},2679.31,16075.88,2572.12,{"v":0,"d":"0.00"},0,0,0,"08183335-36","电汇","赵祜源(0913)",6,"赵祜源(0913)",0,0,"2016-06-11","2018-09-10T11:10:31","2018-09-10T11:38:57","2018-09-10T11:38:57","配套件（RP）","68","PO-0344393","山西新百川重工机械有限公司","2018-12-17T11:07:30","康静(0943)","2018-11-29T10:18:28","Y",null,null,"张红武(0478)",3108,0,0]
["Y","RP00AFDHTG01","FDHTG01A 浮动护套缸",null,"FDHTG01A","GO-0460165",2,"套.",2,2660,{"v":5320,"d":"5320.00"},{"v":2679.3103,"d":"2679.31"},5358.62,857.38,{"v":0,"d":"0.00"},0,0,0,"08183335-36","电汇","徐健(1740)",2,"徐健(1740)",0,0,"2016-06-11","2018-10-12T09:46:26","2018-10-16T16:37:34","2018-10-16T16:37:34","配套件（RP）","68","PO-0347068","山西新百川重工机械有限公司","2018-12-17T11:07:30","康静(0943)","2018-11-29T10:12:42","Y",null,null,"张红武(0478)",3108,0,0]
["Y","RP00AFDHTG01","FDHTG01A 浮动护套缸",null,"FDHTG01A","GO-0462569",6,"套.",6,2660,{"v":15960,"d":"15960.00"},{"v":2679.3103,"d":"2679.31"},16075.86,2572.14,{"v":0,"d":"0.00"},0,0,0,"08183335-36","电汇","徐健(1740)",6,"徐健(1740)",0,0,"2016-06-11","2018-11-05T13:22:23","2018-11-05T15:54:58","2018-11-05T15:54:58","配套件（RP）","68","PO-0349103","山西新百川重工机械有限公司","2018-12-17T11:07:30","康静(0943)","2018-11-29T10:12:40","Y",null,null,"张红武(0478)",3108,0,0]
["Y","RP00AFDHTG01","FDHTG01A 浮动护套缸",null,"FDHTG01A","GO-0465041",2,"套.",2,2660,{"v":5320,"d":"5320.00"},{"v":2679.3103,"d":"2679.31"},5358.62,857.38,{"v":0,"d":"0.00"},0,0,0,"08735226-31","电汇","徐健(1740)",2,"徐健(1740)",0,0,"2017-10-10","2018-11-28T13:06:42","2018-12-03T14:14:29","2018-12-03T14:14:29","配套件（RP）","68","PO-0349704","山西新百川重工机械有限公司","2019-01-18T13:40:33","康静(0943)","2019-01-08T15:10:17","Y",null,null,"张红武(0478)",3108,0,0]
["Y","RP00AFDHTG01","FDHTG01A 浮动护套缸",null,"FDHTG01A","GO-0466607",2,"套.",2,2660,{"v":5320,"d":"5320.00"},{"v":2679.3103,"d":"2679.31"},5358.62,857.38,{"v":0,"d":"0.00"},0,0,0,"08735226-31","电汇","徐健(1740)",2,"徐健(1740)",0,0,"2018-08-01","2018-12-13T16:58:57","2018-12-21T10:46:36","2018-12-21T10:46:36","配套件（RP）","68","PO-0351971","山西新百川重工机械有限公司","2019-01-18T13:40:33","康静(0943)","2019-01-08T15:10:10","Y",null,null,"张红武(0478)",3108,0,0]
["Y","RP00AFDHTG01","FDHTG01A 浮动护套缸",null,"FDHTG01A","GO-0470891",2,"套.",2,2660,{"v":5320,"d":"5320.00"},2679.31,5358.62,857.38,{"v":0,"d":"0.00"},0,0,0,"08709990-91","电汇","徐健(1740)",2,"徐健(1740)",0,0,"2018-08-01","2019-01-25T08:28:17","2019-01-25T14:43:55","2019-01-25T14:43:55","配套件（RP）","68","PO-0353630","山西新百川重工机械有限公司","2019-04-22T14:54:23","康静(0943)","2019-04-01T11:40:01","Y",null,null,"张红武(0478)",3108,0,0]
["Y","RP00AFDHTG01","FDHTG01A 浮动护套缸",null,"FDHTG01A","GO-0475587",4,"套.",4,2660,{"v":10640,"d":"10640.00"},{"v":2750.4424,"d":"2750.44"},11001.77,1430.23,{"v":0,"d":"0.00"},0,0,0,"08710010-14","电汇","徐健(1740)",4,"徐健(1740)",0,0,"2018-08-01","2019-03-29T08:01:29","2019-03-29T17:21:29","2019-03-29T17:21:29","配套件（RP）","68","PO-0357931","山西新百川重工机械有限公司","2019-06-29T15:43:22","康静(0943)","2019-06-16T08:43:51","Y",null,null,"张红武(0478)",3108,0,0]
["Y","RP00AFDHTG01","FDHTG01A 浮动护套缸",null,"FDHTG01A","GO-0482111",2,"套.",2,2660,{"v":5320,"d":"5320.00"},{"v":2750.4424,"d":"2750.44"},5500.88,715.12,{"v":0,"d":"0.00"},0,0,0,"08710010-14","电汇","徐健(1740)",2,"徐健(1740)",0,0,"2018-08-01","2019-06-12T10:11:58","2019-06-12T15:45:23","2019-06-12T15:45:23","配套件（RP）","68","PO-0362711","山西新百川重工机械有限公司","2019-06-29T15:43:22","康静(0943)","2019-06-16T08:43:47","Y",null,null,"张红武(0478)",3108,0,0]
["Y","RP00AFDHTG01","FDHTG01A 浮动护套缸",null,"FDHTG01A","GO-0484174",2,"套.",2,2660,{"v":5320,"d":"5320.00"},2750.45,5500.89,715.11,{"v":0,"d":"0.00"},0,0,0,"02263459-66","电汇","徐健(1740)",2,"徐健(1740)",0,0,"2019-05-21","2019-07-05T10:31:50","2019-07-06T14:33:04","2019-07-06T14:33:04","配套件（RP）","68","PO-0364750","山西新百川重工机械有限公司","2019-08-21T14:01:26","康静(0943)","2019-08-07T10:39:05","Y",null,null,"张红武(0478)",3108,0,0]
["Y","RP00AFDHTG01","FDHTG01A 浮动护套缸",null,"FDHTG01A","GO-0484173",2,"套.",2,2660,{"v":5320,"d":"5320.00"},{"v":2750.4424,"d":"2750.44"},5500.88,715.12,{"v":0,"d":"0.00"},0,0,0,"02263459-66","电汇","徐健(1740)",2,"徐健(1740)",0,0,"2019-05-21","2019-07-05T10:31:50","2019-07-06T14:32:59","2019-07-06T14:32:59","配套件（RP）","68","PO-0365773","山西新百川重工机械有限公司","2019-08-21T14:01:26","康静(0943)","2019-08-07T10:38:40","Y",null,null,"张红武(0478)",3108,0,0]
["Y","RP00AFDHTG01","FDHTG01A 浮动护套缸",null,"FDHTG01A","GO-0480883",4,"套.",4,2660,{"v":10640,"d":"10640.00"},2750.44,11001.77,1430.23,{"v":0,"d":"0.00"},0,0,0,"12706523","电汇","徐健(1740)",4,"徐健(1740)",0,0,"2019-05-21","2019-05-29T16:45:37","2019-05-31T14:10:36","2019-05-31T14:10:36","配套件（RP）","68","PO-0363537","太重集团榆次液压工业（济南）","2019-06-24T17:35:57","康静(0943)","2019-06-16T08:32:57","Y",null,null,"张红武(0478)",3108,0,0]
["N","RP00B12PZY02","12PZY0302B 立缸",null,"12PZY0302B","GO-0482821",4,"套.",4,3160,{"v":12640,"d":"12640.00"},{"v":0,"d":"0.00"},{"v":0,"d":"0.00"},0,{"v":0,"d":"0.00"},0,0,0,null,"支票","徐健(1740)",4,"徐健(1740)",0,0,"2019-06-06","2019-06-20T16:35:25","2019-06-21T11:53:48","2019-06-21T11:53:48","配套件（RP）","68","PO-0365284","山西煤机银利达机械制造有限公司",null,"",null,"N",null,null,"张红武(0478)",3700,0,0]
["N","RP00B12PZY02","12PZY0302B 立缸",null,"12PZY0302B","GO-0483512",4,"套.",4,3160,{"v":12640,"d":"12640.00"},{"v":0,"d":"0.00"},{"v":0,"d":"0.00"},0,{"v":0,"d":"0.00"},0,0,0,null,"支票","徐健(1740)",4,"徐健(1740)",0,0,"2019-06-06","2019-06-28T09:19:20","2019-06-28T14:34:44","2019-06-28T14:34:44","配套件（RP）","68","PO-0365284","山西煤机银利达机械制造有限公司",null,"",null,"N",null,null,"张红武(0478)",3700,0,0]
["Y","RP00B12PZY02","12PZY0302B 立缸",null,"12PZY0302B","GO-0473481",4,"套.",4,3160,{"v":12640,"d":"12640.00"},3189.66,12758.62,2041.38,{"v":0,"d":"0.00"},0,0,0,"08709990-91","电汇","徐健(1740)",4,"徐健(1740)",0,0,"2019-04-18","2019-03-08T08:46:14","2019-03-08T15:20:31","2019-03-08T15:20:31","配套件（RP）","68","PO-0358174","山西新百川重工机械有限公司","2019-04-22T14:54:23","康静(0943)","2019-04-01T11:38:49","Y",null,null,"张红武(0478)",3700,0,0]
["Y","RP00B12PZY02","12PZY0302B 立缸",null,"12PZY0302B","GO-0480888",4,"套.",4,3160,{"v":12640,"d":"12640.00"},{"v":3274.3362,"d":"3274.34"},13097.34,1702.65,{"v":0,"d":"0.00"},0,0,0,"12706523","电汇","徐健(1740)",4,"徐健(1740)",0,0,"2019-06-07","2019-05-29T16:45:37","2019-05-31T14:10:43","2019-05-31T14:10:43","配套件（RP）","68","PO-0362712","太重集团榆次液压工业（济南）","2019-06-24T17:35:57","康静(0943)","2019-06-16T08:32:15","Y",null,null,"张红武(0478)",3700,0,0]
["Y","RP00B12PZY02","12PZY0302B 立缸",null,"12PZY0302B","GO-0480886",4,"套.",4,3160,{"v":12640,"d":"12640.00"},3274.34,13097.35,1702.65,{"v":0,"d":"0.00"},0,0,0,"12706523","电汇","徐健(1740)",4,"徐健(1740)",0,0,"2019-06-07","2019-05-29T16:45:37","2019-05-31T14:10:39","2019-05-31T14:10:39","配套件（RP）","68","PO-0361155","太重集团榆次液压工业（济南）","2019-06-24T17:35:57","康静(0943)","2019-06-16T08:32:29","Y",null,null,"张红武(0478)",3700,0,0]
["Y","RP00C12PZY02","12PZY0302C 立缸",null,"12PZY0302C","GO-0455956",4,"套.",4,3350,{"v":13400,"d":"13400.00"},{"v":3189.6552,"d":"3189.66"},12758.62,2041.38,{"v":0,"d":"0.00"},0,0,0,"07241517-28","支票","赵祜源(0913)",4,"赵祜源(0913)",0,0,"2018-08-22","2018-08-27T09:11:11","2018-08-29T07:59:36","2018-08-29T07:59:36","配套件（RP）","00","PO-0344394","山西煤机银利达机械制造有限公司","2019-01-17T08:36:55","康静(0943)","2019-01-14T09:48:01","Y",null,null,"张红武(0478)",3700,0,0]
["Y","RP00C12PZY02","12PZY0302C 立缸",null,"12PZY0302C","GO-0462811",4,"套.",4,3350,{"v":13400,"d":"13400.00"},{"v":3189.6552,"d":"3189.66"},12758.62,2041.38,{"v":0,"d":"0.00"},0,0,0,"07241517-28","支票","徐健(1740)",4,"徐健(1740)",0,0,"2018-08-22","2018-11-07T14:30:16","2018-11-16T15:24:44","2018-11-16T15:24:44","配套件（RP）","00","PO-0345179","山西煤机银利达机械制造有限公司","2019-01-17T08:36:55","康静(0943)","2019-01-14T09:47:57","Y",null,null,"张红武(0478)",3700,0,0]
["Y","RP00C12PZY02","12PZY0302C 立缸",null,"12PZY0302C","GO-0471784",4,"套.",4,3350,{"v":13400,"d":"13400.00"},3189.66,12758.62,2041.38,{"v":0,"d":"0.00"},0,0,0,"07241577","支票","徐健(1740)",4,"徐健(1740)",0,0,"2018-10-25","2019-02-15T08:48:18","2019-02-22T15:46:15","2019-02-22T15:46:15","配套件（RP）","00","PO-0351270","山西煤机银利达机械制造有限公司","2019-04-22T14:53:01","康静(0943)","2019-04-01T11:46:17","Y",null,null,"张红武(0478)",3700,0,0]
["Y","RP00C12PZY02","12PZY0302C 立缸",null,"12PZY0302C","GO-0475577",1,"套.",1,3350,{"v":3350,"d":"3350.00"},3274.34,3274.34,425.66,{"v":0,"d":"0.00"},0,0,0,"00599487-94","支票","徐健(1740)",1,"徐健(1740)",0,0,"2018-11-07","2019-03-29T07:59:48","2019-04-01T15:55:16","2019-04-01T15:55:16","配套件（RP）","00","PO-0359818","山西煤机银利达机械制造有限公司","2019-07-10T08:50:35","康静(0943)","2019-07-08T11:39:20","Y",null,null,"张红武(0478)",3700,0,0]
["N","RP00C12PZY02","12PZY0302C 立缸",null,"12PZY0302C","GO-0481491",3,"套.",3,3350,{"v":10050,"d":"10050.00"},{"v":0,"d":"0.00"},{"v":0,"d":"0.00"},0,{"v":0,"d":"0.00"},0,0,0,null,"支票","徐健(1740)",3,"徐健(1740)",0,0,"2018-11-07","2019-06-06T08:09:40","2019-06-11T17:02:50","2019-06-11T17:02:50","配套件（RP）","00","PO-0362713","山西煤机银利达机械制造有限公司",null,"",null,"N",null,null,"张红武(0478)",3700,0,0]
["Y","RP00C12PZY02","12PZY0302C 立缸",null,"12PZY0302C","GO-0461629",4,"套.",4,3350,{"v":13400,"d":"13400.00"},{"v":3189.6552,"d":"3189.66"},12758.62,2041.38,{"v":0,"d":"0.00"},0,0,0,"08183328-32","电汇","徐健(1740)",4,"徐健(1740)",0,0,"2018-08-22","2018-10-26T07:57:54","2018-10-29T09:40:57","2018-10-29T09:40:57","配套件（RP）","00","PO-0346291","山西新百川重工机械有限公司","2018-12-17T11:06:25","康静(0943)","2018-11-29T10:20:34","Y",null,null,"张红武(0478)",3700,0,0]
["Y","RP00C12PZY02","12PZY0302C 立缸",null,"12PZY0302C","GO-0461630",1,"套.",1,3350,{"v":3350,"d":"3350.00"},{"v":3189.6552,"d":"3189.66"},3189.66,510.34,{"v":0,"d":"0.00"},0,0,0,"08183328-32","电汇","徐健(1740)",1,"徐健(1740)",0,0,"2018-08-22","2018-10-26T07:57:54","2018-10-29T09:40:58","2018-10-29T09:40:58","配套件（RP）","00","PO-0348425","山西新百川重工机械有限公司","2018-12-17T11:06:25","康静(0943)","2018-11-29T10:20:39","Y",null,null,"张红武(0478)",3700,0,0]
["Y","RP00C12PZY02","12PZY0302C 立缸",null,"12PZY0302C","GO-0473015",4,"套.",4,3350,{"v":13400,"d":"13400.00"},3189.66,12758.62,2041.38,{"v":0,"d":"0.00"},0,0,0,"08709990-91","电汇","徐健(1740)",4,"徐健(1740)",0,0,"2018-10-25","2019-03-04T09:03:12","2019-03-05T09:19:05","2019-03-05T09:19:05","配套件（RP）","00","PO-0356140","山西新百川重工机械有限公司","2019-04-22T14:54:23","康静(0943)","2019-04-01T11:39:45","Y",null,null,"张红武(0478)",3700,0,0]
["Y","RP00C12PZY02","12PZY0302C 立缸",null,"12PZY0302C","GO-0476656",1,"套.",1,3350,{"v":3350,"d":"3350.00"},3274.34,3274.34,425.66,{"v":0,"d":"0.00"},0,0,0,"08710010-14","电汇","徐健(1740)",1,"徐健(1740)",0,0,"2018-11-07","2019-04-11T08:46:26","2019-04-12T11:17:17","2019-04-12T11:17:17","配套件（RP）","00","PO-0360321","山西新百川重工机械有限公司","2019-06-29T15:43:22","康静(0943)","2019-06-16T08:44:07","Y",null,null,"张红武(0478)",3700,0,0]
["Y","RP00FDHTG01E","FDHTG01AE 浮动护套缸",null,"FDHTG01AE","GO-0460415",2,"套.",2,2800,{"v":5600,"d":"5600.00"},2765.52,5531.03,884.97,{"v":0,"d":"0.00"},0,0,0,"07241517-28","支票","徐健(1740)",2,"徐健(1740)",0,0,"2018-10-06","2018-10-15T08:54:53","2018-10-15T17:53:07","2018-10-15T17:53:07","配套件（RP）","00","PO-0346292","山西煤机银利达机械制造有限公司","2019-01-17T08:36:55","康静(0943)","2019-01-14T09:48:44","Y",null,null,"张红武(0478)",3208,0,0]
["Y","RP00FDHTG01E","FDHTG01AE 浮动护套缸",null,"FDHTG01AE","GO-0461552",2,"套.",2,2800,{"v":5600,"d":"5600.00"},2679.31,5358.62,857.38,{"v":0,"d":"0.00"},0,0,0,"07241517-28","支票","徐健(1740)",2,"徐健(1740)",0,0,"2018-10-06","2018-10-24T17:27:37","2018-10-29T09:42:14","2018-10-29T09:42:14","配套件（RP）","00","PO-0347809","山西煤机银利达机械制造有限公司","2019-01-17T08:36:55","康静(0943)","2019-01-14T09:48:35","Y",null,null,"张红武(0478)",3108,0,0]
["Y","RP00FDHTG01E","FDHTG01AE 浮动护套缸",null,"FDHTG01AE","GO-0464219",2,"套.",2,2800,{"v":5600,"d":"5600.00"},2679.31,5358.62,857.38,{"v":0,"d":"0.00"},0,0,0,"07241545-49","支票","徐健(1740)",2,"徐健(1740)",0,0,"2018-10-20","2018-11-20T08:56:11","2018-11-20T16:47:22","2018-11-20T16:47:22","配套件（RP）","00","PO-0349705","山西煤机银利达机械制造有限公司","2019-03-11T17:25:52","康静(0943)","2019-03-07T08:39:39","Y",null,null,"张红武(0478)",3108,0,0]
["Y","RP00FDHTG01E","FDHTG01AE 浮动护套缸",null,"FDHTG01AE","GO-0476856",2,"套.",2,2800,{"v":5600,"d":"5600.00"},2750.45,5500.89,715.11,{"v":0,"d":"0.00"},0,0,0,"00599487-94","支票","徐健(1740)",2,"徐健(1740)",0,0,"2018-12-23","2019-04-12T10:54:19","2019-04-12T17:01:34","2019-04-12T17:01:34","配套件（RP）","00","PO-0355512","山西煤机银利达机械制造有限公司","2019-07-10T08:50:35","康静(0943)","2019-07-08T11:40:40","Y",null,null,"张红武(0478)",3108,0,0]
["Y","RP00FDHTG01E","FDHTG01AE 浮动护套缸",null,"FDHTG01AE","GO-0477501",2,"套.",2,2800,{"v":5600,"d":"5600.00"},{"v":2750.4424,"d":"2750.44"},5500.88,715.12,{"v":0,"d":"0.00"},0,0,0,"00599487-94","支票","徐健(1740)",2,"徐健(1740)",0,0,"2018-12-23","2019-04-22T09:03:26","2019-04-23T16:47:58","2019-04-23T16:47:58","配套件（RP）","00","PO-0356141","山西煤机银利达机械制造有限公司","2019-07-10T08:50:35","康静(0943)","2019-07-08T11:40:16","Y",null,null,"张红武(0478)",3108,0,0]
["Y","RP00FDHTG01E","FDHTG01AE 浮动护套缸",null,"FDHTG01AE","GO-0477502",2,"套.",2,2800,{"v":5600,"d":"5600.00"},{"v":2750.4424,"d":"2750.44"},5500.88,715.12,{"v":0,"d":"0.00"},0,0,0,"00599487-94","支票","徐健(1740)",2,"徐健(1740)",0,0,"2018-12-23","2019-04-22T09:03:26","2019-04-23T16:47:59","2019-04-23T16:47:59","配套件（RP）","00","PO-0357932","山西煤机银利达机械制造有限公司","2019-07-10T08:50:35","康静(0943)","2019-07-08T11:40:11","Y",null,null,"张红武(0478)",3108,0,0]
["N","RP00FDHTG01E","FDHTG01AE 浮动护套缸",null,"FDHTG01AE","GO-0482823",2,"套.",2,2800,{"v":5600,"d":"5600.00"},{"v":0,"d":"0.00"},{"v":0,"d":"0.00"},0,{"v":0,"d":"0.00"},0,0,0,null,"支票","徐健(1740)",2,"徐健(1740)",0,0,"2018-12-23","2019-06-20T16:35:25","2019-06-21T11:53:58","2019-06-21T11:53:58","配套件（RP）","00","PO-0363538","山西煤机银利达机械制造有限公司",null,"",null,"N",null,null,"张红武(0478)",3108,0,0]
["N","RP00FDHTG01E","FDHTG01AE 浮动护套缸",null,"FDHTG01AE","GO-0482822",4,"套.",4,2800,{"v":11200,"d":"11200.00"},{"v":0,"d":"0.00"},{"v":0,"d":"0.00"},0,{"v":0,"d":"0.00"},0,0,0,null,"支票","徐健(1740)",4,"徐健(1740)",0,0,"2018-12-23","2019-06-20T16:35:25","2019-06-21T11:54:00","2019-06-21T11:54:00","配套件（RP）","00","PO-0359314","山西煤机银利达机械制造有限公司",null,"",null,"N",null,null,"张红武(0478)",3108,0,0]
["N","RP00FDHTG01E","FDHTG01AE 浮动护套缸",null,"FDHTG01AE","GO-0488041",4,"套.",4,2800,{"v":11200,"d":"11200.00"},{"v":0,"d":"0.00"},{"v":0,"d":"0.00"},0,{"v":0,"d":"0.00"},0,0,0,null,"支票","徐健(1740)",4,"徐健(1740)",0,0,"2019-01-22","2019-08-14T09:50:22","2019-08-14T17:20:22","2019-08-14T17:20:22","配套件（RP）","00","PO-0364751","山西煤机银利达机械制造有限公司",null,"",null,"N",null,null,"张红武(0478)",3108,0,0]
["N","RP00FDHTG01E","FDHTG01AE 浮动护套缸",null,"FDHTG01AE","GO-0488039",2,"套.",2,2800,{"v":5600,"d":"5600.00"},{"v":0,"d":"0.00"},{"v":0,"d":"0.00"},0,{"v":0,"d":"0.00"},0,0,0,null,"支票","徐健(1740)",2,"徐健(1740)",0,0,"2019-01-22","2019-08-14T09:50:22","2019-08-15T08:38:10","2019-08-15T08:38:10","配套件（RP）","00","PO-0367054","山西煤机银利达机械制造有限公司",null,"",null,"N",null,null,"张红武(0478)",3108,0,0]
["N","RP00FDHTG01E","FDHTG01AE 浮动护套缸",null,"FDHTG01AE","GO-0488040",2,"套.",2,2800,{"v":5600,"d":"5600.00"},{"v":0,"d":"0.00"},{"v":0,"d":"0.00"},0,{"v":0,"d":"0.00"},0,0,0,null,"支票","徐健(1740)",2,"徐健(1740)",0,0,"2019-01-22","2019-08-14T09:50:22","2019-08-14T17:19:56","2019-08-14T17:19:56","配套件（RP）","00","PO-0367677","山西煤机银利达机械制造有限公司",null,"",null,"N",null,null,"张红武(0478)",3108,0,0]
["Y","RP00FDHTG01E","FDHTG01AE 浮动护套缸",null,"FDHTG01AE","GO-0465042",2,"套.",2,2800,{"v":5600,"d":"5600.00"},2765.52,5531.04,884.96,{"v":0,"d":"0.00"},0,0,0,"08735226-31","电汇","徐健(1740)",2,"徐健(1740)",0,0,"2018-10-20","2018-11-28T13:06:42","2018-12-03T14:14:49","2018-12-03T14:14:49","配套件（RP）","00","PO-0350158","山西新百川重工机械有限公司","2019-01-18T13:40:33","康静(0943)","2019-01-08T15:11:34","Y","价格维护错",null,"张红武(0478)",3108,0,0]
["Y","RP00FDHTG01E","FDHTG01AE 浮动护套缸",null,"FDHTG01AE","GO-0465043",2,"套.",2,2800,{"v":5600,"d":"5600.00"},{"v":2765.5172,"d":"2765.52"},5531.03,884.97,{"v":0,"d":"0.00"},0,0,0,"08735226-31","电汇","徐健(1740)",2,"徐健(1740)",0,0,"2018-11-28","2018-11-28T13:06:42","2018-12-03T14:14:45","2018-12-03T14:14:45","配套件（RP）","00","PO-0350931","山西新百川重工机械有限公司","2019-01-18T13:40:33","康静(0943)","2019-01-08T15:11:14","Y","价格维护错",null,"张红武(0478)",3108,0,0]
["Y","RP00FDHTG01E","FDHTG01AE 浮动护套缸",null,"FDHTG01AE","GO-0466608",2,"套.",2,2800,{"v":5600,"d":"5600.00"},{"v":2765.5172,"d":"2765.52"},5531.03,884.97,{"v":0,"d":"0.00"},0,0,0,"08735226-31","电汇","徐健(1740)",2,"徐健(1740)",0,0,"2018-11-28","2018-12-13T16:58:57","2018-12-21T10:46:48","2018-12-21T10:46:48","配套件（RP）","00","PO-0352652","山西新百川重工机械有限公司","2019-01-18T13:40:33","康静(0943)","2019-01-08T15:10:32","Y","价格维护错",null,"张红武(0478)",3108,0,0]
["Y","RP00FDHTG01E","FDHTG01AE 浮动护套缸",null,"FDHTG01AE","GO-0470892",4,"套.",4,2800,{"v":11200,"d":"11200.00"},2679.31,10717.24,1714.76,{"v":0,"d":"0.00"},0,0,0,"08709990-91","电汇","徐健(1740)",4,"徐健(1740)",0,0,"2018-12-23","2019-01-25T08:28:17","2019-01-25T14:44:02","2019-01-25T14:44:02","配套件（RP）","00","PO-0353874","山西新百川重工机械有限公司","2019-04-22T14:54:23","康静(0943)","2019-04-01T11:39:35","Y",null,null,"张红武(0478)",3108,0,0]
["N","RP00FDHTG01E","FDHTG01AE 浮动护套缸",null,"FDHTG01AE","GO-0486935",2,"套.",2,2800,{"v":5600,"d":"5600.00"},{"v":0,"d":"0.00"},{"v":0,"d":"0.00"},0,{"v":0,"d":"0.00"},0,0,0,null,"支票","徐健(1740)",2,"徐健(1740)",0,0,"2019-01-22","2019-08-02T08:55:46","2019-08-14T17:19:57","2019-08-14T17:19:57","配套件（RP）","00","PO-0365736","山西新百川重工机械有限公司",null,"",null,"N",null,null,"张红武(0478)",3108,0,0]
["Y","RP00SSYG2701","SSYG2702 伸缩套筒缸",null,"SSYG2702","GO-0462308",2,"套.",2,24620,{"v":49240,"d":"49240.00"},24344.83,48689.66,7790.34,{"v":0,"d":"0.00"},0,0,0,"07241517-28","支票","徐健(1740)",2,"徐健(1740)",0,0,"2018-08-01","2018-11-02T08:40:22","2018-11-05T13:53:21","2018-11-05T13:53:21","配套件（RP）","68","PO-0346293","山西煤机银利达机械制造有限公司","2019-01-17T08:36:55","康静(0943)","2019-01-14T09:49:16","Y",null,null,"张红武(0478)",28240,0,0]
["Y","RP00SSYG2701","SSYG2702 伸缩套筒缸",null,"SSYG2702","GO-0477503",2,"套.",2,24620,{"v":49240,"d":"49240.00"},24991.15,{"v":49982.3,"d":"49982.30"},6497.7,{"v":0,"d":"0.00"},0,0,0,"00599487-94","支票","徐健(1740)",2,"徐健(1740)",0,0,"2019-05-17","2019-04-22T09:03:26","2019-04-23T16:48:06","2019-04-23T16:48:06","配套件（RP）","68","PO-0359819","山西煤机银利达机械制造有限公司","2019-07-10T08:50:35","康静(0943)","2019-07-08T11:40:58","Y",null,null,"张红武(0478)",28240,0,0]
["Y","RP00SSYG2701","SSYG2702 伸缩套筒缸",null,"SSYG2702","GO-0465044",2,"套.",2,24620,{"v":49240,"d":"49240.00"},24344.83,48689.65,7790.35,{"v":0,"d":"0.00"},0,0,0,"08735226-31","电汇","徐健(1740)",2,"徐健(1740)",0,0,"2018-08-01","2018-11-28T13:06:43","2018-12-03T14:14:59","2018-12-03T14:14:59","配套件（RP）","68","PO-0349706","山西新百川重工机械有限公司","2019-01-18T13:40:33","康静(0943)","2019-01-08T15:12:47","Y",null,null,"张红武(0478)",28240,0,0]
["Y","RP00SSYG2701","SSYG2702 伸缩套筒缸",null,"SSYG2702","GO-0466610",2,"套.",2,24620,{"v":49240,"d":"49240.00"},{"v":24344.8276,"d":"24344.83"},48689.66,7790.34,{"v":0,"d":"0.00"},0,0,0,"08735226-31","电汇","徐健(1740)",2,"徐健(1740)",0,0,"2018-08-01","2018-12-13T16:58:57","2018-12-21T10:47:04","2018-12-21T10:47:04","配套件（RP）","68","PO-0351271","山西新百川重工机械有限公司","2019-01-18T13:40:33","康静(0943)","2019-01-08T15:12:35","Y",null,null,"张红武(0478)",28240,0,0]
["Y","RP00SSYG2701","SSYG2702 伸缩套筒缸",null,"SSYG2702","GO-0466609",2,"套.",2,24620,{"v":49240,"d":"49240.00"},24344.83,48689.66,7790.34,{"v":0,"d":"0.00"},0,0,0,"08735226-31","电汇","徐健(1740)",2,"徐健(1740)",0,0,"2018-08-01","2018-12-13T16:58:57","2018-12-21T10:46:51","2018-12-21T10:46:51","配套件（RP）","68","PO-0351972","山西新百川重工机械有限公司","2019-01-18T13:40:33","康静(0943)","2019-01-08T15:15:43","Y",null,null,"张红武(0478)",28240,0,0]
["Y","RP00SSYG2701","SSYG2702 伸缩套筒缸",null,"SSYG2702","GO-0473016",2,"套.",2,24620,{"v":49240,"d":"49240.00"},24344.83,48689.66,7790.34,{"v":0,"d":"0.00"},0,0,0,"08709990-91","电汇","徐健(1740)",2,"徐健(1740)",0,0,"2018-10-25","2019-03-04T09:03:12","2019-03-05T09:19:11","2019-03-05T09:19:11","配套件（RP）","68","PO-0356142","山西新百川重工机械有限公司","2019-04-22T14:54:23","康静(0943)","2019-04-01T11:38:36","Y",null,null,"张红武(0478)",28240,0,0]
["Y","RP00SSYG2701","SSYG2702 伸缩套筒缸",null,"SSYG2702","GO-0480919",4,"套.",4,24620,{"v":98480,"d":"98480.00"},24991.15,{"v":99964.6,"d":"99964.60"},12995.4,{"v":0,"d":"0.00"},0,0,0,"08710010-14","电汇","徐健(1740)",4,"徐健(1740)",0,0,"2019-05-17","2019-05-30T09:01:12","2019-05-31T14:12:59","2019-05-31T14:12:59","配套件（RP）","68","PO-0362714","山西新百川重工机械有限公司","2019-06-29T15:43:22","康静(0943)","2019-06-16T08:44:26","Y",null,null,"张红武(0478)",28240,0,0]
["Y","RP00SSYG2701","SSYG2702 伸缩套筒缸",null,"SSYG2702","GO-0482112",2,"套.",2,24620,{"v":49240,"d":"49240.00"},24991.15,{"v":49982.3,"d":"49982.30"},6497.7,{"v":0,"d":"0.00"},0,0,0,"08710007","电汇","徐健(1740)",2,"徐健(1740)",0,0,"2019-05-17","2019-06-12T10:11:58","2019-06-12T15:45:25","2019-06-12T15:45:25","配套件（RP）","68","PO-0361156","山西新百川重工机械有限公司","2019-06-29T15:43:01","康静(0943)","2019-06-16T08:38:40","Y",null,null,"张红武(0478)",28240,0,0]
["Y","RP00SSYG2701","SSYG2702 伸缩套筒缸",null,"SSYG2702","GO-0482807",2,"套.",2,24620,{"v":49240,"d":"49240.00"},{"v":24991.1504,"d":"24991.15"},{"v":49982.3,"d":"49982.30"},6497.7,{"v":0,"d":"0.00"},0,0,0,"02263456-57","电汇","徐健(1740)",2,"徐健(1740)",0,0,"2019-05-17","2019-06-20T11:53:05","2019-06-21T11:54:15","2019-06-21T11:54:15","配套件（RP）","68","PO-0364752","山西新百川重工机械有限公司","2019-08-21T14:05:30","康静(0943)","2019-08-07T10:33:27","Y",null,null,"张红武(0478)",28240,0,0]
["Y","RP00SSYG2701","SSYG2702 伸缩套筒缸",null,"SSYG2702","GO-0484175",5,"套.",5,24620,{"v":123100,"d":"123100.00"},{"v":24991.1504,"d":"24991.15"},124955.75,16244.25,{"v":0,"d":"0.00"},0,0,0,"02263456-57","电汇","徐健(1740)",5,"徐健(1740)",0,0,"2019-05-17","2019-07-05T10:31:50","2019-07-06T14:33:12","2019-07-06T14:33:12","配套件（RP）","68","PO-0365774","山西新百川重工机械有限公司","2019-08-21T14:05:30","康静(0943)","2019-08-07T10:33:34","Y",null,null,"张红武(0478)",28240,0,0]
["Y","RP00SSYG350A","SSYG3500A 伸缩套筒缸",null,"SSYG3500A","GO-0474023",2,"套.",2,42000,{"v":84000,"d":"84000.00"},43362.83,86725.66,11274.34,{"v":0,"d":"0.00"},0,0,0,"00599487-94","支票","徐健(1740)",2,"徐健(1740)",0,0,"2019-04-18","2019-03-14T08:57:18","2019-03-15T17:14:36","2019-03-15T17:14:36","配套件（RP）","00","PO-0358175","山西煤机银利达机械制造有限公司","2019-07-10T08:50:35","康静(0943)","2019-07-08T11:41:13","Y",null,null,"张红武(0478)",49000,0,0]
["Y","RP00YG018050","YG018050  插块油缸",null,"YG018050","GO-0454475",2,"套.",2,690,{"v":1380,"d":"1380.00"},{"v":689.6552,"d":"689.66"},1379.31,220.69,{"v":0,"d":"0.00"},0,0,0,"07241517-28","支票","赵祜源(0913)",2,"赵祜源(0913)",0,0,"2018-05-23","2018-08-10T08:17:00","2018-08-10T15:50:08","2018-08-10T15:50:08","配套件（RP）","00","PO-0341644","山西煤机银利达机械制造有限公司","2019-01-17T08:36:55","康静(0943)","2019-01-14T09:49:37","Y",null,null,"张红武(0478)",800,0,0]
["Y","RP00YG018050","YG018050  插块油缸",null,"YG018050","GO-0462309",1,"套.",1,690,{"v":690,"d":"690.00"},{"v":689.6552,"d":"689.66"},689.66,110.34,{"v":0,"d":"0.00"},0,0,0,"07241517-28","支票","徐健(1740)",1,"徐健(1740)",0,0,"2014-08-26T15:27:17","2018-11-02T08:40:22","2018-11-05T13:53:51","2018-11-05T13:53:51","配套件（RP）","00","PO-0342250","山西煤机银利达机械制造有限公司","2019-01-17T08:36:55","康静(0943)","2019-01-14T09:49:33","Y",null,null,"张红武(0478)",800,0,0]
["Y","RP00YG018050","YG018050  插块油缸",null,"YG018050","GO-0476064",2,"套.",2,690,{"v":1380,"d":"1380.00"},707.97,1415.93,184.07,{"v":0,"d":"0.00"},0,0,0,"00599487-94","支票","徐健(1740)",2,"徐健(1740)",0,0,"2019-03-08","2019-04-04T09:23:08","2019-04-09T15:43:49","2019-04-09T15:43:49","配套件（RP）","00","PO-0356143","山西煤机银利达机械制造有限公司","2019-07-10T08:50:35","康静(0943)","2019-07-08T11:41:24","Y",null,null,"张红武(0478)",800,0,0]
["N","RP00YG018050","YG018050  插块油缸",null,"YG018050","GO-0482824",1,"套.",1,690,{"v":690,"d":"690.00"},{"v":0,"d":"0.00"},{"v":0,"d":"0.00"},0,{"v":0,"d":"0.00"},0,0,0,null,"支票","徐健(1740)",1,"徐健(1740)",0,0,"2019-03-13","2019-06-20T16:35:25","2019-06-21T11:54:43","2019-06-21T11:54:43","配套件（RP）","00","PO-0363539","山西煤机银利达机械制造有限公司",null,"",null,"N",null,null,"张红武(0478)",800,0,0]
["N","RP00YG018050","YG018050  插块油缸",null,"YG018050","GO-0484935",2,"套.",2,690,{"v":1380,"d":"1380.00"},{"v":0,"d":"0.00"},{"v":0,"d":"0.00"},0,{"v":0,"d":"0.00"},0,0,0,null,"支票","徐健(1740)",2,"徐健(1740)",0,0,"2019-06-29","2019-07-12T10:40:19","2019-07-12T14:29:53","2019-07-12T14:29:53","配套件（RP）","00","PO-0365737","山西煤机银利达机械制造有限公司",null,"",null,"N",null,null,"张红武(0478)",800,0,0]
["Y","RP00YG018090","YG018090  插块油缸",null,"YG018090","GO-0462310",2,"套.",2,950,{"v":1900,"d":"1900.00"},948.28,1896.55,303.45,{"v":0,"d":"0.00"},0,0,0,"07241517-28","支票","徐健(1740)",2,"徐健(1740)",0,0,"2018-10-16","2018-11-02T08:40:22","2018-11-05T13:53:50","2018-11-05T13:53:50","配套件（RP）","00","PO-0347069","山西煤机银利达机械制造有限公司","2019-01-17T08:36:55","康静(0943)","2019-01-14T09:49:49","Y",null,null,"张红武(0478)",1100,0,0]
["Y","RP00YG018090","YG018090  插块油缸",null,"YG018090","GO-0470302",2,"套.",2,950,{"v":1900,"d":"1900.00"},948.28,1896.55,303.45,{"v":0,"d":"0.00"},0,0,0,"07241577","电汇","徐健(1740)",2,"徐健(1740)",0,0,"2018-12-22","2019-01-21T09:32:42","2019-01-22T10:58:43","2019-01-22T10:58:43","配套件（RP）","00","PO-0353631","山西煤机银利达机械制造有限公司","2019-04-22T14:53:01","康静(0943)","2019-04-01T11:46:26","Y",null,null,"张红武(0478)",1100,0,0]
["Y","RP00YG018090","YG018090  插块油缸",null,"YG018090","GO-0476065",1,"套.",1,950,{"v":950,"d":"950.00"},973.45,973.45,126.55,{"v":0,"d":"0.00"},0,0,0,"00599487-94","支票","徐健(1740)",1,"徐健(1740)",0,0,"2019-05-06","2019-04-04T09:23:08","2019-04-09T15:43:52","2019-04-09T15:43:52","配套件（RP）","00","PO-0359339","山西煤机银利达机械制造有限公司","2019-07-10T08:50:35","康静(0943)","2019-07-08T11:41:34","Y",null,null,"张红武(0478)",1100,0,0]
["Y","RP00YG01809D","YG018090DN  插块油缸",null,"YG018090DN","GO-0465031",1,"套.",1,1450,{"v":1450,"d":"1450.00"},1413.79,1413.79,226.21,{"v":0,"d":"0.00"},0,0,0,"07241545-49","支票","徐健(1740)",1,"徐健(1740)",0,0,"2018-11-30","2018-11-28T13:05:04","2018-12-03T14:17:13","2018-12-03T14:17:13","配套件（RP）","00","PO-0350159","山西煤机银利达机械制造有限公司","2019-03-11T17:25:52","康静(0943)","2019-03-07T08:39:49","Y",null,null,"张红武(0478)",1640,0,0]
["N","RP00YG01809D","YG018090DN  插块油缸",null,"YG018090DN","GO-0481492",1,"套.",1,1450,{"v":1450,"d":"1450.00"},{"v":0,"d":"0.00"},{"v":0,"d":"0.00"},0,{"v":0,"d":"0.00"},0,0,0,null,"支票","徐健(1740)",1,"徐健(1740)",0,0,"2019-04-20","2019-06-06T08:09:40","2019-06-11T17:03:19","2019-06-11T17:03:19","配套件（RP）","00","PO-0359340","山西煤机银利达机械制造有限公司",null,"",null,"N",null,null,"张红武(0478)",1100,0,0]
["Y","RP00YGA18090","YG018090A  插块油缸",null,"YG018090A","GO-0466253",1,"套.",1,950,{"v":950,"d":"950.00"},{"v":948.2758,"d":"948.28"},948.28,151.72,{"v":0,"d":"0.00"},0,0,0,"07241545-49","支票","徐健(1740)",1,"徐健(1740)",0,0,"2018-11-28","2018-12-11T08:09:35","2018-12-11T17:39:02","2018-12-11T17:39:02","配套件（RP）","00","PO-0351973","山西煤机银利达机械制造有限公司","2019-03-11T17:25:52","康静(0943)","2019-03-07T08:40:06","Y",null,null,"张红武(0478)",1100,0,0]
["Y","RP00YGA18090","YG018090A  插块油缸",null,"YG018090A","GO-0466252",1,"套.",1,950,{"v":950,"d":"950.00"},948.27,948.27,151.73,{"v":0,"d":"0.00"},0,0,0,"07241545-49","支票","徐健(1740)",1,"徐健(1740)",0,0,"2018-11-28","2018-12-11T08:09:35","2018-12-11T17:39:03","2018-12-11T17:39:03","配套件（RP）","00","PO-0350160","山西煤机银利达机械制造有限公司","2019-03-11T17:25:52","康静(0943)","2019-03-07T08:40:18","Y",null,null,"张红武(0478)",1100,0,0]
["Y","RP00YGA18090","YG018090A  插块油缸",null,"YG018090A","GO-0470303",1,"套.",1,950,{"v":950,"d":"950.00"},948.28,948.28,151.72,{"v":0,"d":"0.00"},0,0,0,"07241577","电汇","徐健(1740)",1,"徐健(1740)",0,0,"2018-11-28","2019-01-21T09:32:42","2019-01-22T10:58:45","2019-01-22T10:58:45","配套件（RP）","00","PO-0353632","山西煤机银利达机械制造有限公司","2019-04-22T14:53:01","康静(0943)","2019-04-01T11:46:35","Y",null,null,"张红武(0478)",1100,0,0]
["N","RP00YGA18090","YG018090A  插块油缸",null,"YG018090A","GO-0482825",2,"套.",2,950,{"v":1900,"d":"1900.00"},{"v":0,"d":"0.00"},{"v":0,"d":"0.00"},0,{"v":0,"d":"0.00"},0,0,0,null,"支票","徐健(1740)",2,"徐健(1740)",0,0,"2019-05-16","2019-06-20T16:35:25","2019-06-21T11:54:58","2019-06-21T11:54:58","配套件（RP）","00","PO-0362715","山西煤机银利达机械制造有限公司",null,"",null,"N",null,null,"张红武(0478)",1100,0,0]
["N","RP00YGA1809D","YG018090AD 插块油缸",null,"YG018090AD","GO-0486936",1,"套.",1,950,{"v":950,"d":"950.00"},{"v":0,"d":"0.00"},{"v":0,"d":"0.00"},0,{"v":0,"d":"0.00"},0,0,0,null,"支票","徐健(1740)",1,"徐健(1740)",0,0,"2019-07-28","2019-08-02T08:55:46","2019-08-07T09:23:49","2019-08-07T09:23:49","配套件（RP）","00","PO-0367055","山西煤机银利达机械制造有限公司",null,"",null,"N",null,null,"张红武(0478)",1100,0,0]
["N","RP00YGB18090","YG018090B  插块油缸",null,"YG018090B","GO-0482826",1,"套.",1,950,{"v":950,"d":"950.00"},{"v":0,"d":"0.00"},{"v":0,"d":"0.00"},0,{"v":0,"d":"0.00"},0,0,0,null,"支票","徐健(1740)",1,"徐健(1740)",0,0,"2019-06-24","2019-06-20T16:35:25","2019-06-21T11:55:05","2019-06-21T11:55:05","配套件（RP）","00","PO-0362716","山西煤机银利达机械制造有限公司",null,"",null,"N",null,null,"张红武(0478)",1100,0,0]
["N","RP00YGB1809D","YG018090DB  插块油缸",null,"YG018090DB","GO-0486937",1,"套.",1,750,{"v":750,"d":"750.00"},{"v":0,"d":"0.00"},{"v":0,"d":"0.00"},0,{"v":0,"d":"0.00"},0,0,0,null,"支票","徐健(1740)",1,"徐健(1740)",0,0,"2019-07-05","2019-08-02T08:55:46","2019-08-07T09:23:50","2019-08-07T09:23:50","配套件（RP）","00","PO-0363370","山西煤机银利达机械制造有限公司",null,"",null,"N",null,null,"张红武(0478)",800,0,0]
["N","RP00YGB1809D","YG018090DB  插块油缸",null,"YG018090DB","GO-0488042",2,"套.",2,750,{"v":1500,"d":"1500.00"},{"v":0,"d":"0.00"},{"v":0,"d":"0.00"},0,{"v":0,"d":"0.00"},0,0,0,null,"支票","徐健(1740)",2,"徐健(1740)",0,0,"2019-07-05","2019-08-14T09:50:22","2019-08-14T17:19:36","2019-08-14T17:19:36","配套件（RP）","00","PO-0368587","山西煤机银利达机械制造有限公司",null,"",null,"N",null,null,"张红武(0478)",800,0,0]
["Y","RP010M160102","10M160102A    拉移千斤顶",null,"10M160102A","GO-0482113",2,"件",2,8840,{"v":17680,"d":"17680.00"},8805.31,17610.62,2289.38,{"v":0,"d":"0.00"},0,0,0,"08710010-14","电汇","徐健(1740)",2,"徐健(1740)",0,0,"2018-12-11","2019-06-12T10:11:58","2019-06-12T15:45:28","2019-06-12T15:45:28","配套件（RP）","00","PO-0362717","山西新百川重工机械有限公司","2019-06-29T15:43:22","康静(0943)","2019-06-16T08:46:53","Y",null,null,"张红武(0478)",9950,456,0]
["Y","RP0B12PZY02D","12PZY0302CD 立缸",null,"12PZY0302CD","GO-0467552",4,"套.",4,3200,{"v":12800,"d":"12800.00"},3189.66,12758.62,2041.38,{"v":0,"d":"0.00"},0,0,0,"07241545-49","电汇","徐健(1740)",4,"徐健(1740)",0,0,"2018-12-23","2018-12-24T09:03:09","2018-12-25T10:26:31","2018-12-25T10:26:31","配套件（RP）","00","PO-0353633","山西煤机银利达机械制造有限公司","2019-03-11T17:25:52","康静(0943)","2019-03-07T08:40:43","Y",null,null,"张红武(0478)",3700,0,0]
["Y","RP0B12PZY02D","12PZY0302CD 立缸",null,"12PZY0302CD","GO-0469703",4,"套.",4,3200,{"v":12800,"d":"12800.00"},3189.66,12758.62,2041.38,{"v":0,"d":"0.00"},0,0,0,"07241577","电汇","徐健(1740)",4,"徐健(1740)",0,0,"2018-12-23","2019-01-14T09:06:15","2019-01-15T16:41:56","2019-01-15T16:41:56","配套件（RP）","00","PO-0353633","山西煤机银利达机械制造有限公司","2019-04-22T14:53:01","康静(0943)","2019-04-01T11:46:57","Y",null,null,"张红武(0478)",3700,0,0]
["Y","RP0B12PZY02D","12PZY0302CD 立缸",null,"12PZY0302CD","GO-0474024",8,"套.",8,3200,{"v":25600,"d":"25600.00"},3274.34,26194.69,3405.31,{"v":0,"d":"0.00"},0,0,0,"00599487-94","支票","徐健(1740)",8,"徐健(1740)",0,0,"2018-12-23","2019-03-14T08:57:18","2019-03-15T17:14:41","2019-03-15T17:14:41","配套件（RP）","00","PO-0355513","山西煤机银利达机械制造有限公司","2019-07-10T08:50:35","康静(0943)","2019-07-08T11:41:55","Y",null,null,"张红武(0478)",3700,0,0]
["Y","RP0B12PZY03E","12PZY0302CE 立缸",null,"12PZY0302CE","GO-0462812",4,"套.",4,3200,{"v":12800,"d":"12800.00"},3189.66,12758.62,2041.38,{"v":0,"d":"0.00"},0,0,0,"07241517-28","支票","徐健(1740)",4,"徐健(1740)",0,0,"2018-10-06","2018-11-07T14:30:16","2018-11-16T15:24:46","2018-11-16T15:24:46","配套件（RP）","00","PO-0347810","山西煤机银利达机械制造有限公司","2019-01-17T08:36:55","康静(0943)","2019-01-14T09:50:03","Y",null,null,"张红武(0478)",3700,0,0]
["Y","RP0B12PZY03E","12PZY0302CE 立缸",null,"12PZY0302CE","GO-0465032",4,"套.",4,3200,{"v":12800,"d":"12800.00"},3189.66,12758.62,2041.38,{"v":0,"d":"0.00"},0,0,0,"07241545-49","支票","徐健(1740)",4,"徐健(1740)",0,0,"2018-10-06","2018-11-28T13:05:04","2018-12-03T14:16:48","2018-12-03T14:16:48","配套件（RP）","00","PO-0350161","山西煤机银利达机械制造有限公司","2019-03-11T17:25:52","康静(0943)","2019-03-07T08:40:53","Y",null,null,"张红武(0478)",3700,0,0]
["Y","RP0B12PZY03E","12PZY0302CE 立缸",null,"12PZY0302CE","GO-0476857",2,"套.",2,3200,{"v":6400,"d":"6400.00"},3274.34,6548.67,851.33,{"v":0,"d":"0.00"},0,0,0,"00599487-94","电汇","徐健(1740)",2,"徐健(1740)",0,0,"2018-12-23","2019-04-12T10:54:19","2019-04-12T17:01:41","2019-04-12T17:01:41","配套件（RP）","00","PO-0359341","山西煤机银利达机械制造有限公司","2019-07-10T08:50:35","康静(0943)","2019-07-08T11:42:04","Y",null,null,"张红武(0478)",3700,0,0]
["N","RP0B12PZY03E","12PZY0302CE 立缸",null,"12PZY0302CE","GO-0488043",4,"套.",4,3200,{"v":12800,"d":"12800.00"},{"v":0,"d":"0.00"},{"v":0,"d":"0.00"},0,{"v":0,"d":"0.00"},0,0,0,null,"支票","徐健(1740)",4,"徐健(1740)",0,0,"2019-01-22","2019-08-14T09:50:22","2019-08-14T17:19:28","2019-08-14T17:19:28","配套件（RP）","00","PO-0367686","山西煤机银利达机械制造有限公司",null,"",null,"N",null,null,"张红武(0478)",3700,0,0]
["Y","RP0B12PZY03E","12PZY0302CE 立缸",null,"12PZY0302CE","GO-0458650",2,"套.",2,3200,{"v":6400,"d":"6400.00"},{"v":3189.6552,"d":"3189.66"},6379.31,1020.69,{"v":0,"d":"0.00"},0,0,0,"08183328-32","电汇","王亚元(1493)",2,"王亚元(1493)",0,0,"2018-10-06","2018-09-21T07:53:40","2018-09-21T17:28:24","2018-09-21T17:28:24","配套件（RP）","00","PO-0346294","山西新百川重工机械有限公司","2018-12-17T11:06:25","康静(0943)","2018-11-29T10:20:20","Y",null,null,"张红武(0478)",3700,0,0]
["Y","RP0B12PZY03E","12PZY0302CE 立缸",null,"12PZY0302CE","GO-0462570",1,"套.",1,3200,{"v":3200,"d":"3200.00"},{"v":3189.6552,"d":"3189.66"},3189.66,510.34,{"v":0,"d":"0.00"},0,0,0,"08183328-32","电汇","徐健(1740)",1,"徐健(1740)",0,0,"2014-08-26T15:27:17","2018-11-05T13:22:23","2018-11-05T15:55:05","2018-11-05T15:55:05","配套件（RP）","00","PO-0349394","山西新百川重工机械有限公司","2018-12-17T11:06:25","康静(0943)","2018-11-29T10:20:24","Y",null,null,"张红武(0478)",3700,0,0]
["Y","RP0B12PZY03E","12PZY0302CE 立缸",null,"12PZY0302CE","GO-0465045",3,"套.",3,3200,{"v":9600,"d":"9600.00"},{"v":3189.6552,"d":"3189.66"},9568.97,1531.03,{"v":0,"d":"0.00"},0,0,0,"08735226-31","电汇","徐健(1740)",3,"徐健(1740)",0,0,"2018-10-06","2018-11-28T13:06:43","2018-12-03T14:11:50","2018-12-03T14:11:50","配套件（RP）","00","PO-0349756","山西新百川重工机械有限公司","2019-01-18T13:40:33","康静(0943)","2019-01-08T15:13:04","Y",null,null,"张红武(0478)",3700,0,0]
["Y","RP0B12PZY03E","12PZY0302CE 立缸",null,"12PZY0302CE","GO-0467318",4,"套.",4,3200,{"v":12800,"d":"12800.00"},3189.65,12758.61,2041.39,{"v":0,"d":"0.00"},0,0,0,"08735226-31","电汇","徐健(1740)",4,"徐健(1740)",0,0,"2018-11-23","2018-12-21T08:45:23","2018-12-21T16:02:47","2018-12-21T16:02:47","配套件（RP）","00","PO-0352653","山西新百川重工机械有限公司","2019-01-18T13:40:33","康静(0943)","2019-01-08T15:13:38","Y",null,null,"张红武(0478)",3700,0,0]
["Y","RP0B12PZY03E","12PZY0302CE 立缸",null,"12PZY0302CE","GO-0467317",1,"套.",1,3200,{"v":3200,"d":"3200.00"},{"v":3189.6552,"d":"3189.66"},3189.66,510.34,{"v":0,"d":"0.00"},0,0,0,"08735226-31","电汇","徐健(1740)",1,"徐健(1740)",0,0,"2018-10-06","2018-12-21T08:45:23","2018-12-21T16:02:42","2018-12-21T16:02:42","配套件（RP）","00","PO-0349756","山西新百川重工机械有限公司","2019-01-18T13:40:33","康静(0943)","2019-01-08T15:13:11","Y",null,null,"张红武(0478)",3700,0,0]
["Y","RP0B12PZY03E","12PZY0302CE 立缸",null,"12PZY0302CE","GO-0467316",4,"套.",4,3200,{"v":12800,"d":"12800.00"},{"v":3189.6552,"d":"3189.66"},12758.62,2041.38,{"v":0,"d":"0.00"},0,0,0,"08735226-31","电汇","徐健(1740)",4,"徐健(1740)",0,0,"2018-10-20","2018-12-21T08:45:23","2018-12-21T16:02:44","2018-12-21T16:02:44","配套件（RP）","00","PO-0350932","山西新百川重工机械有限公司","2019-01-18T13:40:33","康静(0943)","2019-01-08T15:13:13","Y",null,null,"张红武(0478)",3700,0,0]
["Y","RP0B12PZY03E","12PZY0302CE 立缸",null,"12PZY0302CE","GO-0473017",4,"套.",4,3200,{"v":12800,"d":"12800.00"},3189.66,12758.62,2041.38,{"v":0,"d":"0.00"},0,0,0,"08709990-91","电汇","徐健(1740)",4,"徐健(1740)",0,0,"2018-12-07","2019-03-04T09:03:12","2019-03-05T09:19:28","2019-03-05T09:19:28","配套件（RP）","00","PO-0353875","山西新百川重工机械有限公司","2019-04-22T14:54:23","康静(0943)","2019-04-01T11:39:26","Y",null,null,"张红武(0478)",3700,0,0]
["Y","RP0JWG125250","YG01125250D 油缸",null,"YG01125250D","GO-0467319",1,"套.",1,3500,{"v":3500,"d":"3500.00"},3448.28,3448.28,551.72,{"v":0,"d":"0.00"},0,0,0,"08735226-31","电汇","徐健(1740)",1,"徐健(1740)",0,0,"2019-01-01","2018-12-21T08:45:23","2018-12-21T16:03:00","2018-12-21T16:03:00","配套件（RP）","00","PO-0351294","山西新百川重工机械有限公司","2019-01-18T13:40:33","康静(0943)","2019-01-08T15:06:47","Y",null,null,"张红武(0478)",4000,0,0]
["Y","RP0JWG12885B","YG01280850B  机尾油缸组件",null,"YG01280850B","GO-0453961",2,"套.",2,22800,{"v":45600,"d":"45600.00"},22974.14,45948.28,7351.72,{"v":0,"d":"0.00"},0,0,0,"07241517-28","支票","赵祜源(0913)",2,"赵祜源(0913)",0,0,"2017-04-23","2018-08-03T12:42:08","2018-08-03T15:10:16","2018-08-03T15:10:16","配套件（RP）","00","PO-0340735","山西煤机银利达机械制造有限公司","2019-01-17T08:36:55","康静(0943)","2019-01-14T09:50:19","Y",null,null,"张红武(0478)",26650,0,0]
["Y","RP0JWG12885B","YG01280850B  机尾油缸组件",null,"YG01280850B","GO-0469734",1,"套.",1,22800,{"v":22800,"d":"22800.00"},{"v":22974.1379,"d":"22974.14"},22974.14,3675.86,{"v":0,"d":"0.00"},0,0,0,"07241577","支票","徐健(1740)",1,"徐健(1740)",0,0,"2017-09-23","2019-01-14T11:30:36","2019-01-15T16:41:50","2019-01-15T16:41:50","配套件（RP）","00","PO-0345427","山西煤机银利达机械制造有限公司","2019-04-22T14:53:01","康静(0943)","2019-04-01T11:47:13","Y",null,null,"张红武(0478)",26650,0,0]
["Y","RP0JWG12885B","YG01280850B  机尾油缸组件",null,"YG01280850B","GO-0469735",1,"套.",1,22800,{"v":22800,"d":"22800.00"},{"v":22974.1379,"d":"22974.14"},22974.14,3675.86,{"v":0,"d":"0.00"},0,0,0,"07241577","支票","徐健(1740)",1,"徐健(1740)",0,0,"2017-09-23","2019-01-14T11:30:36","2019-01-15T16:41:39","2019-01-15T16:41:39","配套件（RP）","00","PO-0346318","山西煤机银利达机械制造有限公司","2019-04-22T14:53:01","康静(0943)","2019-04-01T11:47:22","Y",null,null,"张红武(0478)",26650,0,0]
["Y","RP0JWG200500","YG01200500  机尾油缸",null,"YG01200500","GO-0455742",2,"套.",2,26000,{"v":52000,"d":"52000.00"},25862.07,51724.14,8275.86,{"v":0,"d":"0.00"},0,0,0,"07241517-28","支票","赵祜源(0913)",2,"赵祜源(0913)",0,0,"2018-06-15","2018-08-23T17:14:54","2018-08-25T17:14:16","2018-08-25T17:14:16","配套件（RP）","00","PO-0340736","山西煤机银利达机械制造有限公司","2019-01-17T08:36:55","康静(0943)","2019-01-14T09:50:35","Y",null,null,"张红武(0478)",30000,0,0]
["Y","RP0JWG20050A","YG01200500A  机尾油缸",null,"YG01200500A","GO-0464220",2,"套.",2,16000,{"v":32000,"d":"32000.00"},{"v":7500,"d":"7500.00"},{"v":15000,"d":"15000.00"},2400,{"v":0,"d":"0.00"},0,0,0,"07241517-28","支票","徐健(1740)",2,"徐健(1740)",0,0,"2018-10-27","2018-11-20T08:56:11","2018-11-20T16:47:25","2018-11-20T16:47:25","配套件（RP）","00","PO-0347811","山西煤机银利达机械制造有限公司","2019-01-17T08:36:55","康静(0943)","2019-01-14T09:50:46","Y",null,null,"张红武(0478)",18500,0,0]
["Y","RP0JWG210280","YG02100280 机尾油缸组件",null,"YG02100280","GO-0467015",2,"套.",2,1050,{"v":2100,"d":"2100.00"},1034.49,2068.97,331.03,{"v":0,"d":"0.00"},0,0,0,"07241545-49","支票","徐健(1740)",2,"徐健(1740)",0,0,"2018-12-25","2018-12-18T09:13:30","2018-12-21T10:48:10","2018-12-21T10:48:10","配套件（RP）","00","PO-0352426","山西煤机银利达机械制造有限公司","2019-03-11T17:25:52","康静(0943)","2019-03-07T08:41:06","Y",null,null,"张红武(0478)",1200,0,0]
["Y","RP0JWG210280","YG02100280 机尾油缸组件",null,"YG02100280","GO-0474025",2,"套.",2,1050,{"v":2100,"d":"2100.00"},1061.95,{"v":2123.9,"d":"2123.90"},276.1,{"v":0,"d":"0.00"},0,0,0,"00599487-94","支票","徐健(1740)",2,"徐健(1740)",0,0,"2019-03-01","2019-03-14T08:57:18","2019-03-15T17:14:13","2019-03-15T17:14:13","配套件（RP）","00","PO-0355514","山西煤机银利达机械制造有限公司","2019-07-10T08:50:35","康静(0943)","2019-07-08T11:42:37","Y",null,null,"张红武(0478)",1200,0,0]
["Y","RP0JWG210280","YG02100280 机尾油缸组件",null,"YG02100280","GO-0477504",2,"套.",2,1050,{"v":2100,"d":"2100.00"},{"v":1061.9469,"d":"1061.95"},2123.89,276.11,{"v":0,"d":"0.00"},0,0,0,"00599487-94","支票","徐健(1740)",2,"徐健(1740)",0,0,"2019-03-01","2019-04-22T09:03:26","2019-04-23T16:48:13","2019-04-23T16:48:13","配套件（RP）","00","PO-0359315","山西煤机银利达机械制造有限公司","2019-07-10T08:50:35","康静(0943)","2019-07-08T11:42:20","Y",null,null,"张红武(0478)",1200,0,0]
["N","RP0JWG210280","YG02100280 机尾油缸组件",null,"YG02100280","GO-0483513",2,"套.",2,1050,{"v":2100,"d":"2100.00"},{"v":0,"d":"0.00"},{"v":0,"d":"0.00"},0,{"v":0,"d":"0.00"},0,0,0,null,"支票","徐健(1740)",2,"徐健(1740)",0,0,"2019-04-20","2019-06-28T09:19:20","2019-06-28T14:34:48","2019-06-28T14:34:48","配套件（RP）","00","PO-0363976","山西煤机银利达机械制造有限公司",null,"",null,"N",null,null,"张红武(0478)",1200,0,0]
["N","RP0JWG210280","YG02100280 机尾油缸组件",null,"YG02100280","GO-0485421",2,"套.",2,1050,{"v":2100,"d":"2100.00"},{"v":0,"d":"0.00"},{"v":0,"d":"0.00"},0,{"v":0,"d":"0.00"},0,0,0,null,"支票","徐健(1740)",2,"徐健(1740)",0,0,"2019-04-20","2019-07-18T17:21:50","2019-07-20T13:42:24","2019-07-20T13:42:24","配套件（RP）","00","PO-0364753","山西煤机银利达机械制造有限公司",null,"",null,"N",null,null,"张红武(0478)",1200,0,0]
["N","RP0JWG210280","YG02100280 机尾油缸组件",null,"YG02100280","GO-0485420",2,"套.",2,1050,{"v":2100,"d":"2100.00"},{"v":0,"d":"0.00"},{"v":0,"d":"0.00"},0,{"v":0,"d":"0.00"},0,0,0,null,"支票","徐健(1740)",2,"徐健(1740)",0,0,"2019-07-03","2019-07-18T17:21:50","2019-07-20T13:42:17","2019-07-20T13:42:17","配套件（RP）","00","PO-0367056","山西煤机银利达机械制造有限公司",null,"",null,"N",null,null,"张红武(0478)",1200,0,0]
["Y","RP0JWG25085D","YG01250850DN 油缸250/850",null,"YG01250850DN","GO-0467016",2,"套.",2,26500,{"v":53000,"d":"53000.00"},26172.42,52344.83,8375.17,{"v":0,"d":"0.00"},0,0,0,"07241545-49","支票","徐健(1740)",2,"徐健(1740)",0,0,"2018-11-30","2018-12-18T09:13:30","2018-12-21T10:48:13","2018-12-21T10:48:13","配套件（RP）","00","PO-0350162","山西煤机银利达机械制造有限公司","2019-03-11T17:25:52","康静(0943)","2019-03-07T08:41:18","Y",null,null,"张红武(0478)",30360,0,0]
["Y","RP0JWG25085D","YG01250850DN 油缸250/850",null,"YG01250850DN","GO-0476066",2,"套.",2,26500,{"v":53000,"d":"53000.00"},26867.26,53734.51,6985.49,{"v":0,"d":"0.00"},0,0,0,"00599487-94","支票","徐健(1740)",2,"徐健(1740)",0,0,"2018-11-30","2019-04-04T09:23:08","2019-04-09T15:44:13","2019-04-09T15:44:13","配套件（RP）","00","PO-0351295","山西煤机银利达机械制造有限公司","2019-07-10T08:50:35","康静(0943)","2019-07-08T11:43:19","Y",null,null,"张红武(0478)",30360,0,0]
["Y","RP0JWG25085D","YG01250850DN 油缸250/850",null,"YG01250850DN","GO-0480943",2,"套.",2,26500,{"v":53000,"d":"53000.00"},21946.91,43893.81,5706.19,{"v":0,"d":"0.00"},0,0,0,"00599511-13","支票","徐健(1740)",2,"徐健(1740)",0,0,"2019-04-20","2019-05-30T11:17:17","2019-05-31T14:11:05","2019-05-31T14:11:05","配套件（RP）","00","PO-0359342","山西煤机银利达机械制造有限公司","2019-08-21T14:03:06","康静(0943)","2019-08-07T10:28:24","Y",null,null,"张红武(0478)",24800,0,0]
["Y","RP0JWG250A50","YG01250500A  机尾油缸",null,"YG01250500A","GO-0455014",1,"套.",1,15000,{"v":15000,"d":"15000.00"},{"v":15000,"d":"15000.00"},{"v":15000,"d":"15000.00"},2400,{"v":0,"d":"0.00"},0,0,0,"06478449-52","支票","赵祜源(0913)",1,"赵祜源(0913)",0,0,"2018-06-19","2018-08-16T14:31:15","2018-08-16T15:31:27","2018-08-16T15:31:27","配套件（RP）","00","PO-0342040","山西煤机银利达机械制造有限公司","2018-12-13T09:44:59","康静(0943)","2018-12-11T11:15:38","Y",null,null,"张红武(0478)",17400,0,0]
["Y","RP0JWG250A50","YG01250500A  机尾油缸",null,"YG01250500A","GO-0465548",2,"套.",2,15000,{"v":30000,"d":"30000.00"},{"v":15000,"d":"15000.00"},{"v":30000,"d":"30000.00"},4800,{"v":0,"d":"0.00"},0,0,0,"07241545-49","支票","徐健(1740)",2,"徐健(1740)",0,0,"2018-11-30","2018-12-03T08:40:30","2018-12-03T14:18:29","2018-12-03T14:18:29","配套件（RP）","00","PO-0350163","山西煤机银利达机械制造有限公司","2019-03-11T17:25:52","康静(0943)","2019-03-07T08:41:43","Y",null,null,"张红武(0478)",17400,0,0]
["Y","RP0JWG250A50","YG01250500A  机尾油缸",null,"YG01250500A","GO-0471095",1,"套.",1,15000,{"v":15000,"d":"15000.00"},{"v":15000,"d":"15000.00"},{"v":15000,"d":"15000.00"},2400,{"v":0,"d":"0.00"},0,0,0,"07241577","电汇","徐健(1740)",1,"徐健(1740)",0,0,"2018-11-30","2019-01-27T14:45:17","2019-01-29T11:46:32","2019-01-29T11:46:32","配套件（RP）","00","PO-0353663","山西煤机银利达机械制造有限公司","2019-04-22T14:53:01","康静(0943)","2019-04-01T11:47:30","Y",null,null,"张红武(0478)",17400,0,0]
["Y","RP0JWG250B50","YG01250500B  机尾油缸",null,"YG01250500B","GO-0453962",1,"套.",1,27500,{"v":27500,"d":"27500.00"},27586.21,27586.21,4413.79,{"v":0,"d":"0.00"},0,0,0,"07241517-28","支票","赵祜源(0913)",1,"赵祜源(0913)",0,0,"2018-07-28","2018-08-03T12:42:08","2018-08-03T15:10:14","2018-08-03T15:10:14","配套件（RP）","00","PO-0341413","山西煤机银利达机械制造有限公司","2019-01-17T08:36:55","康静(0943)","2019-01-14T09:51:01","Y",null,null,"张红武(0478)",32000,0,0]
["Y","RP0JWG250B50","YG01250500B  机尾油缸",null,"YG01250500B","GO-0467553",2,"套.",2,27500,{"v":55000,"d":"55000.00"},27586.21,55172.41,8827.59,{"v":0,"d":"0.00"},0,0,0,"07241545-49","支票","徐健(1740)",2,"徐健(1740)",0,0,"2018-12-14","2018-12-24T09:03:09","2018-12-25T10:26:34","2018-12-25T10:26:34","配套件（RP）","00","PO-0351974","山西煤机银利达机械制造有限公司","2019-03-11T17:25:52","康静(0943)","2019-03-07T08:43:37","Y",null,null,"张红武(0478)",32000,0,0]
["Y","RP0JWG250B50","YG01250500B  机尾油缸",null,"YG01250500B","GO-0480019",2,"套.",2,27500,{"v":55000,"d":"55000.00"},28318.58,56637.16,7362.84,{"v":0,"d":"0.00"},0,0,0,"00599511-13","支票","徐健(1740)",2,"徐健(1740)",0,0,"2014-08-26T15:27:17","2019-05-20T08:58:40","2019-05-22T11:45:42","2019-05-22T11:45:42","配套件（RP）","00","PO-0359933","山西煤机银利达机械制造有限公司","2019-08-21T14:03:06","康静(0943)","2019-08-07T10:29:09","Y",null,null,"张红武(0478)",32000,0,0]
["N","RP0JWG250B50","YG01250500B  机尾油缸",null,"YG01250500B","GO-0488319",1,"套.",1,27500,{"v":27500,"d":"27500.00"},{"v":0,"d":"0.00"},{"v":0,"d":"0.00"},0,{"v":0,"d":"0.00"},0,0,0,null,"电汇","徐琳(0840)",1,"徐琳(0840)",0,0,"2019-06-24","2019-08-16T08:08:19","2019-08-16T15:53:11","2019-08-16T15:53:11","配套件（RP）","00","PO-0370549","山西新百川重工机械有限公司",null,"",null,"N",null,null,"张红武(0478)",32000,0,0]
["Y","RP0JWG520200","JWG200/520 机尾油缸",null,"JWG200/520 ","GO-0464221",2,"套.",2,6250,{"v":12500,"d":"12500.00"},6306.04,12612.07,2017.93,{"v":0,"d":"0.00"},0,0,0,"07241545-49","支票","徐健(1740)",2,"徐健(1740)",0,0,"2018-12-08","2018-11-20T08:56:11","2018-11-20T16:47:27","2018-11-20T16:47:27","配套件（RP）","00","PO-0348426","山西煤机银利达机械制造有限公司","2019-03-11T17:25:52","康静(0943)","2019-03-07T08:42:02","Y",null,null,"张红武(0478)",7315,0,0]
["N","RP0JWG520200","JWG200/520 机尾油缸",null,"JWG200/520 ","GO-0481493",2,"套.",2,6250,{"v":12500,"d":"12500.00"},{"v":0,"d":"0.00"},{"v":0,"d":"0.00"},0,{"v":0,"d":"0.00"},0,0,0,null,"支票","徐健(1740)",2,"徐健(1740)",0,0,"2019-03-19","2019-06-06T08:09:40","2019-06-11T17:03:25","2019-06-11T17:03:25","配套件（RP）","00","PO-0362719","山西煤机银利达机械制造有限公司",null,"",null,"N",null,null,"张红武(0478)",7315,0,0]
["N","RP0JWG520200","JWG200/520 机尾油缸",null,"JWG200/520 ","GO-0481494",2,"套.",2,6250,{"v":12500,"d":"12500.00"},{"v":0,"d":"0.00"},{"v":0,"d":"0.00"},0,{"v":0,"d":"0.00"},0,0,0,null,"支票","徐健(1740)",2,"徐健(1740)",0,0,"2019-03-19","2019-06-06T08:09:40","2019-06-11T17:03:27","2019-06-11T17:03:27","配套件（RP）","00","PO-0356566","山西煤机银利达机械制造有限公司",null,"",null,"N",null,null,"张红武(0478)",7315,0,0]
["Y","RP0SSYG2701E","SSYG2702E 伸缩套筒缸",null,"SSYG2702E","GO-0464222",2,"套.",2,24600,{"v":49200,"d":"49200.00"},24344.83,48689.66,7790.34,{"v":0,"d":"0.00"},0,0,0,"07241545-49","支票","徐健(1740)",2,"徐健(1740)",0,0,"2018-12-23","2018-11-20T08:56:11","2018-11-20T16:47:41","2018-11-20T16:47:41","配套件（RP）","00","PO-0349707","山西煤机银利达机械制造有限公司","2019-03-11T17:25:52","康静(0943)","2019-03-07T08:43:55","Y",null,null,"张红武(0478)",28240,0,0]
["Y","RP0SSYG2701E","SSYG2702E 伸缩套筒缸",null,"SSYG2702E","GO-0475578",2,"套.",2,24600,{"v":49200,"d":"49200.00"},{"v":24991.1504,"d":"24991.15"},{"v":49982.3,"d":"49982.30"},6497.7,{"v":0,"d":"0.00"},0,0,0,"00599487-94","支票","徐健(1740)",2,"徐健(1740)",0,0,"2018-11-28","2019-03-29T07:59:48","2019-03-29T17:21:36","2019-03-29T17:21:36","配套件（RP）","00","PO-0350164","山西煤机银利达机械制造有限公司","2019-07-10T08:50:35","康静(0943)","2019-07-08T11:43:50","Y",null,null,"张红武(0478)",28240,0,0]
["Y","RP0SSYG2701E","SSYG2702E 伸缩套筒缸",null,"SSYG2702E","GO-0476858",2,"套.",2,24600,{"v":49200,"d":"49200.00"},{"v":24991.1504,"d":"24991.15"},{"v":49982.3,"d":"49982.30"},6497.7,{"v":0,"d":"0.00"},0,0,0,"00599487-94","支票","徐健(1740)",2,"徐健(1740)",0,0,"2018-12-23","2019-04-12T10:54:19","2019-04-12T17:01:45","2019-04-12T17:01:45","配套件（RP）","00","PO-0357933","山西煤机银利达机械制造有限公司","2019-07-10T08:50:35","康静(0943)","2019-07-08T11:44:00","Y",null,null,"张红武(0478)",28240,0,0]
["Y","RP0SSYG2701E","SSYG2702E 伸缩套筒缸",null,"SSYG2702E","GO-0475588",2,"套.",2,24600,{"v":49200,"d":"49200.00"},24991.15,{"v":49982.3,"d":"49982.30"},6497.7,{"v":0,"d":"0.00"},0,0,0,"08710007","电汇","徐健(1740)",2,"徐健(1740)",0,0,"2018-12-23","2019-03-29T08:01:29","2019-04-01T15:55:25","2019-04-01T15:55:25","配套件（RP）","00","PO-0359343","山西新百川重工机械有限公司","2019-06-29T15:43:01","康静(0943)","2019-06-16T08:38:50","Y",null,null,"张红武(0478)",28240,0,0]
["Y","RP0SSYG2701E","SSYG2702E 伸缩套筒缸",null,"SSYG2702E","GO-0485981",2,"套.",2,24600,{"v":49200,"d":"49200.00"},24991.15,{"v":49982.3,"d":"49982.30"},6497.7,{"v":0,"d":"0.00"},0,0,0,"02263459-66","电汇","徐健(1740)",2,"徐健(1740)",0,0,"2019-09-04","2019-07-23T09:38:11","2019-07-29T07:56:51","2019-07-29T07:56:51","配套件（RP）","00","PO-0367720","山西新百川重工机械有限公司","2019-08-21T14:01:26","康静(0943)","2019-08-07T10:44:27","Y",null,null,"张红武(0478)",28240,0,0]
["Y","RP0YG0214036","YG02140360A 紧链千斤顶",null,"YG02140360A","GO-0474444",2,"套.",2,2510,{"v":5020,"d":"5020.00"},2601.77,5203.53,676.47,{"v":0,"d":"0.00"},0,0,0,"00599487-94","支票","徐健(1740)",2,"徐健(1740)",0,0,"2019-03-15","2019-03-19T08:29:51","2019-03-22T09:49:52","2019-03-22T09:49:52","配套件（RP）","00","PO-0357934","山西煤机银利达机械制造有限公司","2019-07-10T08:50:35","康静(0943)","2019-07-08T11:50:44","Y",null,null,"张红武(0478)",2940,0,0]
["Y","RP0YG0214036","YG02140360A 紧链千斤顶",null,"YG02140360A","GO-0476859",2,"套.",2,2510,{"v":5020,"d":"5020.00"},2601.77,5203.53,676.47,{"v":0,"d":"0.00"},0,0,0,"00599487-94","支票","徐健(1740)",2,"徐健(1740)",0,0,"2019-03-15","2019-04-12T10:54:19","2019-04-12T17:01:51","2019-04-12T17:01:51","配套件（RP）","00","PO-0359316","山西煤机银利达机械制造有限公司","2019-07-10T08:50:35","康静(0943)","2019-07-08T11:50:48","Y",null,null,"张红武(0478)",2940,0,0]
["N","RP0YG0214036","YG02140360A 紧链千斤顶",null,"YG02140360A","GO-0481495",2,"套.",2,2510,{"v":5020,"d":"5020.00"},{"v":0,"d":"0.00"},{"v":0,"d":"0.00"},0,{"v":0,"d":"0.00"},0,0,0,null,"支票","徐健(1740)",2,"徐健(1740)",0,0,"2019-07-24","2019-06-06T08:09:40","2019-06-11T17:03:34","2019-06-11T17:03:34","配套件（RP）","00","PO-0364605","山西煤机银利达机械制造有限公司",null,"",null,"N",null,null,"张红武(0478)",2940,0,0]
["N","RP0YG0214036","YG02140360A 紧链千斤顶",null,"YG02140360A","GO-0485952",1,"套.",1,2510,{"v":2510,"d":"2510.00"},{"v":0,"d":"0.00"},{"v":0,"d":"0.00"},0,{"v":0,"d":"0.00"},0,0,0,null,"支票","徐健(1740)",1,"徐健(1740)",0,0,"2019-07-24","2019-07-23T09:26:42","2019-07-27T10:37:59","2019-07-27T10:37:59","配套件（RP）","00","PO-0368588","山西煤机银利达机械制造有限公司",null,"",null,"N",null,null,"张红武(0478)",2940,0,0]
["Y","RP0YG0214060","YG02140600A 紧链千斤顶",null,"YG02140600A","GO-0466254",2,"套.",2,3250,{"v":6500,"d":"6500.00"},{"v":3250,"d":"3250.00"},{"v":6500,"d":"6500.00"},1040,{"v":0,"d":"0.00"},0,0,0,"07241545-49","支票","徐健(1740)",2,"徐健(1740)",0,0,"2018-12-25","2018-12-11T08:09:35","2018-12-11T17:39:05","2018-12-11T17:39:05","配套件（RP）","00","PO-0349708","山西煤机银利达机械制造有限公司","2019-03-11T17:25:52","康静(0943)","2019-03-07T08:47:21","Y",null,null,"张红武(0478)",3770,0,0]
["Y","RP0YG0214060","YG02140600A 紧链千斤顶",null,"YG02140600A","GO-0470304",2,"套.",2,3250,{"v":6500,"d":"6500.00"},{"v":3250,"d":"3250.00"},{"v":6500,"d":"6500.00"},1040,{"v":0,"d":"0.00"},0,0,0,"07241577","电汇","徐健(1740)",2,"徐健(1740)",0,0,"2018-12-25","2019-01-21T09:32:42","2019-01-22T10:58:46","2019-01-22T10:58:46","配套件（RP）","00","PO-0351296","山西煤机银利达机械制造有限公司","2019-04-22T14:53:01","康静(0943)","2019-04-01T11:47:40","Y",null,null,"张红武(0478)",3770,0,0]
["N","RP0YG0214060","YG02140600A 紧链千斤顶",null,"YG02140600A","GO-0488044",2,"套.",2,3250,{"v":6500,"d":"6500.00"},{"v":0,"d":"0.00"},{"v":0,"d":"0.00"},0,{"v":0,"d":"0.00"},0,0,0,null,"支票","徐健(1740)",2,"徐健(1740)",0,0,"2019-07-30","2019-08-14T09:50:22","2019-08-14T17:19:22","2019-08-14T17:19:22","配套件（RP）","00","PO-0367251","山西煤机银利达机械制造有限公司",null,"",null,"N",null,null,"张红武(0478)",3770,0,0]
["Y","RP0YG0250800","YG0250800 油缸",null,"YG0250800 ","GO-0459450",8,"套.",8,1670,{"v":13360,"d":"13360.00"},1681.04,13448.28,2151.72,{"v":0,"d":"0.00"},0,0,0,"07241517-28","支票","徐健(1740)",8,"徐健(1740)",0,0,"2018-10-12","2018-09-30T08:48:32","2018-09-30T18:00:59","2018-09-30T18:00:59","配套件（RP）","00","PO-0346319","山西煤机银利达机械制造有限公司","2019-01-17T08:36:55","康静(0943)","2019-01-14T09:51:30","Y",null,null,"张红武(0478)",1950,0,0]
["Y","RP0YG0250800","YG0250800 油缸",null,"YG0250800 ","GO-0471096",30,"套.",30,1670,{"v":50100,"d":"50100.00"},1681.03,50431.03,8068.97,{"v":0,"d":"0.00"},0,0,0,"07241577","支票","徐健(1740)",30,"徐健(1740)",0,0,"2019-02-13","2019-01-27T14:45:17","2019-01-29T11:46:35","2019-01-29T11:46:35","配套件（RP）","00","PO-0355834","山西煤机银利达机械制造有限公司","2019-04-22T14:53:01","康静(0943)","2019-04-01T11:47:57","Y",null,null,"张红武(0478)",1950,0,0]
["Y","RP0YG0250800","YG0250800 油缸",null,"YG0250800 ","GO-0476067",2,"套.",2,1670,{"v":3340,"d":"3340.00"},1725.67,3451.33,448.67,{"v":0,"d":"0.00"},0,0,0,"00599487-94","支票","徐健(1740)",2,"徐健(1740)",0,0,"2019-02-13","2019-04-04T09:23:08","2019-04-09T15:44:17","2019-04-09T15:44:17","配套件（RP）","00","PO-0359820","山西煤机银利达机械制造有限公司","2019-07-10T08:50:35","康静(0943)","2019-07-08T11:45:15","Y",null,null,"张红武(0478)",1950,0,0]
["N","RP0YG0250800","YG0250800 油缸",null,"YG0250800 ","GO-0485422",2,"套.",2,1670,{"v":3340,"d":"3340.00"},{"v":0,"d":"0.00"},{"v":0,"d":"0.00"},0,{"v":0,"d":"0.00"},0,0,0,null,"支票","徐健(1740)",2,"徐健(1740)",0,0,"2019-07-25","2019-07-18T17:21:50","2019-07-20T13:42:19","2019-07-20T13:42:19","配套件（RP）","00","PO-0367057","山西煤机银利达机械制造有限公司",null,"",null,"N",null,null,"张红武(0478)",1950,0,0]
["Y","RP0YG0600390","YG06100390油缸",null,"YG06100390","GO-0459459",1,"套.",1,2150,{"v":2150,"d":"2150.00"},2155.17,2155.17,344.83,{"v":0,"d":"0.00"},0,0,0,"08183335-36","电汇","徐健(1740)",1,"徐健(1740)",0,0,"2014-08-26T15:27:17","2018-09-30T09:22:15","2018-09-30T18:01:03","2018-09-30T18:01:03","配套件（RP）","00","PO-0347104","山西新百川重工机械有限公司","2018-12-17T11:07:30","康静(0943)","2018-11-29T10:13:36","Y",null,null,"张红武(0478)",2500,0,0]
["Y","RP0YG1250850","YG01250850 油缸250/850",null,"YG01250850 ","GO-0462311",4,"套.",4,24800,{"v":99200,"d":"99200.00"},21379.31,85517.24,13682.76,{"v":0,"d":"0.00"},0,0,0,"07241517-28","支票","徐健(1740)",4,"徐健(1740)",0,0,"2018-10-18","2018-11-02T08:40:22","2018-11-05T13:53:42","2018-11-05T13:53:42","配套件（RP）","00","PO-0347070","山西煤机银利达机械制造有限公司","2019-01-17T08:36:55","康静(0943)","2019-01-14T09:51:45","Y",null,null,"张红武(0478)",24800,0,0]
["Y","RP0YG125085D","YG01250850D 机尾油缸",null,"YG01250850D ","GO-0470305",2,"套.",2,39800,{"v":79600,"d":"79600.00"},39655.17,79310.34,12689.66,{"v":0,"d":"0.00"},0,0,0,"07241577","支票","徐健(1740)",2,"徐健(1740)",0,0,"2014-08-26T15:27:17","2019-01-21T09:32:42","2019-01-22T10:58:47","2019-01-22T10:58:47","配套件（RP）","00","PO-0352048","山西煤机银利达机械制造有限公司","2019-04-22T14:53:01","康静(0943)","2019-04-01T11:48:18","Y",null,null,"张红武(0478)",46000,0,0]
["Y","RP0YG2140360","YG02140360  油缸",null,"YG02140360","GO-0460416",2,"套.",2,2550,{"v":5100,"d":"5100.00"},2534.49,5068.97,811.03,{"v":0,"d":"0.00"},0,0,0,"07241517-28","支票","徐健(1740)",2,"徐健(1740)",0,0,"2018-10-13","2018-10-15T08:54:53","2018-10-15T17:53:25","2018-10-15T17:53:25","配套件（RP）","00","PO-0346320","山西煤机银利达机械制造有限公司","2019-01-17T08:36:55","康静(0943)","2019-01-14T09:51:58","Y",null,null,"张红武(0478)",2940,0,0]
["Y","RP0YG2140360","YG02140360  油缸",null,"YG02140360","GO-0465033",2,"套.",2,2550,{"v":5100,"d":"5100.00"},2534.49,5068.97,811.03,{"v":0,"d":"0.00"},0,0,0,"07241545-49","支票","徐健(1740)",2,"徐健(1740)",0,0,"2018-10-13","2018-11-28T13:05:04","2018-12-03T14:17:01","2018-12-03T14:17:01","配套件（RP）","00","PO-0350165","山西煤机银利达机械制造有限公司","2019-03-11T17:25:52","康静(0943)","2019-03-07T08:42:32","Y",null,null,"张红武(0478)",2940,0,0]
["N","RP0YG2140360","YG02140360  油缸",null,"YG02140360","GO-0481496",2,"套.",2,2550,{"v":5100,"d":"5100.00"},{"v":0,"d":"0.00"},{"v":0,"d":"0.00"},0,{"v":0,"d":"0.00"},0,0,0,null,"支票","徐健(1740)",2,"徐健(1740)",0,0,"2014-08-26T15:27:17","2019-06-06T08:09:40","2019-06-11T17:03:36","2019-06-11T17:03:36","配套件（RP）","00","PO-0342589","山西煤机银利达机械制造有限公司",null,"",null,"N",null,null,"张红武(0478)",2865,0,0]
["Y","RP0YG2631500","YG02631500 油缸",null,"YG02631500","GO-0459462",4,"套.",4,3500,{"v":14000,"d":"14000.00"},3413.79,13655.17,2184.83,{"v":0,"d":"0.00"},0,0,0,"07241517-28","支票","徐健(1740)",4,"徐健(1740)",0,0,"2018-10-12","2018-09-30T10:50:11","2018-09-30T18:01:21","2018-09-30T18:01:21","配套件（RP）","00","PO-0346321","山西煤机银利达机械制造有限公司","2019-01-17T08:36:55","康静(0943)","2019-01-14T09:52:29","Y",null,null,"张红武(0478)",3960,0,0]
["Y","RP0YGS018430","YGS0180430 推板油缸",null,"YGS0180430","GO-0482808",11,"套.",11,1950,{"v":21450,"d":"21450.00"},{"v":1946.9026,"d":"1946.90"},21415.93,2784.07,{"v":0,"d":"0.00"},0,0,0,"02263459-66","电汇","徐健(1740)",11,"徐健(1740)",0,0,"2019-06-19","2019-06-20T11:53:05","2019-06-21T11:55:17","2019-06-21T11:55:17","配套件（RP）","00","PO-0362409","山西新百川重工机械有限公司","2019-08-21T14:01:26","康静(0943)","2019-08-07T10:40:26","Y",null,null,"张红武(0478)",2200,0,0]
["Y","RP0YGS018430","YGS0180430 推板油缸",null,"YGS0180430","GO-0483212",57,"套.",57,1950,{"v":111150,"d":"111150.00"},{"v":1946.9026,"d":"1946.90"},110973.45,14426.55,{"v":0,"d":"0.00"},0,0,0,"02263459-66","电汇","徐健(1740)",57,"徐健(1740)",0,0,"2019-06-19","2019-06-25T16:57:40","2019-06-28T14:33:58","2019-06-28T14:33:58","配套件（RP）","00","PO-0362409","山西新百川重工机械有限公司","2019-08-21T14:01:26","康静(0943)","2019-08-07T10:40:18","Y",null,null,"张红武(0478)",2200,0,0]
["Y","RP0YJ0163650","YG0163650   油缸",null,"YG0163650","GO-0456406",20,"件",20,2000,{"v":40000,"d":"40000.00"},1982.76,39655.17,6344.83,{"v":0,"d":"0.00"},0,0,0,"07241517-28","支票","赵祜源(0913)",20,"赵祜源(0913)",0,0,"2014-08-26T15:27:17","2018-08-30T17:53:35","2018-09-02T09:31:00","2018-09-02T09:31:00","配套件（RP）","00","PO-0343571","山西煤机银利达机械制造有限公司","2019-01-17T08:36:55","康静(0943)","2019-01-14T09:52:41","Y",null,null,"张红武(0478)",2300,0,0]
["Y","RP0YJ0163650","YG0163650   油缸",null,"YG0163650","GO-0457086",25,"件",25,2000,{"v":50000,"d":"50000.00"},{"v":1982.7586,"d":"1982.76"},49568.97,7931.03,{"v":0,"d":"0.00"},0,0,0,"07241517-28","支票","徐健(1740)",25,"徐健(1740)",0,0,"2014-08-26T15:27:17","2018-09-07T14:37:03","2018-09-10T08:20:47","2018-09-10T08:20:47","配套件（RP）","00","PO-0343571","山西煤机银利达机械制造有限公司","2019-01-17T08:36:55","康静(0943)","2019-01-14T09:53:06","Y",null,null,"张红武(0478)",2300,0,0]
["Y","RP0YJ0163650","YG0163650   油缸",null,"YG0163650","GO-0457087",25,"件",25,2000,{"v":50000,"d":"50000.00"},1982.76,49568.96,7931.04,{"v":0,"d":"0.00"},0,0,0,"07241517-28","支票","徐健(1740)",25,"徐健(1740)",0,0,"2014-08-26T15:27:17","2018-09-07T14:37:30","2018-09-10T08:20:45","2018-09-10T08:20:45","配套件（RP）","00","PO-0343571","山西煤机银利达机械制造有限公司","2019-01-17T08:36:55","康静(0943)","2019-01-14T09:53:21","Y",null,null,"张红武(0478)",2300,0,0]
["Y","RP0YJ0163650","YG0163650   油缸",null,"YG0163650","GO-0456748",35,"件",35,2000,{"v":70000,"d":"70000.00"},{"v":1982.7586,"d":"1982.76"},69396.55,11103.45,{"v":0,"d":"0.00"},0,0,0,"08183326","电汇","赵祜源(0913)",35,"赵祜源(0913)",0,0,"2014-08-26T15:27:17","2018-09-03T15:11:29","2018-09-03T15:54:45","2018-09-03T15:54:45","配套件（RP）","00","PO-0343570","山西新百川重工机械有限公司","2018-12-17T11:06:05","康静(0943)","2018-11-29T10:19:16","Y",null,null,"张红武(0478)",2300,0,0]
["Y","RP0YJ0163650","YG0163650   油缸",null,"YG0163650","GO-0457085",15,"件",15,2000,{"v":30000,"d":"30000.00"},{"v":1982.7586,"d":"1982.76"},29741.38,4758.62,{"v":0,"d":"0.00"},0,0,0,"08183326","电汇","徐健(1740)",15,"徐健(1740)",0,0,"2014-08-26T15:27:17","2018-09-07T14:36:43","2018-09-10T08:34:38","2018-09-10T08:34:38","配套件（RP）","00","PO-0343570","山西新百川重工机械有限公司","2018-12-17T11:06:05","康静(0943)","2018-11-29T10:19:19","Y",null,null,"张红武(0478)",2300,0,0]
["Y","RP0YJ0163650","YG0163650   油缸",null,"YG0163650","GO-0457085",18,"件",18,2000,{"v":36000,"d":"36000.00"},1982.76,35689.66,5710.34,{"v":0,"d":"0.00"},0,0,0,"08183335-36","电汇","徐健(1740)",18,"徐健(1740)",0,0,"2014-08-26T15:27:17","2018-09-07T14:36:43","2018-09-10T08:34:38","2018-09-10T08:34:38","配套件（RP）","00","PO-0343570","山西新百川重工机械有限公司","2018-12-17T11:07:30","康静(0943)","2018-11-29T10:12:07","Y",null,null,"张红武(0478)",2300,0,0]
["N","RP0YJ1100280","YG01100280D 油缸",null,"YG01100280D","GO-0482827",2,"件",2,1050,{"v":2100,"d":"2100.00"},{"v":0,"d":"0.00"},{"v":0,"d":"0.00"},0,{"v":0,"d":"0.00"},0,0,0,null,"支票","徐健(1740)",2,"徐健(1740)",0,0,"2019-06-19","2019-06-20T16:35:25","2019-06-21T11:55:35","2019-06-21T11:55:35","配套件（RP）","00","PO-0362410","山西煤机银利达机械制造有限公司",null,"",null,"N",null,null,"张红武(0478)",1200,0,0]
["Y","RP0YJ1160330","YG01160330 油缸",null,"YG01160330","GO-0453963",1,"件",1,3700,{"v":3700,"d":"3700.00"},{"v":3586.2,"d":"3586.20"},{"v":3586.2,"d":"3586.20"},573.8,{"v":0,"d":"0.00"},0,0,0,"07241517-28","支票","赵祜源(0913)",1,"赵祜源(0913)",0,0,"2018-04-30","2018-08-03T12:42:08","2018-08-03T15:10:14","2018-08-03T15:10:14","配套件（RP）","00","PO-0341645","山西煤机银利达机械制造有限公司","2019-01-17T08:36:55","康静(0943)","2019-01-14T10:00:35","Y",null,null,"张红武(0478)",4160,0,0]
["Y","RP0YJ1160330","YG01160330 油缸",null,"YG01160330","GO-0455015",1,"件",1,3700,{"v":3700,"d":"3700.00"},{"v":3586.2069,"d":"3586.21"},3586.21,573.79,{"v":0,"d":"0.00"},0,0,0,"07241517-28","支票","赵祜源(0913)",1,"赵祜源(0913)",0,0,"2018-04-30","2018-08-16T14:31:15","2018-08-16T15:31:29","2018-08-16T15:31:29","配套件（RP）","00","PO-0341645","山西煤机银利达机械制造有限公司","2019-01-17T08:36:55","康静(0943)","2019-01-14T09:53:50","Y",null,null,"张红武(0478)",4160,0,0]
["Y","RP0YJ1160330","YG01160330 油缸",null,"YG01160330","GO-0456407",1,"件",1,3700,{"v":3700,"d":"3700.00"},{"v":3586.2069,"d":"3586.21"},3586.21,573.79,{"v":0,"d":"0.00"},0,0,0,"07241517-28","电汇","赵祜源(0913)",1,"赵祜源(0913)",0,0,"2018-04-30","2018-08-30T17:53:35","2018-09-02T09:31:01","2018-09-02T09:31:01","配套件（RP）","00","PO-0344186","山西煤机银利达机械制造有限公司","2019-01-17T08:36:55","康静(0943)","2019-01-14T09:53:45","Y",null,null,"张红武(0478)",4160,0,0]
["Y","RP0YJ1160330","YG01160330 油缸",null,"YG01160330","GO-0473028",3,"件",3,3700,{"v":11100,"d":"11100.00"},3681.42,11044.25,1435.75,{"v":0,"d":"0.00"},0,0,0,"00599487-94","支票","徐健(1740)",3,"徐健(1740)",0,0,"2019-03-10","2019-03-04T09:17:11","2019-03-04T14:41:34","2019-03-04T14:41:34","配套件（RP）","00","PO-0356144","山西煤机银利达机械制造有限公司","2019-07-10T08:50:35","康静(0943)","2019-07-08T11:45:28","Y",null,null,"张红武(0478)",4160,0,0]
["N","RP0YJ1160330","YG01160330 油缸",null,"YG01160330","GO-0482828",1,"件",1,3700,{"v":3700,"d":"3700.00"},{"v":0,"d":"0.00"},{"v":0,"d":"0.00"},0,{"v":0,"d":"0.00"},0,0,0,null,"支票","徐健(1740)",1,"徐健(1740)",0,0,"2019-06-24","2019-06-20T16:35:25","2019-06-21T11:56:07","2019-06-21T11:56:07","配套件（RP）","00","PO-0363540","山西煤机银利达机械制造有限公司",null,"",null,"N",null,null,"张红武(0478)",4160,0,0]
["N","RP0YJ1160330","YG01160330 油缸",null,"YG01160330","GO-0482829",1,"件",1,3700,{"v":3700,"d":"3700.00"},{"v":0,"d":"0.00"},{"v":0,"d":"0.00"},0,{"v":0,"d":"0.00"},0,0,0,null,"支票","徐健(1740)",1,"徐健(1740)",0,0,"2019-06-24","2019-06-20T16:35:25","2019-06-21T11:56:09","2019-06-21T11:56:09","配套件（RP）","00","PO-0362725","山西煤机银利达机械制造有限公司",null,"",null,"N",null,null,"张红武(0478)",4160,0,0]
["N","RP0YJ1160330","YG01160330 油缸",null,"YG01160330","GO-0486938",2,"件",2,3700,{"v":7400,"d":"7400.00"},{"v":0,"d":"0.00"},{"v":0,"d":"0.00"},0,{"v":0,"d":"0.00"},0,0,0,null,"支票","徐健(1740)",2,"徐健(1740)",0,0,"2019-06-24","2019-08-02T08:55:46","2019-08-07T09:23:52","2019-08-07T09:23:52","配套件（RP）","00","PO-0365739","山西煤机银利达机械制造有限公司",null,"",null,"N",null,null,"张红武(0478)",4160,0,0]
["Y","RP135S010707","135S010707  千斤顶",null,"135S010707","GO-0469704",2,"件",2,800,{"v":1600,"d":"1600.00"},802.59,1605.17,256.83,{"v":0,"d":"0.00"},0,0,0,"07241577","支票","徐健(1740)",2,"徐健(1740)",0,0,"2018-09-04","2019-01-14T09:06:15","2019-01-15T16:42:00","2019-01-15T16:42:00","配套件（RP）","68","PO-0352654","山西煤机银利达机械制造有限公司","2019-04-22T14:53:01","康静(0943)","2019-04-01T11:48:32","Y",null,null,"张红武(0478)",931,48.27,0]
["Y","RP135S010707","135S010707  千斤顶",null,"135S010707","GO-0475579",4,"件",4,800,{"v":3200,"d":"3200.00"},{"v":823.8938,"d":"823.89"},3295.58,428.42,{"v":0,"d":"0.00"},0,0,0,"00599487-94","电汇","徐健(1740)",4,"徐健(1740)",0,0,"2018-09-04","2019-03-29T07:59:48","2019-03-29T17:21:56","2019-03-29T17:21:56","配套件（RP）","68","PO-0353876","山西煤机银利达机械制造有限公司","2019-07-10T08:50:35","康静(0943)","2019-07-08T11:45:56","Y",null,null,"张红武(0478)",931,48.27,0]
["Y","RP135S010707","135S010707  千斤顶",null,"135S010707","GO-0476068",2,"件",2,800,{"v":1600,"d":"1600.00"},{"v":823.8938,"d":"823.89"},1647.79,214.21,{"v":0,"d":"0.00"},0,0,0,"00599487-94","电汇","徐健(1740)",2,"徐健(1740)",0,0,"2018-09-04","2019-04-04T09:23:08","2019-04-09T15:44:34","2019-04-09T15:44:34","配套件（RP）","68","PO-0353876","山西煤机银利达机械制造有限公司","2019-07-10T08:50:35","康静(0943)","2019-07-08T11:46:21","Y",null,null,"张红武(0478)",931,48.27,0]
["Y","RP135S010707","135S010707  千斤顶",null,"135S010707","GO-0477690",4,"件",4,800,{"v":3200,"d":"3200.00"},{"v":823.8938,"d":"823.89"},3295.58,428.42,{"v":0,"d":"0.00"},0,0,0,"00599487-94","支票","徐健(1740)",4,"徐健(1740)",0,0,"2017-10-10","2019-04-23T10:41:06","2019-04-23T16:48:18","2019-04-23T16:48:18","配套件（RP）","68","PO-0361159","山西煤机银利达机械制造有限公司","2019-07-10T08:50:35","康静(0943)","2019-07-08T11:45:51","Y",null,null,"张红武(0478)",931,48.27,0]
["Y","RP135S010707","135S010707  千斤顶",null,"135S010707","GO-0454469",4,"件",4,800,{"v":3200,"d":"3200.00"},{"v":802.5862,"d":"802.59"},3210.34,513.66,{"v":0,"d":"0.00"},0,0,0,"08183335-36","电汇","赵祜源(0913)",4,"赵祜源(0913)",0,0,"2016-08-15","2018-08-10T08:16:06","2018-08-10T15:50:09","2018-08-10T15:50:09","配套件（RP）","68","PO-0341426","山西新百川重工机械有限公司","2018-12-17T11:07:30","康静(0943)","2018-11-29T10:15:27","Y",null,null,"张红武(0478)",931,48.27,0]
["Y","RP135S010707","135S010707  千斤顶",null,"135S010707","GO-0454470",4,"件",4,800,{"v":3200,"d":"3200.00"},{"v":802.5862,"d":"802.59"},3210.34,513.66,{"v":0,"d":"0.00"},0,0,0,"08183335-36","电汇","赵祜源(0913)",4,"赵祜源(0913)",0,0,"2016-08-15","2018-08-10T08:16:06","2018-08-10T15:50:10","2018-08-10T15:50:10","配套件（RP）","68","PO-0342883","山西新百川重工机械有限公司","2018-12-17T11:07:30","康静(0943)","2018-11-29T10:15:22","Y",null,null,"张红武(0478)",931,48.27,0]
["Y","RP135S010707","135S010707  千斤顶",null,"135S010707","GO-0456750",4,"件",4,800,{"v":3200,"d":"3200.00"},{"v":802.5862,"d":"802.59"},3210.34,513.66,{"v":0,"d":"0.00"},0,0,0,"08183335-36","电汇","赵祜源(0913)",4,"赵祜源(0913)",0,0,"2016-08-15","2018-09-03T15:11:30","2018-09-03T15:54:47","2018-09-03T15:54:47","配套件（RP）","68","PO-0344395","山西新百川重工机械有限公司","2018-12-17T11:07:30","康静(0943)","2018-11-29T10:15:28","Y",null,null,"张红武(0478)",931,48.27,0]
["Y","RP135S010707","135S010707  千斤顶",null,"135S010707","GO-0460136",8,"件",8,800,{"v":6400,"d":"6400.00"},802.59,{"v":6420.7,"d":"6420.70"},1027.3,{"v":0,"d":"0.00"},0,0,0,"08183335-36","电汇","徐健(1740)",8,"徐健(1740)",0,0,"2016-08-15","2018-10-12T08:18:31","2018-10-16T16:35:41","2018-10-16T16:35:41","配套件（RP）","68","PO-0345428","山西新百川重工机械有限公司","2018-12-17T11:07:30","康静(0943)","2018-11-29T10:17:36","Y",null,null,"张红武(0478)",931,48.27,0]
["Y","RP135S010707","135S010707  千斤顶",null,"135S010707","GO-0460135",2,"件",2,800,{"v":1600,"d":"1600.00"},{"v":802.5862,"d":"802.59"},1605.17,256.83,{"v":0,"d":"0.00"},0,0,0,"08183335-36","电汇","徐健(1740)",2,"徐健(1740)",0,0,"2016-11-18","2018-10-12T08:18:31","2018-10-16T16:35:40","2018-10-16T16:35:40","配套件（RP）","68","PO-0347091","山西新百川重工机械有限公司","2018-12-17T11:07:30","康静(0943)","2018-11-29T10:15:34","Y",null,null,"张红武(0478)",931,48.27,0]
["Y","RP135S010707","135S010707  千斤顶",null,"135S010707","GO-0461632",4,"件",4,800,{"v":3200,"d":"3200.00"},{"v":802.5862,"d":"802.59"},3210.34,513.66,{"v":0,"d":"0.00"},0,0,0,"08183335-36","电汇","徐健(1740)",4,"徐健(1740)",0,0,"2016-11-18","2018-10-26T07:57:54","2018-10-29T09:41:11","2018-10-29T09:41:11","配套件（RP）","68","PO-0347813","山西新百川重工机械有限公司","2018-12-17T11:07:30","康静(0943)","2018-11-29T10:15:30","Y",null,null,"张红武(0478)",931,48.27,0]
["Y","RP135S010707","135S010707  千斤顶",null,"135S010707","GO-0461631",2,"件",2,800,{"v":1600,"d":"1600.00"},{"v":802.5862,"d":"802.59"},1605.17,256.83,{"v":0,"d":"0.00"},0,0,0,"08183335-36","电汇","徐健(1740)",2,"徐健(1740)",0,0,"2016-11-18","2018-10-26T07:57:54","2018-10-29T09:41:12","2018-10-29T09:41:12","配套件（RP）","68","PO-0348433","山西新百川重工机械有限公司","2018-12-17T11:07:30","康静(0943)","2018-11-29T10:15:31","Y",null,null,"张红武(0478)",931,48.27,0]
["Y","RP135S010707","135S010707  千斤顶",null,"135S010707","GO-0463784",2,"件",2,800,{"v":1600,"d":"1600.00"},{"v":802.5862,"d":"802.59"},1605.17,256.83,{"v":0,"d":"0.00"},0,0,0,"08183335-36","电汇","徐健(1740)",2,"徐健(1740)",0,0,"2018-09-04","2018-11-16T08:04:52","2018-11-16T15:15:02","2018-11-16T15:15:02","配套件（RP）","68","PO-0350933","山西新百川重工机械有限公司","2018-12-17T11:07:30","康静(0943)","2018-11-29T10:15:36","Y",null,null,"张红武(0478)",931,48.27,0]
["Y","RP135S010707","135S010707  千斤顶",null,"135S010707","GO-0463783",2,"件",2,800,{"v":1600,"d":"1600.00"},{"v":802.5862,"d":"802.59"},1605.17,256.83,{"v":0,"d":"0.00"},0,0,0,"08183335-36","电汇","徐健(1740)",2,"徐健(1740)",0,0,"2016-11-18","2018-11-16T08:04:52","2018-11-16T15:15:04","2018-11-16T15:15:04","配套件（RP）","68","PO-0349117","山西新百川重工机械有限公司","2018-12-17T11:07:30","康静(0943)","2018-11-29T10:15:38","Y",null,null,"张红武(0478)",931,48.27,0]
["Y","RP135S010707","135S010707  千斤顶",null,"135S010707","GO-0465046",6,"件",6,800,{"v":4800,"d":"4800.00"},802.59,4815.52,770.48,{"v":0,"d":"0.00"},0,0,0,"08735226-31","电汇","徐健(1740)",6,"徐健(1740)",0,0,"2018-09-04","2018-11-28T13:06:43","2018-12-03T14:15:07","2018-12-03T14:15:07","配套件（RP）","68","PO-0351284","山西新百川重工机械有限公司","2019-01-18T13:40:33","康静(0943)","2019-01-08T15:15:58","Y",null,null,"张红武(0478)",931,48.27,0]
["Y","RP135S010707","135S010707  千斤顶",null,"135S010707","GO-0470893",4,"件",4,800,{"v":3200,"d":"3200.00"},802.59,3210.34,513.66,{"v":0,"d":"0.00"},0,0,0,"08709990-91","电汇","徐健(1740)",4,"徐健(1740)",0,0,"2018-09-04","2019-01-25T08:28:17","2019-01-25T14:44:04","2019-01-25T14:44:04","配套件（RP）","68","PO-0353634","山西新百川重工机械有限公司","2019-04-22T14:54:23","康静(0943)","2019-04-01T11:39:13","Y",null,null,"张红武(0478)",931,48.27,0]
["Y","RP135S010707","135S010707  千斤顶",null,"135S010707","GO-0475589",4,"件",4,800,{"v":3200,"d":"3200.00"},{"v":823.8938,"d":"823.89"},3295.58,428.42,{"v":0,"d":"0.00"},0,0,0,"08710010-14","电汇","徐健(1740)",4,"徐健(1740)",0,0,"2018-12-14","2019-03-29T08:01:29","2019-04-01T15:55:29","2019-04-01T15:55:29","配套件（RP）","68","PO-0356567","山西新百川重工机械有限公司","2019-06-29T15:43:22","康静(0943)","2019-06-16T08:46:35","Y",null,null,"张红武(0478)",931,48.27,0]
["Y","RP135S010707","135S010707  千斤顶",null,"135S010707","GO-0478417",4,"件",4,800,{"v":3200,"d":"3200.00"},{"v":823.8938,"d":"823.89"},3295.58,428.42,{"v":0,"d":"0.00"},0,0,0,"08710010-14","电汇","徐健(1740)",4,"徐健(1740)",0,0,"2017-10-10","2019-04-29T14:37:01","2019-05-06T14:23:49","2019-05-06T14:23:49","配套件（RP）","68","PO-0360322","山西新百川重工机械有限公司","2019-06-29T15:43:22","康静(0943)","2019-06-16T08:46:40","Y",null,null,"张红武(0478)",931,48.27,0]
["Y","RP135S010707","135S010707  千斤顶",null,"135S010707","GO-0480920",2,"件",2,800,{"v":1600,"d":"1600.00"},{"v":823.8938,"d":"823.89"},1647.79,214.21,{"v":0,"d":"0.00"},0,0,0,"08710010-14","电汇","徐健(1740)",2,"徐健(1740)",0,0,"2014-08-26T15:27:17","2019-05-30T09:01:12","2019-05-31T14:12:49","2019-05-31T14:12:49","配套件（RP）","68","PO-0363597","山西新百川重工机械有限公司","2019-06-29T15:43:22","康静(0943)","2019-06-16T08:46:47","Y",null,null,"张红武(0478)",931,48.27,0]
["Y","RP135S010707","135S010707  千斤顶",null,"135S010707","GO-0482114",1,"件",1,800,{"v":800,"d":"800.00"},{"v":823.8938,"d":"823.89"},823.89,107.11,{"v":0,"d":"0.00"},0,0,0,"08710010-14","电汇","徐健(1740)",1,"徐健(1740)",0,0,"2017-10-10","2019-06-12T10:11:58","2019-06-12T15:45:31","2019-06-12T15:45:31","配套件（RP）","68","PO-0364754","山西新百川重工机械有限公司","2019-06-29T15:43:22","康静(0943)","2019-06-16T08:46:41","Y",null,null,"张红武(0478)",931,48.27,0]
["Y","RP135S010707","135S010707  千斤顶",null,"135S010707","GO-0484176",4,"件",4,800,{"v":3200,"d":"3200.00"},823.89,3295.57,428.43,{"v":0,"d":"0.00"},0,0,0,"02263459-66","电汇","徐健(1740)",4,"徐健(1740)",0,0,"2017-10-10","2019-07-05T10:31:50","2019-07-06T14:33:15","2019-07-06T14:33:15","配套件（RP）","68","PO-0365777","山西新百川重工机械有限公司","2019-08-21T14:01:26","康静(0943)","2019-08-07T10:44:05","Y",null,null,"张红武(0478)",931,48.27,0]
["Y","RP135S010707","135S010707  千斤顶",null,"135S010707","GO-0485982",2,"件",2,800,{"v":1600,"d":"1600.00"},{"v":823.8938,"d":"823.89"},1647.79,214.21,{"v":0,"d":"0.00"},0,0,0,"02263459-66","电汇","徐健(1740)",2,"徐健(1740)",0,0,"2017-10-10","2019-07-23T09:38:11","2019-07-29T07:56:58","2019-07-29T07:56:58","配套件（RP）","68","PO-0367059","山西新百川重工机械有限公司","2019-08-21T14:01:26","康静(0943)","2019-08-07T10:43:46","Y",null,null,"张红武(0478)",931,48.27,0]
["Y","RP135S01070A","135S010707A  千斤顶",null,"135S010707A","GO-0460417",4,"件",4,800,{"v":3200,"d":"3200.00"},802.59,3210.35,513.65,{"v":0,"d":"0.00"},0,0,0,"07241517-28","电汇","徐健(1740)",4,"徐健(1740)",0,0,"2017-12-25","2018-10-15T08:54:53","2018-10-15T17:53:38","2018-10-15T17:53:38","配套件（RP）","00","PO-0347071","山西煤机银利达机械制造有限公司","2019-01-17T08:36:55","康静(0943)","2019-01-14T09:55:59","Y",null,null,"张红武(0478)",931,0,0]
["Y","RP135S01070A","135S010707A  千斤顶",null,"135S010707A","GO-0461732",2,"件",2,800,{"v":1600,"d":"1600.00"},{"v":802.5862,"d":"802.59"},1605.17,256.83,{"v":0,"d":"0.00"},0,0,0,"07241517-28","电汇","徐健(1740)",2,"徐健(1740)",0,0,"2017-12-25","2018-10-26T12:31:27","2018-10-29T09:42:20","2018-10-29T09:42:20","配套件（RP）","00","PO-0344396","山西煤机银利达机械制造有限公司","2019-01-17T08:36:55","康静(0943)","2019-01-14T09:55:47","Y",null,null,"张红武(0478)",931,0,0]
["Y","RP135S01070A","135S010707A  千斤顶",null,"135S010707A","GO-0462813",2,"件",2,800,{"v":1600,"d":"1600.00"},{"v":802.5862,"d":"802.59"},1605.17,256.83,{"v":0,"d":"0.00"},0,0,0,"07241517-28","支票","徐健(1740)",2,"徐健(1740)",0,0,"2017-12-25","2018-11-07T14:30:16","2018-11-16T15:24:50","2018-11-16T15:24:50","配套件（RP）","00","PO-0347814","山西煤机银利达机械制造有限公司","2019-01-17T08:36:55","康静(0943)","2019-01-14T09:55:49","Y",null,null,"张红武(0478)",931,0,0]
["Y","RP135S01070A","135S010707A  千斤顶",null,"135S010707A","GO-0467017",2,"件",2,800,{"v":1600,"d":"1600.00"},{"v":802.5862,"d":"802.59"},1605.17,256.83,{"v":0,"d":"0.00"},0,0,0,"07241545-49","电汇","徐健(1740)",2,"徐健(1740)",0,0,"2017-12-25","2018-12-18T09:13:30","2018-12-21T10:48:20","2018-12-21T10:48:20","配套件（RP）","00","PO-0344396","山西煤机银利达机械制造有限公司","2019-03-11T17:25:52","康静(0943)","2019-03-07T08:43:04","Y",null,null,"张红武(0478)",931,0,0]
["Y","RP135S01070A","135S010707A  千斤顶",null,"135S010707A","GO-0467554",2,"件",2,800,{"v":1600,"d":"1600.00"},802.59,1605.18,256.82,{"v":0,"d":"0.00"},0,0,0,"07241545-49","电汇","徐健(1740)",2,"徐健(1740)",0,0,"2017-12-25","2018-12-24T09:03:09","2018-12-25T10:26:38","2018-12-25T10:26:38","配套件（RP）","00","PO-0344396","山西煤机银利达机械制造有限公司","2019-03-11T17:25:52","康静(0943)","2019-03-07T08:48:45","Y",null,null,"张红武(0478)",931,0,0]
["Y","RP135S01070A","135S010707A  千斤顶",null,"135S010707A","GO-0467555",2,"件",2,800,{"v":1600,"d":"1600.00"},{"v":802.5862,"d":"802.59"},1605.17,256.83,{"v":0,"d":"0.00"},0,0,0,"07241545-49","支票","徐健(1740)",2,"徐健(1740)",0,0,"2018-04-30","2018-12-24T09:03:09","2018-12-25T10:26:36","2018-12-25T10:26:36","配套件（RP）","00","PO-0349709","山西煤机银利达机械制造有限公司","2019-03-11T17:25:52","康静(0943)","2019-03-07T08:43:13","Y",null,null,"张红武(0478)",931,0,0]
["Y","RP135S01070A","135S010707A  千斤顶",null,"135S010707A","GO-0471097",2,"件",2,800,{"v":1600,"d":"1600.00"},802.59,1605.17,256.83,{"v":0,"d":"0.00"},0,0,0,"07241577","电汇","徐健(1740)",2,"徐健(1740)",0,0,"2018-04-30","2019-01-27T14:45:17","2019-01-29T11:46:47","2019-01-29T11:46:47","配套件（RP）","00","PO-0353877","山西煤机银利达机械制造有限公司","2019-04-22T14:53:01","康静(0943)","2019-04-01T11:48:46","Y",null,null,"张红武(0478)",931,0,0]
["Y","RP135S01070A","135S010707A  千斤顶",null,"135S010707A","GO-0473030",4,"件",4,800,{"v":3200,"d":"3200.00"},823.89,3295.57,428.43,{"v":0,"d":"0.00"},0,0,0,"00599487-94","电汇","徐健(1740)",4,"徐健(1740)",0,0,"2018-04-30","2019-03-04T09:17:11","2019-03-04T14:42:08","2019-03-04T14:42:08","配套件（RP）","00","PO-0353877","山西煤机银利达机械制造有限公司","2019-07-10T08:50:35","康静(0943)","2019-07-08T11:51:18","Y",null,null,"张红武(0478)",931,0,0]
["Y","RP135S01070A","135S010707A  千斤顶",null,"135S010707A","GO-0474026",2,"件",2,800,{"v":1600,"d":"1600.00"},{"v":823.8938,"d":"823.89"},1647.79,214.21,{"v":0,"d":"0.00"},0,0,0,"00599487-94","支票","徐健(1740)",2,"徐健(1740)",0,0,"2018-04-30","2019-03-14T08:57:18","2019-03-15T17:14:09","2019-03-15T17:14:09","配套件（RP）","00","PO-0357935","山西煤机银利达机械制造有限公司","2019-07-10T08:50:35","康静(0943)","2019-07-08T11:46:43","Y",null,null,"张红武(0478)",931,0,0]
["Y","RP135S01070A","135S010707A  千斤顶",null,"135S010707A","GO-0474805",4,"件",4,800,{"v":3200,"d":"3200.00"},{"v":823.8938,"d":"823.89"},3295.58,428.42,{"v":0,"d":"0.00"},0,0,0,"00599487-94","支票","徐健(1740)",4,"徐健(1740)",0,0,"2018-04-30","2019-03-22T08:39:17","2019-03-22T17:25:48","2019-03-22T17:25:48","配套件（RP）","00","PO-0356145","山西煤机银利达机械制造有限公司","2019-07-10T08:50:35","康静(0943)","2019-07-08T11:46:51","Y",null,null,"张红武(0478)",931,0,0]
["Y","RP135S01070A","135S010707A  千斤顶",null,"135S010707A","GO-0475580",2,"件",2,800,{"v":1600,"d":"1600.00"},{"v":823.8938,"d":"823.89"},1647.79,214.21,{"v":0,"d":"0.00"},0,0,0,"00599487-94","支票","徐健(1740)",2,"徐健(1740)",0,0,"2018-04-30","2019-03-29T07:59:48","2019-04-01T15:55:38","2019-04-01T15:55:38","配套件（RP）","00","PO-0356145","山西煤机银利达机械制造有限公司","2019-07-10T08:50:35","康静(0943)","2019-07-08T11:46:40","Y",null,null,"张红武(0478)",931,0,0]
["Y","RP135S01070A","135S010707A  千斤顶",null,"135S010707A","GO-0477505",2,"件",2,800,{"v":1600,"d":"1600.00"},{"v":823.8938,"d":"823.89"},1647.79,214.21,{"v":0,"d":"0.00"},0,0,0,"00599487-94","支票","徐健(1740)",2,"徐健(1740)",0,0,"2018-04-30","2019-04-22T09:03:27","2019-04-23T16:48:22","2019-04-23T16:48:22","配套件（RP）","00","PO-0356145","山西煤机银利达机械制造有限公司","2019-07-10T08:50:35","康静(0943)","2019-07-08T11:46:34","Y",null,null,"张红武(0478)",931,0,0]
["N","RP135S01070A","135S010707A  千斤顶",null,"135S010707A","GO-0481497",4,"件",4,800,{"v":3200,"d":"3200.00"},{"v":0,"d":"0.00"},{"v":0,"d":"0.00"},0,{"v":0,"d":"0.00"},0,0,0,null,"支票","徐健(1740)",4,"徐健(1740)",0,0,"2018-11-25","2019-06-06T08:09:40","2019-06-11T17:03:41","2019-06-11T17:03:41","配套件（RP）","00","PO-0359317","山西煤机银利达机械制造有限公司",null,"",null,"N",null,null,"张红武(0478)",931,0,0]
["N","RP135S01070A","135S010707A  千斤顶",null,"135S010707A","GO-0484936",2,"件",2,800,{"v":1600,"d":"1600.00"},{"v":0,"d":"0.00"},{"v":0,"d":"0.00"},0,{"v":0,"d":"0.00"},0,0,0,null,"支票","徐健(1740)",2,"徐健(1740)",0,0,"2019-03-19","2019-07-12T10:40:19","2019-07-12T14:30:15","2019-07-12T14:30:15","配套件（RP）","00","PO-0365740","山西煤机银利达机械制造有限公司",null,"",null,"N",null,null,"张红武(0478)",931,0,0]
["N","RP135S01070A","135S010707A  千斤顶",null,"135S010707A","GO-0484937",3,"件",3,800,{"v":2400,"d":"2400.00"},{"v":0,"d":"0.00"},{"v":0,"d":"0.00"},0,{"v":0,"d":"0.00"},0,0,0,null,"支票","徐健(1740)",3,"徐健(1740)",0,0,"2018-11-25","2019-07-12T10:40:19","2019-07-12T14:30:19","2019-07-12T14:30:19","配套件（RP）","00","PO-0362727","山西煤机银利达机械制造有限公司",null,"",null,"N",null,null,"张红武(0478)",931,0,0]
["Y","RP135S01070E","135S010707E  千斤顶",null,"135S010707E","GO-0469705",2,"件",2,980,{"v":1960,"d":"1960.00"},991.38,1982.76,317.24,{"v":0,"d":"0.00"},0,0,0,"07241577","电汇","徐健(1740)",2,"徐健(1740)",0,0,"2019-01-25","2019-01-14T09:06:15","2019-01-15T16:41:58","2019-01-15T16:41:58","配套件（RP）","00","PO-0353664","山西煤机银利达机械制造有限公司","2019-04-22T14:53:01","康静(0943)","2019-04-01T11:48:56","Y",null,null,"张红武(0478)",1150,0,0]
["Y","RP135S01070E","135S010707E  千斤顶",null,"135S010707E","GO-0481056",4,"件",4,980,{"v":3920,"d":"3920.00"},823.89,3295.57,428.43,{"v":0,"d":"0.00"},0,0,0,"08710010-14","电汇","徐健(1740)",4,"徐健(1740)",0,0,"2019-05-17","2019-05-30T15:07:53","2019-05-31T14:12:57","2019-05-31T14:12:57","配套件（RP）","00","PO-0362728","山西新百川重工机械有限公司","2019-06-29T15:43:22","康静(0943)","2019-06-16T08:49:16","Y",null,null,"张红武(0478)",931,0,0]
["Y","RP135S01070E","135S010707E  千斤顶",null,"135S010707E","GO-0485983",2,"件",2,980,{"v":1960,"d":"1960.00"},{"v":823.9,"d":"823.90"},1647.79,214.21,{"v":0,"d":"0.00"},0,0,0,"02263459-66","电汇","徐健(1740)",2,"徐健(1740)",0,0,"2019-05-17","2019-07-23T09:38:11","2019-07-29T07:57:02","2019-07-29T07:57:02","配套件（RP）","00","PO-0365818","山西新百川重工机械有限公司","2019-08-21T14:01:26","康静(0943)","2019-08-07T10:44:39","Y",null,null,"张红武(0478)",931,0,0]
["N","RP135S01070E","135S010707E  千斤顶",null,"135S010707E","GO-0488320",2,"件",2,980,{"v":1960,"d":"1960.00"},{"v":0,"d":"0.00"},{"v":0,"d":"0.00"},0,{"v":0,"d":"0.00"},0,0,0,null,"电汇","徐琳(0840)",2,"徐琳(0840)",0,0,"2019-05-17","2019-08-16T08:08:19","2019-08-16T15:53:26","2019-08-16T15:53:26","配套件（RP）","00","PO-0370553","山西新百川重工机械有限公司",null,"",null,"N",null,null,"张红武(0478)",931,0,0]
["Y","RP135S01070H","135S010707H  千斤顶",null,"135S010707H","GO-0458646",1,"件",1,2400,{"v":2400,"d":"2400.00"},2241.38,2241.38,358.62,{"v":0,"d":"0.00"},0,0,0,"07241517-28","电汇","徐健(1740)",1,"徐健(1740)",0,0,"2018-09-14","2018-09-21T07:53:24","2018-09-26T09:47:58","2018-09-26T09:47:58","配套件（RP）","00","PO-0344405","山西煤机银利达机械制造有限公司","2019-01-17T08:36:55","康静(0943)","2019-01-14T09:56:12","Y",null,null,"张红武(0478)",2600,0,0]
["Y","RP135S01070K","135S010707K  千斤顶","行程1000","135S010707K","GO-0458647",2,"件",2,4450,{"v":8900,"d":"8900.00"},3844.83,7689.66,1230.34,{"v":0,"d":"0.00"},0,0,0,"07241517-28","电汇","徐健(1740)",2,"徐健(1740)",0,0,"2018-09-14","2018-09-21T07:53:24","2018-09-26T09:47:59","2018-09-26T09:47:59","配套件（RP）","00","PO-0344406","山西煤机银利达机械制造有限公司","2019-01-17T08:36:55","康静(0943)","2019-01-14T09:56:24","Y",null,null,"张红武(0478)",4460,0,0]
["Y","RP182S150501","182S00/01150501 油缸",null,"182S00/01150501","GO-0453964",2,"件",2,430,{"v":860,"d":"860.00"},{"v":431.0345,"d":"431.03"},862.07,137.93,{"v":0,"d":"0.00"},0,0,0,"07241517-28","支票","赵祜源(0913)",2,"赵祜源(0913)",0,0,"2018-03-19","2018-08-03T12:42:08","2018-08-03T15:04:12","2018-08-03T15:04:12","配套件（RP）","00","PO-0342368","山西煤机银利达机械制造有限公司","2019-01-17T08:36:55","康静(0943)","2019-01-14T09:56:40","Y",null,null,"张红武(0478)",500,45,0]
["Y","RP182S150501","182S00/01150501 油缸",null,"182S00/01150501","GO-0462312",2,"件",2,430,{"v":860,"d":"860.00"},{"v":431.0345,"d":"431.03"},862.07,137.93,{"v":0,"d":"0.00"},0,0,0,"07241517-28","支票","徐健(1740)",2,"徐健(1740)",0,0,"2018-03-19","2018-11-02T08:40:22","2018-11-05T13:52:54","2018-11-05T13:52:54","配套件（RP）","00","PO-0342884","山西煤机银利达机械制造有限公司","2019-01-17T08:36:55","康静(0943)","2019-01-14T09:56:45","Y",null,null,"张红武(0478)",500,45,0]
["Y","RP182S150501","182S00/01150501 油缸",null,"182S00/01150501","GO-0473031",2,"件",2,430,{"v":860,"d":"860.00"},{"v":442.4778,"d":"442.48"},884.96,115.04,{"v":0,"d":"0.00"},0,0,0,"00599487-94","支票","徐健(1740)",2,"徐健(1740)",0,0,"2019-03-29","2019-03-04T09:17:11","2019-03-04T14:41:23","2019-03-04T14:41:23","配套件（RP）","00","PO-0356146","山西煤机银利达机械制造有限公司","2019-07-10T08:50:35","康静(0943)","2019-07-08T11:46:56","Y",null,null,"张红武(0478)",500,45,0]
["Y","RP182S150501","182S00/01150501 油缸",null,"182S00/01150501","GO-0474806",2,"件",2,430,{"v":860,"d":"860.00"},442.48,884.95,115.05,{"v":0,"d":"0.00"},0,0,0,"00599487-94","支票","徐健(1740)",2,"徐健(1740)",0,0,"2019-03-29","2019-03-22T08:39:17","2019-03-22T17:25:53","2019-03-22T17:25:53","配套件（RP）","00","PO-0359318","山西煤机银利达机械制造有限公司","2019-07-10T08:50:35","康静(0943)","2019-07-08T11:47:21","Y",null,null,"张红武(0478)",500,45,0]
["Y","RP182S150501","182S00/01150501 油缸",null,"182S00/01150501","GO-0474807",2,"件",2,430,{"v":860,"d":"860.00"},{"v":442.4778,"d":"442.48"},884.96,115.04,{"v":0,"d":"0.00"},0,0,0,"00599487-94","支票","徐健(1740)",2,"徐健(1740)",0,0,"2019-03-29","2019-03-22T08:39:17","2019-03-22T17:25:54","2019-03-22T17:25:54","配套件（RP）","00","PO-0356146","山西煤机银利达机械制造有限公司","2019-07-10T08:50:35","康静(0943)","2019-07-08T11:47:04","Y",null,null,"张红武(0478)",500,45,0]
["Y","RP182S15050B","182S00/01150501B 油缸",null,"182S00/01150501B","GO-0459453",1,"件",1,690,{"v":690,"d":"690.00"},{"v":689.655,"d":"689.66"},689.66,110.34,{"v":0,"d":"0.00"},0,0,0,"07241517-28","电汇","徐健(1740)",1,"徐健(1740)",0,0,"2018-06-28","2018-09-30T08:48:32","2018-09-30T18:01:25","2018-09-30T18:01:25","配套件（RP）","00","PO-0344407","山西煤机银利达机械制造有限公司","2019-01-17T08:36:55","康静(0943)","2019-01-14T09:58:57","Y",null,null,"张红武(0478)",800,0,0]
["Y","RP182S15050B","182S00/01150501B 油缸",null,"182S00/01150501B","GO-0459452",1,"件",1,690,{"v":690,"d":"690.00"},689.65,689.65,110.35,{"v":0,"d":"0.00"},0,0,0,"07241517-28","支票","徐健(1740)",1,"徐健(1740)",0,0,"2018-06-28","2018-09-30T08:48:32","2018-09-30T18:01:24","2018-09-30T18:01:24","配套件（RP）","00","PO-0338802","山西煤机银利达机械制造有限公司","2019-01-17T08:36:55","康静(0943)","2019-01-14T09:59:08","Y",null,null,"张红武(0478)",800,0,0]
["Y","RP182S15050B","182S00/01150501B 油缸",null,"182S00/01150501B","GO-0472890",1,"件",1,690,{"v":690,"d":"690.00"},707.96,707.96,92.04,{"v":0,"d":"0.00"},0,0,0,"00599487-94","支票","徐健(1740)",1,"徐健(1740)",0,0,"2018-06-28","2019-03-01T16:42:50","2019-03-04T14:41:07","2019-03-04T14:41:07","配套件（RP）","00","PO-0348427","山西煤机银利达机械制造有限公司","2019-07-10T08:50:35","康静(0943)","2019-07-08T11:47:33","Y",null,null,"张红武(0478)",800,0,0]
["Y","RP182S15050C","182S00/01150501C 油缸",null,"182S00/01150501C","GO-0468714",1,"件",1,450,{"v":450,"d":"450.00"},431.03,431.03,68.97,{"v":0,"d":"0.00"},0,0,0,"07241577","支票","徐健(1740)",1,"徐健(1740)",0,0,"2017-08-09","2019-01-07T09:23:19","2019-01-09T15:43:43","2019-01-09T15:43:43","配套件（RP）","00","PO-0349113","山西煤机银利达机械制造有限公司","2019-04-22T14:53:01","康静(0943)","2019-04-01T11:49:04","Y",null,null,"张红武(0478)",500,0,0]
["N","RP182S15050C","182S00/01150501C 油缸",null,"182S00/01150501C","GO-0482830",1,"件",1,450,{"v":450,"d":"450.00"},{"v":0,"d":"0.00"},{"v":0,"d":"0.00"},0,{"v":0,"d":"0.00"},0,0,0,null,"支票","徐健(1740)",1,"徐健(1740)",0,0,"2019-06-21","2019-06-20T16:35:25","2019-06-21T11:56:24","2019-06-21T11:56:24","配套件（RP）","00","PO-0362733","山西煤机银利达机械制造有限公司",null,"",null,"N",null,null,"张红武(0478)",500,0,0]
["Y","RP5012PZYSS1","自移机尾液控装置",null,"12PZYSS01F03","GO-0462814",1,"件",1,10500,{"v":10500,"d":"10500.00"},10344.83,10344.83,1655.17,{"v":0,"d":"0.00"},0,0,0,"07241517-28","支票","徐健(1740)",1,"徐健(1740)",0,0,"2018-11-23","2018-11-07T14:30:16","2018-11-16T15:24:51","2018-11-16T15:24:51","配套件（RP）","00","PO-0349715","山西煤机银利达机械制造有限公司","2019-01-17T08:36:55","康静(0943)","2019-01-14T09:59:31","Y",null,null,"张红武(0478)",12000,0,0]
["Y","RP5012PZYSS1","自移机尾液控装置",null,"12PZYSS01F03","GO-0480020",1,"件",1,10500,{"v":10500,"d":"10500.00"},10345.13,10345.13,1344.87,{"v":0,"d":"0.00"},0,0,0,"00599511-13","支票","徐健(1740)",1,"徐健(1740)",0,0,"2019-06-07","2019-05-20T08:58:40","2019-05-22T11:45:45","2019-05-22T11:45:45","配套件（RP）","00","PO-0361167","山西煤机银利达机械制造有限公司","2019-08-21T14:03:06","康静(0943)","2019-08-07T10:29:37","Y",null,null,"张红武(0478)",11690,0,0]
["Y","RP5012PZYSS1","自移机尾液控装置",null,"12PZYSS01F03","GO-0480944",1,"件",1,10500,{"v":10500,"d":"10500.00"},10619.47,10619.47,1380.53,{"v":0,"d":"0.00"},0,0,0,"00599511-13","支票","徐健(1740)",1,"徐健(1740)",0,0,"2019-06-07","2019-05-30T11:17:17","2019-05-31T14:11:11","2019-05-31T14:11:11","配套件（RP）","00","PO-0362746","山西煤机银利达机械制造有限公司","2019-08-21T14:03:06","康静(0943)","2019-08-07T10:27:45","Y",null,null,"张红武(0478)",12000,0,0]
["N","RP5012PZYSS1","自移机尾液控装置",null,"12PZYSS01F03","GO-0481217",1,"件",1,10500,{"v":10500,"d":"10500.00"},{"v":0,"d":"0.00"},{"v":0,"d":"0.00"},0,{"v":0,"d":"0.00"},0,0,0,null,"支票","徐健(1740)",1,"徐健(1740)",0,0,"2019-06-07","2019-06-03T08:37:29","2019-06-12T15:50:06","2019-06-12T15:50:06","配套件（RP）","00","PO-0364609","山西煤机银利达机械制造有限公司",null,"",null,"N",null,null,"张红武(0478)",12000,0,0]
["N","RP5012PZYSS1","自移机尾液控装置",null,"12PZYSS01F03","GO-0484178",1,"件",1,10500,{"v":10500,"d":"10500.00"},{"v":0,"d":"0.00"},{"v":0,"d":"0.00"},0,{"v":0,"d":"0.00"},0,0,0,null,"支票","徐健(1740)",1,"徐健(1740)",0,0,"2019-06-07","2019-07-05T10:34:19","2019-07-12T14:31:01","2019-07-12T14:31:01","配套件（RP）","00","PO-0365782","山西煤机银利达机械制造有限公司",null,"",null,"N",null,null,"张红武(0478)",12000,0,0]
["Y","RP70JWYG2550","JWYG250/500 机尾伸缩油缸",null,"JWYG250/500","GO-0460418",1,"件",1,6666,{"v":6666,"d":"6666.00"},6724.14,6724.14,1075.86,{"v":0,"d":"0.00"},0,0,0,"07241517-28","支票","徐健(1740)",1,"徐健(1740)",0,0,"2018-06-28","2018-10-15T08:54:53","2018-10-15T17:53:52","2018-10-15T17:53:52","配套件（RP）","00","PO-0344424","山西煤机银利达机械制造有限公司","2019-01-17T08:36:55","康静(0943)","2019-01-14T09:59:46","Y",null,null,"张红武(0478)",7800,0,0]
["N","RPA0000HTY01","HTY01 推移油缸(进口密封)","2700mm","HTY01","GO-0484179",2,"套.",2,39000,{"v":78000,"d":"78000.00"},{"v":0,"d":"0.00"},{"v":0,"d":"0.00"},0,{"v":0,"d":"0.00"},0,0,0,null,"支票","徐健(1740)",2,"徐健(1740)",0,0,"2019-05-16","2019-07-05T10:34:19","2019-07-12T14:32:04","2019-07-12T14:32:04","配套件（RP）","00","PO-0362465","山西煤机银利达机械制造有限公司",null,"",null,"N",null,null,"张红武(0478)",43000,0,0]
["N","RPA00A8PZY03","8PZY0403A 水平缸(进口密封)",null,"8PZY0403A","GO-0484180",2,"套.",2,2700,{"v":5400,"d":"5400.00"},{"v":0,"d":"0.00"},{"v":0,"d":"0.00"},0,{"v":0,"d":"0.00"},0,0,0,null,"支票","徐健(1740)",2,"徐健(1740)",0,0,"2019-05-16","2019-07-05T10:34:19","2019-07-12T14:32:27","2019-07-12T14:32:27","配套件（RP）","00","PO-0362466","山西煤机银利达机械制造有限公司",null,"",null,"N",null,null,"张红武(0478)",3000,0,0]
["N","RPA00D8PZY02","8PZY0402D立缸(进口密封)",null,"8PZY0402D","GO-0484181",4,"套.",4,3750,{"v":15000,"d":"15000.00"},{"v":0,"d":"0.00"},{"v":0,"d":"0.00"},0,{"v":0,"d":"0.00"},0,0,0,null,"支票","徐健(1740)",4,"徐健(1740)",0,0,"2019-05-16","2019-07-05T10:34:19","2019-07-12T14:32:36","2019-07-12T14:32:36","配套件（RP）","00","PO-0362467","山西煤机银利达机械制造有限公司",null,"",null,"N",null,null,"张红武(0478)",4200,0,0]
["N","RPA0FDHTG01E","FDHTG01AE 浮动护套缸(进口密封)",null,"FDHTG01AE","GO-0484182",2,"套.",2,3500,{"v":7000,"d":"7000.00"},{"v":0,"d":"0.00"},{"v":0,"d":"0.00"},0,{"v":0,"d":"0.00"},0,0,0,null,"支票","徐健(1740)",2,"徐健(1740)",0,0,"2019-05-16","2019-07-05T10:34:19","2019-07-12T14:32:44","2019-07-12T14:32:44","配套件（RP）","00","PO-0362468","山西煤机银利达机械制造有限公司",null,"",null,"N",null,null,"张红武(0478)",3908,0,0]
["Y","RPAYJ1160330","YG01160330A 油缸",null,"YG01160330A","GO-0453965",1,"件",1,3700,{"v":3700,"d":"3700.00"},{"v":3586.2,"d":"3586.20"},{"v":3586.2,"d":"3586.20"},573.8,{"v":0,"d":"0.00"},0,0,0,"07241517-28","支票","赵祜源(0913)",1,"赵祜源(0913)",0,0,"2018-04-30","2018-08-03T12:42:08","2018-08-03T15:10:13","2018-08-03T15:10:13","配套件（RP）","00","PO-0341650","山西煤机银利达机械制造有限公司","2019-01-17T08:36:55","康静(0943)","2019-01-14T10:00:13","Y",null,null,"张红武(0478)",4160,0,0]
["Y","RPAYJ1160330","YG01160330A 油缸",null,"YG01160330A","GO-0455016",1,"件",1,3700,{"v":3700,"d":"3700.00"},{"v":3586.2069,"d":"3586.21"},3586.21,573.79,{"v":0,"d":"0.00"},0,0,0,"07241517-28","支票","赵祜源(0913)",1,"赵祜源(0913)",0,0,"2018-04-30","2018-08-16T14:31:15","2018-08-16T15:31:31","2018-08-16T15:31:31","配套件（RP）","00","PO-0341650","山西煤机银利达机械制造有限公司","2019-01-17T08:36:55","康静(0943)","2019-01-14T09:59:59","Y",null,null,"张红武(0478)",4160,0,0]
["Y","RPAYJ1160330","YG01160330A 油缸",null,"YG01160330A","GO-0456408",1,"件",1,3700,{"v":3700,"d":"3700.00"},{"v":3586.2069,"d":"3586.21"},3586.21,573.79,{"v":0,"d":"0.00"},0,0,0,"07241517-28","支票","赵祜源(0913)",1,"赵祜源(0913)",0,0,"2018-04-30","2018-08-30T17:53:35","2018-09-02T09:31:01","2018-09-02T09:31:01","配套件（RP）","00","PO-0344189","山西煤机银利达机械制造有限公司","2019-01-17T08:36:55","康静(0943)","2019-01-14T10:00:03","Y",null,null,"张红武(0478)",4160,0,0]
["Y","RPAYJ1160330","YG01160330A 油缸",null,"YG01160330A","GO-0473032",3,"件",3,3700,{"v":11100,"d":"11100.00"},3681.42,11044.25,1435.75,{"v":0,"d":"0.00"},0,0,0,"00599487-94","支票","徐健(1740)",3,"徐健(1740)",0,0,"2019-03-10","2019-03-04T09:17:11","2019-03-04T14:41:48","2019-03-04T14:41:48","配套件（RP）","00","PO-0356183","山西煤机银利达机械制造有限公司","2019-07-10T08:50:35","康静(0943)","2019-07-08T11:47:48","Y",null,null,"张红武(0478)",4160,0,0]
["N","RPAYJ1160330","YG01160330A 油缸",null,"YG01160330A","GO-0482832",1,"件",1,3700,{"v":3700,"d":"3700.00"},{"v":0,"d":"0.00"},{"v":0,"d":"0.00"},0,{"v":0,"d":"0.00"},0,0,0,null,"支票","徐健(1740)",1,"徐健(1740)",0,0,"2019-06-24","2019-06-20T16:35:25","2019-06-21T11:56:40","2019-06-21T11:56:40","配套件（RP）","00","PO-0363562","山西煤机银利达机械制造有限公司",null,"",null,"N",null,null,"张红武(0478)",4160,0,0]
["N","RPAYJ1160330","YG01160330A 油缸",null,"YG01160330A","GO-0482831",1,"件",1,3700,{"v":3700,"d":"3700.00"},{"v":0,"d":"0.00"},{"v":0,"d":"0.00"},0,{"v":0,"d":"0.00"},0,0,0,null,"支票","徐健(1740)",1,"徐健(1740)",0,0,"2019-06-24","2019-06-20T16:35:25","2019-06-21T11:56:43","2019-06-21T11:56:43","配套件（RP）","00","PO-0362800","山西煤机银利达机械制造有限公司",null,"",null,"N",null,null,"张红武(0478)",4160,0,0]
["N","RPAYJ1160330","YG01160330A 油缸",null,"YG01160330A","GO-0486939",2,"件",2,3700,{"v":7400,"d":"7400.00"},{"v":0,"d":"0.00"},{"v":0,"d":"0.00"},0,{"v":0,"d":"0.00"},0,0,0,null,"支票","徐健(1740)",2,"徐健(1740)",0,0,"2019-06-24","2019-08-02T08:55:47","2019-08-07T09:23:53","2019-08-07T09:23:53","配套件（RP）","00","PO-0365768","山西煤机银利达机械制造有限公司",null,"",null,"N",null,null,"张红武(0478)",4160,0,0]
["N","RPDYJ1160330","YG01160330D 油缸",null,"YG01160330D","GO-0482833",1,"件",1,3700,{"v":3700,"d":"3700.00"},{"v":0,"d":"0.00"},{"v":0,"d":"0.00"},0,{"v":0,"d":"0.00"},0,0,0,null,"支票","徐健(1740)",1,"徐健(1740)",0,0,"2019-07-05","2019-06-20T16:35:25","2019-06-21T11:56:50","2019-06-21T11:56:50","配套件（RP）","00","PO-0363563","山西煤机银利达机械制造有限公司",null,"",null,"N",null,null,"张红武(0478)",4160,0,0]
["N","RPDYJ116033A","YG01160330DA 油缸",null,"YG01160330DA","GO-0482834",1,"件",1,3700,{"v":3700,"d":"3700.00"},{"v":0,"d":"0.00"},{"v":0,"d":"0.00"},0,{"v":0,"d":"0.00"},0,0,0,null,"支票","徐健(1740)",1,"徐健(1740)",0,0,"2019-07-05","2019-06-20T16:35:25","2019-06-21T11:58:06","2019-06-21T11:58:06","配套件（RP）","00","PO-0363564","山西煤机银利达机械制造有限公司",null,"",null,"N",null,null,"张红武(0478)",4160,0,0]
["Y","RPF000000080","YG0250110 提勾油缸","YG0250110",null,"GO-0468715",2,"件",2,450,{"v":900,"d":"900.00"},431.04,862.07,137.93,{"v":0,"d":"0.00"},0,0,0,"07241577","支票","徐健(1740)",2,"徐健(1740)",0,0,"2018-12-23","2019-01-07T09:23:19","2019-01-09T15:43:49","2019-01-09T15:43:49","配套件（RP）","00","PO-0352902","山西煤机银利达机械制造有限公司","2019-04-22T14:53:01","康静(0943)","2019-04-01T11:49:20","Y",null,null,"张红武(0478)",500,0,0]
["Y","RPF000000080","YG0250110 提勾油缸","YG0250110",null,"GO-0473476",2,"件",2,450,{"v":900,"d":"900.00"},442.48,884.96,115.04,{"v":0,"d":"0.00"},0,0,0,"00599487-94","支票","徐健(1740)",2,"徐健(1740)",0,0,"2018-12-23","2019-03-08T08:45:29","2019-03-08T15:20:35","2019-03-08T15:20:35","配套件（RP）","00","PO-0355534","山西煤机银利达机械制造有限公司","2019-07-10T08:50:35","康静(0943)","2019-07-08T11:47:58","Y",null,null,"张红武(0478)",500,0,0]
["Y","RPF000000081","YG031801600 推移油缸","YG031801600",null,"GO-0469706",2,"件",2,8000,{"v":16000,"d":"16000.00"},8189.66,16379.31,2620.69,{"v":0,"d":"0.00"},0,0,0,"07241577","支票","徐健(1740)",2,"徐健(1740)",0,0,"2018-12-23","2019-01-14T09:06:15","2019-01-15T16:41:27","2019-01-15T16:41:27","配套件（RP）","00","PO-0352903","山西煤机银利达机械制造有限公司","2019-04-22T14:53:01","康静(0943)","2019-04-01T11:49:39","Y",null,null,"张红武(0478)",9500,0,0]
["Y","RPF000000081","YG031801600 推移油缸","YG031801600",null,"GO-0475581",2,"件",2,8000,{"v":16000,"d":"16000.00"},8407.08,16814.16,2185.84,{"v":0,"d":"0.00"},0,0,0,"00599487-94","支票","徐健(1740)",2,"徐健(1740)",0,0,"2018-12-23","2019-03-29T07:59:48","2019-04-01T15:56:02","2019-04-01T15:56:02","配套件（RP）","00","PO-0355509","山西煤机银利达机械制造有限公司","2019-07-10T08:50:35","康静(0943)","2019-07-08T11:48:06","Y",null,null,"张红武(0478)",9500,0,0]
["Y","RPF000000085","调偏油缸","JYSG01",null,"GO-0475591",4,"件",4,950,{"v":3800,"d":"3800.00"},{"v":955.7522,"d":"955.75"},3823.01,496.99,{"v":0,"d":"0.00"},0,0,0,"08710010-14","电汇","徐健(1740)",4,"徐健(1740)",0,0,"2019-04-24","2019-03-29T08:01:30","2019-03-29T17:22:00","2019-03-29T17:22:00","配套件（RP）","00","PO-0359271","山西新百川重工机械有限公司","2019-06-29T15:43:22","康静(0943)","2019-06-16T08:46:04","Y",null,null,"张红武(0478)",1080,0,0]
["Y","RPF000000085","调偏油缸","JYSG01",null,"GO-0475590",4,"件",4,950,{"v":3800,"d":"3800.00"},{"v":955.7522,"d":"955.75"},3823.01,496.99,{"v":0,"d":"0.00"},0,0,0,"08710010-14","电汇","徐健(1740)",4,"徐健(1740)",0,0,"2014-08-26T15:27:17","2019-03-29T08:01:30","2019-03-29T17:22:02","2019-03-29T17:22:02","配套件（RP）","00","PO-0359581","山西新百川重工机械有限公司","2019-06-29T15:43:22","康静(0943)","2019-06-16T08:46:07","Y",null,null,"张红武(0478)",1080,0,0]
["Y","RPF000000086","调平缸","JYPG01",null,"GO-0475592",4,"件",4,2950,{"v":11800,"d":"11800.00"},3008.85,{"v":12035.4,"d":"12035.40"},1564.6,{"v":0,"d":"0.00"},0,0,0,"08710010-14","电汇","徐健(1740)",4,"徐健(1740)",0,0,"2019-04-24","2019-03-29T08:01:30","2019-03-30T17:15:11","2019-03-30T17:15:11","配套件（RP）","00","PO-0359272","山西新百川重工机械有限公司","2019-06-29T15:43:22","康静(0943)","2019-06-16T08:45:46","Y",null,null,"张红武(0478)",3400,0,0]
["Y","RPF000000087","油缸","JYZTG01",null,"GO-0475593",2,"件",2,2800,{"v":5600,"d":"5600.00"},2831.86,5663.72,736.28,{"v":0,"d":"0.00"},0,0,0,"08710010-14","电汇","徐健(1740)",2,"徐健(1740)",0,0,"2019-03-30","2019-03-29T08:01:30","2019-03-29T17:22:16","2019-03-29T17:22:16","配套件（RP）","00","PO-0359273","山西新百川重工机械有限公司","2019-06-29T15:43:22","康静(0943)","2019-06-16T08:45:29","Y",null,null,"张红武(0478)",3200,0,0]
["Y","RPF000000088","机尾油缸","JYWG01",null,"GO-0480812",2,"件",2,33500,{"v":67000,"d":"67000.00"},33274.34,66548.67,8651.33,{"v":0,"d":"0.00"},0,0,0,"08710010-14","电汇","徐健(1740)",2,"徐健(1740)",0,0,"2019-05-08","2019-05-29T08:42:07","2019-05-31T14:12:17","2019-05-31T14:12:17","配套件（RP）","00","PO-0363565","山西新百川重工机械有限公司","2019-06-29T15:43:22","康静(0943)","2019-06-16T08:44:45","Y",null,null,"张红武(0478)",37600,0,0]
[{"$nulls":8},{"v":1480,"d":"1480.00"},null,{"v":6552507,"d":"6552507.00"},null,{"v":5713571.600000001,"d":"5713571.60"},{"v":837339.7999999999,"d":"837339.80"},{"v":0,"d":"0.00"},{"v":0,"d":"0.00"},{"v":0,"d":"0.00"},{"v":0,"d":"0.00"}]

{"sheet":"sheet2","index":2,"n_rows":84,"n_cols":6,"rows_kept":84,"merged":[[0,0,0,2],[1,0,1,5]],"flags":["formulas_cached_only"]}
["附件3:"]
["2019年油缸预采购明细"]
["序号","物料号","名称","规格","预采购数量","投标报价"]
[1,"RP00000003YG","3YG 油缸",null,12]
[2,"RP00000004YG","4YG 油缸",null,300]
[3,"RP00000005YG","5YG 油缸",null,62]
[4,"RP0000004YGE","4YGE 油缸",null,100]
[5,"RP0000005YGE","5YGE 油缸",null,25]
[6,"RP000000B3YG","3YGB 油缸",null,3]
[7,"RP000001LY06","1LY06 拉移千斤顶",null,2]
[8,"RP00000HTY01","HTY01 推移油缸","2700mm",27]
[9,"RP00000HTY02","HTY02 推移油缸","2700mm",16]
[10,"RP00008PZY02","8PZY0402 立缸",null,38]
[11,"RP00008PZY03","8PZY0403 水平缸",null,20]
[12,"RP00012PZY03","12PZY0303 水平缸",null,22]
[13,"RP000A8PZY02","8PZY0402A 立缸",null,8]
[14,"RP000A8PZY03","8PZY0403A 水平缸",null,24]
[15,"RP000B8PZY02","8PZY0402B立缸",null,4]
[16,"RP000D8PZY02","8PZY0402D立缸",null,28]
[17,"RP000QTYG300","QTYG100300  调整油缸",null,4]
[18,"RP0012PZY03E","12PZY0303E 水平缸",null,18]
[19,"RP006ZZD0101","6ZZD0101 拉移千斤顶",null,2]
[20,"RP00AFDHTG01","FDHTG01A 浮动护套缸",null,45]
[21,"RP00B12PZY02","12PZY0302B 立缸",null,20]
[22,"RP00C12PZY02","12PZY0302C 立缸",null,26]
[23,"RP00FDHTG01E","FDHTG01AE 浮动护套缸",null,38]
[24,"RP00SSYG2701","SSYG2702 伸缩套筒缸",null,25]
[25,"RP00SSYG350A","SSYG3500A 伸缩套筒缸",null,2]
[26,"RP00YG018050","YG018050  插块油缸",null,8]
[27,"RP00YG018090","YG018090  插块油缸",null,5]
[28,"RP00YG01809D","YG018090DN  插块油缸",null,2]
[29,"RP00YGA18090","YG018090A  插块油缸",null,5]
[30,"RP00YGA1809D","YG018090AD 插块油缸",null,1]
[31,"RP00YGB18090","YG018090B  插块油缸",null,1]
[32,"RP00YGB1809D","YG018090DB  插块油缸",null,3]
[33,"RP010M160102","10M160102A    拉移千斤顶",null,2]
[34,"RP0B12PZY02D","12PZY0302CD 立缸",null,16]
[35,"RP0B12PZY03E","12PZY0302CE 立缸",null,33]
[36,"RP0JWG125250","YG01125250D 油缸",null,1]
[37,"RP0JWG12885B","YG01280850B  机尾油缸组件",null,4]
[38,"RP0JWG200500","YG01200500  机尾油缸",null,2]
[39,"RP0JWG20050A","YG01200500A  机尾油缸",null,2]
[40,"RP0JWG210280","YG02100280 机尾油缸组件",null,12]
[41,"RP0JWG25085D","YG01250850DN 油缸250/850",null,6]
[42,"RP0JWG250A50","YG01250500A  机尾油缸",null,4]
[43,"RP0JWG250B50","YG01250500B  机尾油缸",null,6]
[44,"RP0JWG520200","JWG200/520 机尾油缸",null,6]
[45,"RP0SSYG2701E","SSYG2702E 伸缩套筒缸",null,10]
[46,"RP0YG0214036","YG02140360A 紧链千斤顶",null,7]
[47,"RP0YG0214060","YG02140600A 紧链千斤顶",null,6]
[48,"RP0YG0250800","YG0250800 油缸",null,42]
[49,"RP0YG0600390","YG06100390油缸",null,1]
[50,"RP0YG1250850","YG01250850 油缸250/850",null,4]
[51,"RP0YG125085D","YG01250850D 机尾油缸",null,2]
[52,"RP0YG2140360","YG02140360  油缸",null,6]
[53,"RP0YG2631500","YG02631500 油缸",null,4]
[54,"RP0YGS018430","YGS0180430 推板油缸",null,68]
[55,"RP0YJ0163650","YG0163650   油缸",null,138]
[56,"RP0YJ1100280","YG01100280D 油缸",null,2]
[57,"RP0YJ1160330","YG01160330 油缸",null,10]
[58,"RP135S010707","135S010707  千斤顶",null,71]
[59,"RP135S01070A","135S010707A  千斤顶",null,39]
[60,"RP135S01070E","135S010707E  千斤顶",null,10]
[61,"RP135S01070H","135S010707H  千斤顶",null,1]
[62,"RP135S01070K","135S010707K  千斤顶","行程1000",2]
[63,"RP182S150501","182S00/01150501 油缸",null,10]
[64,"RP182S15050B","182S00/01150501B 油缸",null,3]
[65,"RP182S15050C","182S00/01150501C 油缸",null,2]
[66,"RP5012PZYSS1","自移机尾液控装置",null,5]
[67,"RP70JWYG2550","JWYG250/500 机尾伸缩油缸",null,1]
[68,"RPA0000HTY01","HTY01 推移油缸(进口密封)","2700mm",2]
[69,"RPA00A8PZY03","8PZY0403A 水平缸(进口密封)",null,2]
[70,"RPA00D8PZY02","8PZY0402D立缸(进口密封)",null,4]
[71,"RPA0FDHTG01E","FDHTG01AE 浮动护套缸(进口密封)",null,2]
[72,"RPAYJ1160330","YG01160330A 油缸",null,10]
[73,"RPDYJ1160330","YG01160330D 油缸",null,1]
[74,"RPDYJ116033A","YG01160330DA 油缸",null,1]
[75,"RPF000000080","YG0250110 提勾油缸","YG0250110",4]
[76,"RPF000000081","YG031801600 推移油缸","YG031801600",4]
[77,"RPF000000085","调偏油缸","JYSG01",8]
[78,"RPF000000086","调平缸","JYPG01",4]
[79,"RPF000000087","油缸","JYZTG01",2]
[80,"RPF000000088","机尾油缸","JYWG01",2]
[null,"总计",null,null,1480]

{"sheet":"sheet3","index":3,"n_rows":0,"n_cols":0,"rows_kept":0,"flags":["formulas_cached_only"]}

{"sheet":"sheet4","index":4,"n_rows":0,"n_cols":0,"rows_kept":0,"flags":["formulas_cached_only"]}